{"text_format":"1","workbook":"xlsx","n_sheets":1,"sheets":["VYHODNOCENÍ"],"not_rendered":{"charts":0,"images":0,"macros":1,"external_links":0,"defined_names":5,"comments":0,"pivot_tables":0},"unopened":[],"bounds":{"document_bytes":16777216,"sheet_cells":100000,"rows_first":2000,"rows_last":500,"rows_between":2000,"halvings":0,"cell_chars":16384,"cell_head_chars":4096},"cells_cut":0,"cells_raw":0,"read":"whole","date_system":"1900"}

{"sheet":"VYHODNOCENÍ","index":0,"n_rows":1171,"n_cols":20,"rows_kept":1171,"cut":false,"hidden":false,"merged":[]}
["VYHODNOCENÍ",null,null,null,"kurz EUR/CZK:",25.1,null,null,null,{"$f":"SUBTOTAL(9,J3:J1985)","v":1038.3799999999999},{"$f":"M1/J1","v":6128.9065659970347},{"$f":"N1/J1","v":244.08263834049211},{"$f":"SUBTOTAL(9,M3:M1985)","v":6364134},{"$f":"SUBTOTAL(9,N3:N1985)","v":253450.53000000017},{"$f":"P1/J1","v":9392.7385947340954},{"$f":"SUBTOTAL(9,P3:P1985)","v":9753231.9019999895},{"$f":"O1-K1","v":3263.8320287370607},{"$f":"S1/J1","v":374.21269301729507},{"$f":"SUBTOTAL(9,S3:S1985)","v":388574.9761752988}]
["EVIDENČNÍ ČÍSLO (Nummer)","ŠTÍTEK (Etikette)","ZÁMĚR (Bereitstellungsmeldung Nr.)","PŮVOD - PLO (Herkunft)","DŘEVINA (Holz)","DÉLKA (Lang)  [m]","STŘED. TLOUŠŤKA (Durchmesser)  [cm]","SORTIMENT","ZÓNA","m3","VYVOLÁVACÍ CENA [KČ/m3]","VYVOLÁVACÍ CENA (Startpreis) [EUR/m3]","VYVOLÁVACÍ CENA ZA KS (Kč)","VYVOLÁVACÍ CENA ZA KS (Startpreis Stk) (EUR)","VÍTĚZNÁ CENA [Kč/m3]","VÍTĚZNÁ CENA ZA KS (Kč)","VÍTĚZNÁ MÍNUS VYVOLÁVACÍ","VÍTĚZNÁ CENA (gewinnender Preis) (EUR/m3)","VÍTĚZNÁ CENA ZA KS (gewinnender Preis) (EUR)","ČETNOST NABÍDEK (Häufigkeit der Angebote)"]
[1,15642,2,null,"DB",6,49,"B","B",0.96,6000,239,5760,229.44,12725.7,12216.672,6725.7000000000007,507,486.71999999999997,4]
[2,15643,2,null,"DB",8,58,"C","C",1.8,5000,199,9000,358.2,7279,13102.2,2279,290,522,3]
[3,15644,2,null,"DB",8,56,"B","B",1.68,7500,299,12600,502.32,13195,22167.599999999999,5695,525.69721115537845,883.17131474103576,5]
[4,15645,2,null,"DB",7,57,"C","C",1.52,5000,199,7600,302.48,2250,3420,-2750,89.641434262948195,136.25498007968125,2]
[5,15646,2,null,"DB",6,47,"B","B",0.88,6000,239,5280,210.32,12725.7,11198.616,6725.7000000000007,507,446.16,4]
[6,15647,2,null,"DB",6,60,"D","C",1.45,3200,127,4640,184.15,2450,3552.5,-750,97.609561752988043,141.53386454183266,2]
[7,15648,2,null,"DB",6,72,"B","A",2.1,7500,299,15750,627.9,12725.7,26723.97,5225.7000000000007,507,1064.7,4]
[8,15649,2,null,"DB",8,54,"B","B",1.56,7500,299,11700,466.44,13195,20584.2,5695,525.69721115537845,820.08764940239041,5]
[9,15650,2,null,"DB",8,60,"C","B",1.93,5000,199,9650,384.07,7705.7000000000007,14872.001,2705.7000000000007,307,592.51,4]
[10,15651,2,null,"DB",5.2,61,"C","B",1.3,5000,199,6500,258.7,6121,7957.3,1121,243.86454183266932,317.02390438247011,3]
[11,15652,2,null,"DB",4,52,"C","C",0.72,5000,199,3600,143.28,2000,1440,-3000,79.681274900398407,57.370517928286851,1]
[12,15653,2,null,"MD",4,52,"C","C",0.71,3000,120,2130,85.199999999999989,5020,3564.2,2020,200,142,2]
[13,15654,2,null,"MD",4,56,"B","B",0.82,4000,159,3280,130.38,7530,6174.5999999999995,3530,300,245.99999999999997,4]
[14,15655,2,null,"MD",4,49,"B","B",0.63,4000,159,2520,100.17,7530,4743.8999999999996,3530,300,189,3]
[15,15656,2,null,"MD",4,50,"A","A",0.66,5500,219,3630,144.54000000000002,7228.8,4771.0080000000007,1728.8000000000002,288,190.08,4]
[16,15657,2,null,"MD",4,47,"B","B",0.57999999999999996,4000,159,2320,92.22,7228.8,4192.7039999999997,3228.8,288,167.04,4]
[17,15658,3,null,"DB",5,48,"B","B",0.77,6000,239,4620,184.03,12725.7,9798.7890000000007,6725.7000000000007,507,390.39,5]
[18,15659,3,null,"DB",4,50,"C","C",0.67,5000,199,3350,133.33000000000001,7279,4876.93,2279,290,194.3,3]
[19,15660,3,null,"DB",4,72,"C","B",1.4,5000,199,7000,278.59999999999997,7279,10190.599999999999,2279,290,406,3]
[20,15661,3,null,"DB",4,53,"B","B",0.75,7500,299,5625,224.25,11415,8561.25,3915,454.78087649402386,341.08565737051788,4]
[21,15662,3,null,"DB",4,55,"B","B",0.81,7500,299,6075,242.19000000000003,12315,9975.1500000000015,4815,490.63745019920316,397.4163346613546,4]
[22,15663,3,null,"DB",4.2,48,"C","C",0.64,4000,159,2560,101.76,6250,4000,2250,249.00398406374501,159.36254980079681,2]
[23,15664,3,null,"DB",4,61,"A","A",1,10000,398,10000,398,17522,17522,7522,698.08764940239041,698.08764940239041,5]
[24,15665,3,null,"DB",5,47,"B","B",0.73,6000,239,4380,174.47,12725.7,9289.7610000000004,6725.7000000000007,507,370.11,6]
[25,15666,3,null,"DB",2.5,52,"B","B",0.45,7500,299,3375,134.55000000000001,13195,5937.75,5695,525.69721115537845,236.5637450199203,3]
[26,15667,3,null,"DB",2.5,55,"A","A",0.51,10000,398,5100,202.98,14885,7591.35,4885,593.02788844621512,302.44422310756971,3]
[27,15668,3,null,"DB",2.5,54,"B","B",0.49,7500,299,3675,146.51,7750,3797.5,250,308.76494023904382,151.29482071713147,2]
[28,15669,3,null,"DB",4,61,"C","B",1,5000,199,5000,199,6250,6250,1250,249.00398406374501,249.00398406374501,2]
[29,15670,3,null,"DB",3,47,"A","A",0.44,8000,319,3520,140.36000000000001,8150,3586,150,324.70119521912346,142.86852589641433,2]
[30,15671,3,null,"DB",4,50,"B","B",0.67,7500,299,5025,200.33,11415,7648.05,3915,454.78087649402386,304.703187250996,3]
[31,15672,3,null,"DB",4,48,"B","B",0.61,6000,239,3660,145.79,13195,8048.95,7195,525.69721115537845,320.67529880478082,5]
[32,15673,3,null,"DB",4,50,"B","B",0.67,7500,299,5025,200.33,8450,5661.5,950,336.65338645418325,225.55776892430279,2]
[33,15674,3,null,"DB",4,48,"C","C",0.61,4000,159,2440,96.99,12315,7512.15,8315,490.63745019920316,299.28884462151393,3]
[34,15675,3,null,"DB",6,58,"A","A",1.35,10000,398,13500,537.30000000000007,15122,20414.7,5122,602.47011952191235,813.33466135458173,5]
[35,15676,3,null,"DB",6.6,60,"B","A",1.59,7500,299,11925,475.41,12725.7,20233.863000000001,5225.7000000000007,507,806.13,4]
[36,15677,3,null,"DB",7.1,48,"C","C",1.0900000000000001,4000,159,4360,173.31,8050,8774.5,4050,320.71713147410355,349.58167330677287,3]
[37,15678,3,null,"DB",7.1,50,"C","C",1.18,5000,199,5900,234.82,6150,7257,1150,245.0199203187251,289.1235059760956,2]
[38,15679,1,null,"MD",6.5,47,"A","A",0.94,5500,219,5170,205.85999999999999,5020,4718.8,-480,200,188,2]
[39,15680,1,null,"MD",7.1,51,"A","A",1.21,5500,219,6655,264.99,6275,7592.75,775,250,302.5,2]
[40,15681,1,null,"MD",6,48,"B","B",0.91,4000,159,3640,144.69,6275,5710.25,2275,250,227.5,2]
[41,15682,1,null,"MD",10,43,"B","B",1.21,4000,159,4840,192.39,"NEVYDRAŽENO","NEVYDRAŽENO",-2300,"NEVYDRAŽENO","NEVYDRAŽENO",1]
[42,15683,1,null,"MD",10,50,"B","B",1.64,4000,159,6560,260.76,4500,7380,500,179.28286852589639,294.02390438247005,2]
[43,15684,1,null,"DB",7.1,51,"A","A",1.23,10000,398,12300,489.54,13980.7,17196.261000000002,3980.7000000000007,557,685.11,4]
[44,15685,1,null,"MD",8,57,"B","B",1.71,4000,159,6840,271.89,4500,7695,500,179.28286852589639,306.5737051792828,3]
[45,15686,1,null,"DB",4.0999999999999996,50,"II","A",0.68,12000,478,8160.0000000000009,325.04000000000002,20406.300000000003,13876.284000000003,8406.3000000000029,813.00000000000011,552.84000000000015,5]
[46,15687,1,null,"MD",7,46,"A","A",0.97,5500,219,5335,212.43,7028,6817.16,1528,280,271.59999999999997,4]
[47,15688,1,null,"BK",10,54,"A","A",2.16,2800,112,6048,241.92000000000002,3037.1000000000004,6560.1360000000013,237.10000000000036,121.00000000000001,261.36000000000007,2]
[48,15689,1,null,"BK",6.5,60,"A","A",1.74,2800,112,4872,194.88,4342.3,7555.6019999999999,1542.3000000000002,173,301.02,3]
[49,15690,1,null,"MD",5,41,"A","A",0.55000000000000004,5500,219,3025.0000000000005,120.45,7530,4141.5,2030,300,165,2]
[50,15691,1,null,"DB",2.5,45,"A","A",0.34,8000,319,2720,108.46000000000001,9236.8000000000011,3140.5120000000006,1236.8000000000011,368,125.12,4]
[51,15692,1,null,"DB",2.5,40,"A","A",0.26,8000,319,2080,82.94,7750,2015,-250,308.76494023904382,80.278884462151396,2]
[52,15693,1,null,"DB",2.5,39,"A","B",0.25,5500,219,1375,54.75,8408.5,2102.125,2908.5,335,83.75,3]
[53,15694,1,null,"MD",5,46,"A","A",0.69,5500,219,3794.9999999999995,151.10999999999999,5020,3463.7999999999997,-480,200,138,2]
[54,15695,1,null,"BK",5.2,51,"C","C",1,1800,72,1800,72,"NEVYDRAŽENO","NEVYDRAŽENO",-600,"NEVYDRAŽENO","NEVYDRAŽENO",1]
[55,15696,1,null,"MD",6.2,55,"B","B",1.23,4000,159,4920,195.57,5020,6174.6,1020,200,246,4]
[56,15697,1,null,"DB",6.1,46,"A","A",0.86,8000,319,6880,274.33999999999997,13227.7,11375.822,5227.7000000000007,527,453.21999999999997,5]
[57,15698,4,14,"DB",10.7,55,"C","C",2.16,5000,199,10800,429.84000000000003,8634.4,18650.304,3634.3999999999996,343.99999999999994,743.04,5]
[58,15699,4,14,"DB",9.1999999999999993,53,"B","B",1.72,7500,299,12900,514.28,12223.7,21024.763999999999,4723.7000000000007,487,837.64,4]
[59,15700,4,14,"DB",10.6,43,"C","C",1.29,4000,159,5160,205.11,6777,8742.33,2777,270,348.3,3]
[60,15701,4,14,"DB",10.4,72,"D","B",3.64,3200,127,11648,462.28000000000003,4643.5,16902.34,1443.5,185,673.4,3]
[61,15702,4,14,"DB",7,52,"B","B",1.26,7500,299,9450,376.74,13195,16625.7,5695,525.69721115537845,662.37848605577688,5]
[62,15703,4,14,"DB",4,45,"B","B",0.54,6000,239,3240,129.06,11415,6164.1,5415,454.78087649402386,245.5816733067729,3]
[63,15704,4,14,"DB",4.4000000000000004,64,"B","A",1.21,7500,299,9075,361.78999999999996,10291,12452.109999999999,2791,410,496.09999999999997,3]
[64,15705,4,14,"DB",10.199999999999999,51,"B","B",1.77,7500,299,13275,529.23,10291,18215.07,2791,410,725.7,5]
[65,15706,4,14,"DB",10.199999999999999,53,"C","C",1.91,5000,199,9550,380.09,2250,4297.5,-2750,89.641434262948195,171.21513944223105,2]
[66,15707,4,14,"DB",6.9,47,"B","B",1.01,6000,239,6060,241.39000000000001,12223.7,12345.937000000002,6223.7000000000007,487,491.87,4]
[67,15708,4,14,"DB",9.3000000000000007,54,"C","C",1.81,5000,199,9050,360.19,6121,11079.01,1121,243.86454183266932,441.39482071713149,3]
[68,15709,4,14,"DB",7.1,51,"B","B",1.23,7500,299,9225,367.77,12223.7,15035.151,4723.7000000000007,487,599.01,4]
[69,15710,4,14,"DB",10.5,43,"B","B",1.28,6000,239,7680,305.92,11470.7,14682.496000000001,5470.7000000000007,457,584.96,5]
[70,15711,4,14,"DB",6.1,50,"B","B",1.02,7500,299,7650,304.98,11470.7,11700.114000000001,3970.7000000000007,457,466.14,4]
[71,15712,4,14,"DB",3.9,56,"D","C",0.82,3200,127,2624,104.14,1200,983.99999999999989,-2000,47.808764940239044,39.203187250996017,1]
[72,15713,4,14,"DB",4.0999999999999996,42,"D","C",0.48,2500,100,1200,48,1200,576,-1300,47.808764940239044,22.948207171314742,1]
[73,15714,4,14,"DB",4.0999999999999996,45,"II","A",0.55000000000000004,10000,398,5500,218.9,16365.2,9000.86,6365.2000000000007,652,358.6,3]
[74,15715,4,14,"DB",4,42,"C","C",0.47,4000,159,1880,74.72999999999999,2000,940,-2000,79.681274900398407,37.450199203187246,1]
[75,15716,10,null,"JS",4.9000000000000004,64,"II","A",1.35,4500,178,6075,240.3,6325.2000000000007,8539.0200000000023,1825.2000000000007,252.00000000000003,340.20000000000005,4]
[76,15717,10,null,"JS",5.9,57,"II","A",1.28,4500,178,5760,227.84,6325.2000000000007,8096.2560000000012,1825.2000000000007,252.00000000000003,322.56000000000006,4]
[77,15718,10,null,"JS",7.9,77,"A","A",3.17,3500,139,11095,440.63,7329.2000000000007,23233.564000000002,3829.2000000000007,292,925.64,4]
[78,15719,10,null,"JS",10.1,51,"A","A",1.75,3500,139,6125,243.25,4650,8137.5,1150,185.25896414342628,324.203187250996,2]
[79,15720,10,null,"JS",6.4,61,"A","A",1.6,3500,139,5600,222.4,6325.2000000000007,10120.320000000002,2825.2000000000007,252.00000000000003,403.20000000000005,3]
[80,15721,10,null,"JS",6.9,56,"II","A",1.45,4500,178,6525,258.09999999999997,5823.2000000000007,8443.6400000000012,1323.2000000000007,232.00000000000003,336.40000000000003,4]
[81,15722,10,null,"JS",6,44,"A","A",0.77,3500,139,2695,107.03,4750,3657.5,1250,189.24302788844619,145.71713147410358,2]
[82,15723,10,null,"JS",7.2,53,"B","B",1.35,3000,120,4050.0000000000005,162,4450,6007.5,1450,177.29083665338644,239.34262948207171,2]
[83,15724,10,null,"JS",9.6,44,"A","A",1.23,3500,139,4305,170.97,4650,5719.5,1150,185.25896414342628,227.86852589641433,2]
[84,15725,10,null,"JS",7.1,47,"A","A",1.04,3500,139,3640,144.56,4550,4732,1050,181.27490039840637,188.52589641434264,2]
[85,15726,10,null,"JS",4,65,"A","A",1.1399999999999999,3500,139,3989.9999999999995,158.45999999999998,5823.2000000000007,6638.4480000000003,2323.2000000000007,232.00000000000003,264.48,3]
[86,15727,10,null,"JS",5.4,61,"II","A",1.35,4500,178,6075,240.3,6827.2000000000007,9216.7200000000012,2327.2000000000007,272,367.20000000000005,3]
[87,15728,10,null,"JS",3.2,66,"II","A",0.94,4500,178,4230,167.32,4550,4277,50,181.27490039840637,170.39840637450197,2]
[88,15729,10,null,"JS",5.0999999999999996,66,"A","A",1.5,3500,139,5250,208.5,5823.2000000000007,8734.8000000000011,2323.2000000000007,232.00000000000003,348.00000000000006,3]
[89,15730,10,null,"JS",5.2,57,"II","A",1.1299999999999999,4500,178,5084.9999999999991,201.14,5823.2000000000007,6580.2160000000003,1323.2000000000007,232.00000000000003,262.16000000000003,4]
[90,15731,10,null,"JS",7.4,51,"II","A",1.28,4500,178,5760,227.84,5296.1,6779.0080000000007,796.10000000000036,211,270.08,4]
[91,15732,11,null,"JS",5,60,"B","A",1.21,3000,120,3630,145.19999999999999,5296.1,6408.2809999999999,2296.1000000000004,211,255.31,3]
[92,15733,11,null,"JS",4.5,62,"C","B",1.1599999999999999,2300,92,2668,106.72,3050,3537.9999999999995,750,121.51394422310756,140.95617529880477,2]
[93,15734,11,null,"JS",4.5999999999999996,52,"B","B",0.83,3000,120,2490,99.6,3050,2531.5,50,121.51394422310756,100.85657370517927,2]
[94,15735,11,null,"JS",5.4,49,"B","B",0.86,3000,120,2580,103.2,2000,1720,-1000,79.681274900398407,68.525896414342625,1]
[95,15736,11,null,"OL",4.8,56,"A","A",1.01,2000,80,2020,80.8,3790.1000000000004,3828.0010000000002,1790.1000000000004,151,152.51,2]
[96,15737,11,null,"OL",4.4000000000000004,48,"C","C",0.67,1500,60,1005.0000000000001,40.200000000000003,900,603,-600,35.856573705179279,24.023904382470118,1]
[97,15738,11,null,"JS",5,52,"C","C",0.9,2300,92,2070,82.8,2350,2115,50,93.625498007968119,84.262948207171306,2]
[98,15739,11,null,"JS",7.1,59,"A","A",1.66,3500,139,5810,230.73999999999998,4750,7885,1250,189.24302788844619,314.14342629482064,2]
[99,15740,11,null,"KL",5.2,45,"C","C",0.78,2000,80,1560,62.400000000000006,1200,936,-800,47.808764940239044,37.290836653386457,1]
[100,15741,11,null,"JS",6,53,"B","B",1.1200000000000001,3000,120,3360.0000000000005,134.4,4550,5096.0000000000009,1550,181.27490039840637,203.02788844621514,2]
[101,15742,11,null,"KL",5.4,43,"B","B",0.74,2800,112,2072,82.88,1200,888,-1600,47.808764940239044,35.378486055776889,1]
[102,15743,11,null,"OL",7,47,"B","B",1.03,1700,68,1751,70.040000000000006,900,927,-800,35.856573705179279,36.932270916334659,1]
[103,15744,11,null,"KL",5.4,41,"C","C",0.67,2000,80,1340,53.6,1200,804,-800,47.808764940239044,32.031872509960159,1]
[104,15745,11,null,"JS",6.1,40,"A","A",0.64,3500,139,2240,88.960000000000008,4550,2912,1050,181.27490039840637,116.01593625498008,2]
[105,15746,11,null,"JS",5.0999999999999996,42,"B","B",0.59,3000,120,1770,70.8,3050,1799.5,50,121.51394422310756,71.69322709163346,2]
[106,15747,11,null,"JS",4.0999999999999996,42,"B","B",0.48,3000,120,1440,57.599999999999994,3050,1464,50,121.51394422310756,58.326693227091624,2]
[107,15748,11,null,"OL",7.1,43,"C","C",0.87,1500,60,1305,52.2,900,783,-600,35.856573705179279,31.195219123505971,1]
[108,15749,9,null,"DB",3,53,"A","A",0.56000000000000005,10000,398,5600.0000000000009,222.88000000000002,13202.6,7393.456000000001,3202.6000000000004,526,294.56,3]
[109,15750,9,null,"DB",3,48,"II","A",0.46,10000,398,4600,183.08,16440.5,7562.63,6440.5,655,301.3,4]
[110,15751,9,null,"DB",2.5,53,"II","A",0.47,12000,478,5640,224.66,16641.3,7821.4109999999991,4641.2999999999993,662.99999999999989,311.60999999999996,4]
[111,15752,9,null,"DB",3,43,"II","A",0.37,10000,398,3700,147.26,12600.2,4662.0740000000005,2600.2000000000007,502,185.74,3]
[112,15753,9,null,"DB",3.5,51,"A","A",0.61,10000,398,6100,242.78,14633.300000000001,8926.3130000000001,4633.3000000000011,583,355.63,4]
[113,15754,9,null,"DB",3.5,44,"II","A",0.45,10000,398,4500,179.1,13195,5937.75,3195,525.69721115537845,236.5637450199203,3]
[114,15755,9,null,"DB",3,48,"II","A",0.46,10000,398,4600,183.08,15110.2,6950.6920000000009,5110.2000000000007,602,276.92,4]
[115,15756,9,null,"DB",3,42,"A","A",0.35,8000,319,2800,111.64999999999999,11696.6,4093.81,3696.6000000000004,466,163.1,3]
[116,15757,9,null,"DB",3,49,"A","A",0.48,8000,319,3840,153.12,14206.6,6819.1679999999997,6206.6,566,271.68,3]
[117,15758,9,null,"DB",3.5,47,"A","A",0.51,8000,319,4080,162.69,13195,6729.45,5195,525.69721115537845,268.10557768924303,4]
[118,15759,9,null,"DB",4,40,"A","A",0.42,8000,319,3360,133.97999999999999,13195,5541.9,5195,525.69721115537845,220.79282868525894,4]
[119,15760,9,null,"DB",4,45,"II","A",0.54,10000,398,5400,214.92000000000002,13930.5,7522.47,3930.5,555,299.70000000000005,5]
[120,15761,9,null,"DB",4,42,"A","A",0.47,8000,319,3760,149.92999999999998,14357.2,6747.884,6357.2000000000007,572,268.83999999999997,4]
[121,15762,9,null,"DB",4,60,"II","A",0.97,12000,478,11640,463.65999999999997,17522,16996.34,5522,698.08764940239041,677.14501992031865,6]
[122,15763,9,null,"DB",5,42,"II","A",0.57999999999999996,10000,398,5800,230.83999999999997,15486.7,8982.2860000000001,5486.7000000000007,617,357.85999999999996,3]
[123,15764,9,null,"DB",5,44,"A","A",0.64,8000,319,5120,204.16,12775.900000000001,8176.5760000000009,4775.9000000000015,509.00000000000006,325.76000000000005,5]
[124,15765,9,null,"DB",4,42,"A","A",0.47,8000,319,3760,149.92999999999998,15110.2,7101.7939999999999,7110.2000000000007,602,282.94,5]
[125,15766,9,null,"DB",4.0999999999999996,44,"II","A",0.53,10000,398,5300,210.94,15336.1,8128.1330000000007,5336.1,611,323.83000000000004,5]
[126,15767,9,null,"DB",3.5,62,"B","A",0.9,7500,299,6750,269.10000000000002,13195,11875.5,5695,525.69721115537845,473.12749003984061,4]
[127,15768,9,null,"DB",5,41,"II","A",0.55000000000000004,10000,398,5500,218.9,15110.2,8310.61,5110.2000000000007,602,331.1,5]
[128,15769,9,null,"DB",4,43,"A","A",0.49,8000,319,3920,156.31,14156.400000000001,6936.6360000000004,6156.4000000000015,564,276.36,5]
[129,15770,12,null,"MD",5,53,"C","C",0.92,3000,120,2760,110.4,4500,4140,1500,179.28286852589639,164.94023904382468,3]
[130,15771,12,null,"MD",5,62,"A","A",1.26,5500,219,6930,275.94,7530,9487.7999999999993,2030,300,378,3]
[131,15772,12,null,"MD",5,61,"A","A",1.22,5500,219,6710,267.18,9563.1,11666.982,4063.1000000000004,381,464.82,6]
[132,15773,12,null,"MD",5,48,"B","B",0.75,4000,159,3000,119.25,4300,3225,300,171.31474103585657,128.48605577689244,2]
[133,15774,12,null,"MD",5,51,"A","A",0.85,5500,219,4675,186.15,6000,5100,500,239.04382470119521,203.18725099601593,2]
[134,15775,12,null,"MD",5,59,"A","A",1.1399999999999999,5500,219,6269.9999999999991,249.65999999999997,9588.2000000000007,10930.548000000001,4088.2000000000007,382,435.47999999999996,4]
[135,15776,12,null,"MD",5,54,"B","B",0.96,4000,159,3840,152.63999999999999,4500,4320,500,179.28286852589639,172.11155378486052,2]
[136,15777,12,null,"MD",5,46,"B","B",0.69,4000,159,2760,109.71,4300,2966.9999999999995,300,171.31474103585657,118.20717131474102,3]
[137,15778,12,null,"MD",5,69,"A","A",1.56,5500,219,8580,341.64,10316.1,16093.116000000002,4816.1000000000004,411,641.16,6]
[138,15779,12,null,"MD",5,54,"A","A",0.96,5500,219,5280,210.23999999999998,1700,1632,-3800,67.729083665338635,65.019920318725084,1]
[139,15780,12,null,"MD",5,74,"A","A",1.8,5500,219,9900,394.2,7530,13554,2030,300,540,4]
[140,15781,12,null,"MD",5,50,"B","B",0.82,4000,159,3280,130.38,6751.9000000000005,5536.558,2751.9000000000005,269,220.57999999999998,3]
[141,15782,12,null,"MD",5,52,"A","A",0.89,5500,219,4895,194.91,8935.6,7952.6840000000002,3435.6000000000004,356,316.84000000000003,3]
[142,15783,12,null,"MD",5,56,"A","A",1.03,5500,219,5665,225.57,5000,5150,-500,199.203187250996,205.17928286852589,2]
[143,15784,12,null,"MD",5,51,"A","A",0.85,5500,219,4675,186.15,5000,4250,-500,199.203187250996,169.32270916334659,2]
[144,15785,12,null,"MD",5,58,"A","A",1.1100000000000001,5500,219,6105.0000000000009,243.09000000000003,7530,8358.3000000000011,2030,300,333.00000000000006,3]
[145,15786,12,null,"MD",5,49,"A","A",0.79,5500,219,4345,173.01000000000002,5500,4345,0,219.1235059760956,173.10756972111554,2]
[146,15787,12,null,"MD",5,51,"A","A",0.85,5500,219,4675,186.15,4500,3825,-1000,179.28286852589639,152.39043824701193,3]
[147,15788,12,null,"MD",5,46,"A","A",0.69,5500,219,3794.9999999999995,151.10999999999999,1700,1173,-3800,67.729083665338635,46.733067729083658,1]
[148,15789,12,null,"MD",5,53,"A","A",0.92,5500,219,5060,201.48000000000002,9588.2000000000007,8821.1440000000002,4088.2000000000007,382,351.44,3]
[149,15790,12,null,"MD",5,54,"II","A",0.96,7000,279,6720,267.83999999999997,8935.6,8578.1759999999995,1935.6000000000004,356,341.76,4]
[150,15791,12,null,"MD",5,55,"A","A",0.99,5500,219,5445,216.81,6000,5940,500,239.04382470119521,236.65338645418325,3]
[151,15792,12,null,"MD",5,53,"B","B",0.92,4000,159,3680,146.28,4500,4140,500,179.28286852589639,164.94023904382468,2]
[152,15793,13,null,"MD",5,52,"B","B",0.89,4000,159,3560,141.51,4500,4005,500,179.28286852589639,159.5617529880478,2]
[153,15794,13,null,"MD",5,54,"B","B",0.96,4000,159,3840,152.63999999999999,4500,4320,500,179.28286852589639,172.11155378486052,3]
[154,15795,13,null,"MD",5,59,"A","A",1.1399999999999999,5500,219,6269.9999999999991,249.65999999999997,6500,7409.9999999999991,1000,258.96414342629481,295.21912350597609,3]
[155,15796,13,null,"MD",5,59,"B","B",1.1399999999999999,4000,159,4560,181.26,6275,7153.4999999999991,2275,250,285,4]
[156,15797,13,null,"MD",5,51,"B","B",0.85,4000,159,3400,135.15,4500,3825,500,179.28286852589639,152.39043824701193,3]
[157,15798,13,null,"MD",5,50,"B","B",0.82,4000,159,3280,130.38,4500,3690,500,179.28286852589639,147.01195219123503,3]
[158,15799,13,null,"MD",5,55,"A","A",0.99,5500,219,5445,216.81,5000,4950,-500,199.203187250996,197.21115537848604,3]
[159,15800,13,null,"MD",5,53,"B","B",0.92,4000,159,3680,146.28,4200,3864,200,167.33067729083663,153.94422310756971,2]
[160,15801,13,null,"MD",5,57,"B","B",1.07,4000,159,4280,170.13000000000002,4200,4494,200,167.33067729083663,179.04382470119521,3]
[161,15802,13,null,"MD",5,59,"B","B",1.1399999999999999,4000,159,4560,181.26,7530,8584.1999999999989,3530,300,341.99999999999994,2]
[162,15803,13,null,"MD",5,62,"II","A",1.26,7000,279,8820,351.54,7530,9487.7999999999993,530,300,378,3]
[163,15804,13,null,"MD",5,59,"A","A",1.1399999999999999,5500,219,6269.9999999999991,249.65999999999997,7806.1,8898.9539999999997,2306.1000000000004,311,354.53999999999996,3]
[164,15805,13,null,"MD",5,60,"B","A",1.18,4000,159,4720,187.61999999999998,5000,5900,1000,199.203187250996,235.05976095617527,2]
[165,15806,13,null,"MD",5,48,"B","B",0.75,4000,159,3000,119.25,6275,4706.25,2275,250,187.5,3]
[166,15807,13,null,"MD",5,58,"B","B",1.1100000000000001,4000,159,4440,176.49,7530,8358.3000000000011,3530,300,333.00000000000006,4]
[167,15808,13,null,"MD",5,53,"B","B",0.92,4000,159,3680,146.28,4500,4140,500,179.28286852589639,164.94023904382468,3]
[168,15809,13,null,"MD",5,52,"B","B",0.89,4000,159,3560,141.51,4500,4005,500,179.28286852589639,159.5617529880478,3]
[169,15810,13,null,"MD",5,60,"B","A",1.18,4000,159,4720,187.61999999999998,10316.1,12172.998,6316.1,411,484.97999999999996,3]
[170,15811,13,null,"MD",5,55,"B","B",0.99,4000,159,3960,157.41,4500,4455,500,179.28286852589639,177.49003984063742,2]
[171,15812,13,null,"MD",5,63,"II","A",1.3,7000,279,9100,362.7,10316.1,13410.93,3316.1000000000004,411,534.30000000000007,5]
[172,15813,13,null,"MD",5,64,"B","A",1.35,4000,159,5400,214.65,8785,11859.75,4785,350,472.50000000000006,2]
[173,15814,13,null,"MD",5,50,"A","A",0.82,5500,219,4510,179.57999999999998,4500,3690,-1000,179.28286852589639,147.01195219123503,2]
[174,15815,13,null,"MD",5,56,"A","A",1.03,5500,219,5665,225.57,9588.2000000000007,9875.8460000000014,4088.2000000000007,382,393.46000000000004,4]
[175,15816,13,null,"MD",5,59,"B","B",1.1399999999999999,4000,159,4560,181.26,4500,5130,500,179.28286852589639,204.38247011952186,3]
[176,15817,13,null,"MD",5,68,"A","A",1.52,5500,219,8360,332.88,10316.1,15680.472000000002,4816.1000000000004,411,624.72,5]
[177,15818,13,null,"MD",5,48,"A","A",0.75,5500,219,4125,164.25,1700,1275,-3800,67.729083665338635,50.796812749003976,1]
[178,15819,13,null,"MD",5,56,"A","A",1.03,5500,219,5665,225.57,4500,4635,-1000,179.28286852589639,184.66135458167329,3]
[179,15820,13,null,"MD",5,53,"A","A",0.92,5500,219,5060,201.48000000000002,4200,3864,-1300,167.33067729083663,153.94422310756971,3]
[180,15821,13,null,"MD",5,52,"B","B",0.89,4000,159,3560,141.51,4200,3738,200,167.33067729083663,148.92430278884461,2]
[181,15822,6,17,"DB",3,60,"C","B",0.72,5000,199,3600,143.28,7354.3,5295.0959999999995,2354.3000000000002,293,210.95999999999998,3]
[182,15823,6,17,"DB",3,39,"A","B",0.3,5500,219,1650,65.7,11420.5,3426.15,5920.5,455,136.5,3]
[183,15824,6,17,"DB",4.5,43,"C","C",0.55000000000000004,4000,159,2200,87.45,7680.6,4224.3300000000008,3680.6000000000004,306,168.3,3]
[184,15825,6,17,"DB",5,50,"B","B",0.83,7500,299,6225,248.17,12223.7,10145.671,4723.7000000000007,487,404.21,3]
[185,15826,6,17,"DB",5,44,"B","B",0.64,6000,239,3840,152.96,11470.7,7341.2480000000005,5470.7000000000007,457,292.48,3]
[186,15827,6,17,"DB",6,45,"B","B",0.8,6000,239,4800,191.20000000000002,6350,5080,350,252.98804780876492,202.39043824701196,2]
[187,15828,6,17,"DB",6,47,"B","B",0.88,6000,239,5280,210.32,14357.2,12634.336000000001,8357.2000000000007,572,503.36,4]
[188,15829,6,17,"DB",6.5,40,"A","A",0.68,8000,319,5440,216.92000000000002,12725.7,8653.4760000000006,4725.7000000000007,507,344.76000000000005,3]
[189,15830,6,17,"DB",7.2,47,"B","B",1.06,6000,239,6360,253.34,12223.7,12957.122000000001,6223.7000000000007,487,516.22,3]
[190,15831,6,17,"DB",5.5,44,"A","A",0.7,8000,319,5600,223.29999999999998,12725.7,8907.99,4725.7000000000007,507,354.9,3]
[191,15832,6,17,"DB",6,45,"A","A",0.8,8000,319,6400,255.20000000000002,12725.7,10180.560000000001,4725.7000000000007,507,405.6,3]
[192,15833,6,17,"DB",5.5,49,"A","A",0.88,8000,319,7040,280.72000000000003,13227.7,11640.376,5227.7000000000007,527,463.76,3]
[193,15834,6,17,"DB",5,44,"B","B",0.64,6000,239,3840,152.96,5547.1,3550.1440000000002,-452.89999999999964,221,141.44,3]
[194,15835,6,17,"DB",5.5,48,"A","A",0.84,8000,319,6720,267.95999999999998,13704.6,11511.864,5704.6,546,458.64,4]
[195,15836,6,17,"DB",5.6,44,"A","A",0.72,8000,319,5760,229.67999999999998,13227.7,9523.9439999999995,5227.7000000000007,527,379.44,3]
[196,15837,6,17,"DB",3,40,"A","A",0.32,8000,319,2560,102.08,14357.2,4594.3040000000001,6357.2000000000007,572,183.04,3]
[197,15838,6,17,"DB",3.5,48,"A","A",0.54,8000,319,4320,172.26000000000002,15737.7,8498.3580000000002,7737.7000000000007,627,338.58000000000004,4]
[198,15839,6,17,"DB",3.5,43,"II","A",0.43,10000,398,4300,171.14,15285.900000000001,6572.9370000000008,5285.9000000000015,609,261.87,5]
[199,15840,6,17,"DB",3.5,53,"C","C",0.66,5000,199,3300,131.34,3150,2079,-1850,125.49800796812748,82.828685258964143,2]
[200,15841,6,17,"DB",3.5,53,"C","C",0.66,5000,199,3300,131.34,2550,1683,-2450,101.59362549800797,67.051792828685265,2]
[201,15842,6,17,"DB",3.5,58,"A","A",0.79,10000,398,7900,314.42,23016.7,18183.193000000003,13016.7,917,724.43000000000006,7]
[202,15843,6,17,"DB",4,50,"C","C",0.67,5000,199,3350,133.33000000000001,6250,4187.5,1250,249.00398406374501,166.83266932270917,2]
[203,15844,6,17,"DB",4,56,"B","B",0.84,7500,299,6300,251.16,15160.400000000001,12734.736000000001,7660.4000000000015,604,507.35999999999996,4]
[204,15845,6,17,"DB",4,47,"C","C",0.59,4000,159,2360,93.809999999999988,4050,2389.5,50,161.35458167330677,95.199203187250987,2]
[205,15846,6,17,"DB",4,56,"B","B",0.84,7500,299,6300,251.16,8350,7014,850,332.66932270916334,279.44223107569718,2]
[206,15847,6,17,"DB",5,43,"B","B",0.61,6000,239,3660,145.79,3000,1830,-3000,119.5219123505976,72.908366533864537,2]
[207,15848,6,17,"DB",4,49,"C","C",0.64,4000,159,2560,101.76,2550,1632,-1450,101.59362549800797,65.019920318725099,2]
[208,15849,6,17,"DB",4,46,"B","B",0.56000000000000005,6000,239,3360.0000000000005,133.84,12315,6896.4000000000005,6315,490.63745019920316,274.75697211155381,4]
[209,15850,6,17,"DB",4.5,39,"B","C",0.45,4500,179,2025,80.55,7279,3275.55,2779,290,130.5,3]
[210,15851,6,17,"DB",4.5,45,"B","B",0.6,6000,239,3600,143.4,12223.7,7334.22,6223.7000000000007,487,292.2,4]
[211,15852,6,17,"DB",4.5,50,"A","A",0.75,10000,398,7500,298.5,14181.5,10636.125,4181.5,565,423.75,5]
[212,15853,6,17,"DB",4.5,45,"A","A",0.6,8000,319,4800,191.4,8250,4950,250,328.68525896414343,197.21115537848604,2]
[213,15854,7,17,"DB",7,47,"B","B",1.03,6000,239,6180,246.17000000000002,6250,6437.5,250,249.00398406374501,256.47410358565736,2]
[214,15855,7,17,"DB",6.5,47,"B","B",0.95,6000,239,5700,227.04999999999998,12223.7,11612.514999999999,6223.7000000000007,487,462.65,4]
[215,15856,7,17,"DB",6,41,"A","A",0.66,8000,319,5280,210.54000000000002,12223.7,8067.6420000000007,4223.7000000000007,487,321.42,3]
[216,15857,7,17,"DB",7.1,48,"D","C",1.0900000000000001,2500,100,2725,109.00000000000001,2050,2234.5,-450,81.673306772908361,89.023904382470121,2]
[217,15858,7,17,"DB",5,43,"C","C",0.61,4000,159,2440,96.99,6150,3751.5,2150,245.0199203187251,149.46215139442231,2]
[218,15859,7,17,"DB",5.5,40,"A","A",0.57999999999999996,8000,319,4640,185.01999999999998,13930.5,8079.69,5930.5,555,321.89999999999998,4]
[219,15860,7,17,"DB",6,44,"B","B",0.77,6000,239,4620,184.03,14156.400000000001,10900.428000000002,8156.4000000000015,564,434.28000000000003,5]
[220,15861,7,17,"DB",6,43,"B","B",0.73,6000,239,4380,174.47,11470.7,8373.6110000000008,5470.7000000000007,457,333.61,3]
[221,15862,7,17,"DB",3,49,"B","B",0.48,6000,239,2880,114.72,15235.7,7313.1360000000004,9235.7000000000007,607,291.36,3]
[222,15863,7,17,"DB",3,52,"B","B",0.54,7500,299,4050.0000000000005,161.46,7650,4131,150,304.78087649402391,164.58167330677293,2]
[223,15864,7,17,"DB",2.4,46,"B","B",0.34,6000,239,2040.0000000000002,81.260000000000005,7750,2635,1750,308.76494023904382,104.9800796812749,2]
[224,15865,7,17,"DB",2.4,48,"A","A",0.37,8000,319,2960,118.03,7750,2867.5,-250,308.76494023904382,114.24302788844621,2]
[225,15866,7,17,"DB",3.5,43,"B","B",0.43,6000,239,2580,102.77,6750,2902.5,750,268.92430278884461,115.63745019920319,2]
[226,15867,7,17,"DB",3.5,45,"B","B",0.47,6000,239,2820,112.33,6050,2843.5,50,241.03585657370516,113.28685258964141,2]
[227,15868,7,17,"DB",3.5,44,"A","A",0.45,8000,319,3600,143.55000000000001,14106.2,6347.7900000000009,6106.2000000000007,562,252.9,4]
[228,15869,7,17,"DB",4,54,"B","B",0.78,7500,299,5850,233.22,12315,9605.7000000000007,4815,490.63745019920316,382.69721115537845,3]
[229,15870,7,17,"DB",4,56,"D","C",0.84,3200,127,2688,106.67999999999999,2950,2478,-250,117.52988047808765,98.725099601593627,2]
[230,15871,7,17,"DB",4,46,"A","A",0.56000000000000005,8000,319,4480,178.64000000000001,11415,6392.4000000000005,3415,454.78087649402386,254.67729083665338,3]
[231,15872,7,17,"DB",4,43,"C","C",0.49,4000,159,1960,77.91,6350,3111.5,2350,252.98804780876492,123.96414342629481,2]
[232,15873,7,17,"DB",4,49,"B","B",0.64,6000,239,3840,152.96,12315,7881.6,6315,490.63745019920316,314.00796812749002,3]
[233,15874,7,17,"DB",4,40,"B","B",0.42,6000,239,2520,100.38,3000,1260,-3000,119.5219123505976,50.199203187250994,2]
[234,15875,7,17,"DB",4,48,"C","C",0.61,4000,159,2440,96.99,2150,1311.5,-1850,85.657370517928285,52.250996015936252,2]
[235,15876,7,17,"DB",4,42,"D","C",0.47,2500,100,1175,47,1200,564,-1300,47.808764940239044,22.470119521912348,1]
[236,15877,7,17,"DB",4,49,"C","C",0.64,4000,159,2560,101.76,2150,1376,-1850,85.657370517928285,54.820717131474105,2]
[237,15878,7,17,"DB",4.5,43,"B","B",0.55000000000000004,6000,239,3300.0000000000005,131.45000000000002,12223.7,6723.0350000000008,6223.7000000000007,487,267.85000000000002,3]
[238,15879,7,17,"DB",4,42,"C","C",0.47,4000,159,1880,74.72999999999999,2000,940,-2000,79.681274900398407,37.450199203187246,1]
[239,15880,7,17,"DB",4.5,42,"B","B",0.52,6000,239,3120,124.28,3000,1560,-3000,119.5219123505976,62.151394422310759,2]
[240,15881,7,17,"DB",5,49,"B","B",0.8,6000,239,4800,191.20000000000002,11470.7,9176.5600000000013,5470.7000000000007,457,365.6,4]
[241,15882,7,17,"DB",4,49,"B","B",0.64,6000,239,3840,152.96,13195,8444.7999999999993,7195,525.69721115537845,336.44621513944224,4]
[242,15883,7,17,"DB",4,66,"D","C",1.17,3200,127,3744,148.59,1200,1404,-2000,47.808764940239044,55.936254980079681,1]
[243,15884,7,17,"DB",4,46,"C","C",0.56000000000000005,4000,159,2240,89.04,3150,1764.0000000000002,-850,125.49800796812748,70.278884462151396,2]
[244,15885,7,17,"DB",4.5,64,"A","A",1.24,10000,398,12400,493.52,20782.800000000003,25770.672000000002,10782.800000000003,828.00000000000011,1026.72,5]
[245,15886,7,17,"DB",3.9,41,"A","A",0.43,8000,319,3440,137.16999999999999,13579.1,5839.0129999999999,5579.1,541,232.63,3]
[246,15887,8,17,"DB",6.5,39,"C","C",0.65,3000,120,1950,78,5250,3412.5,2250,209.1633466135458,135.95617529880477,2]
[247,15888,8,17,"DB",5,39,"A","B",0.5,5500,219,2750,109.5,12625.300000000001,6312.6500000000005,7125.3000000000011,503,251.5,5]
[248,15889,8,17,"DB",6.5,61,"C","B",1.62,5000,199,8100.0000000000009,322.38,2000,3240,-3000,79.681274900398407,129.08366533864543,1]
[249,15890,8,17,"DB",6.5,64,"B","A",1.79,7500,299,13425,535.21,15122,27068.38,7622,602.47011952191235,1078.4215139442231,6]
[250,15891,8,17,"DB",5.5,49,"C","C",0.88,4000,159,3520,139.91999999999999,13177.5,11596.2,9177.5,525,462,4]
[251,15892,8,17,"DB",7,49,"A","A",1.1200000000000001,8000,319,8960,357.28000000000003,16139.300000000001,18076.016000000003,8139.3000000000011,643,720.16000000000008,6]
[252,15893,8,17,"DB",7.5,43,"B","B",0.92,6000,239,5520,219.88,11415,10501.800000000001,5415,454.78087649402386,418.39840637450197,5]
[253,15894,8,17,"DB",5,42,"B","B",0.57999999999999996,6000,239,3479.9999999999995,138.62,11470.7,6653.0060000000003,5470.7000000000007,457,265.06,5]
[254,15895,8,17,"DB",5.5,47,"C","C",0.81,4000,159,3240,128.79000000000002,2000,1620,-2000,79.681274900398407,64.541832669322716,1]
[255,15896,8,17,"DB",5,48,"A","A",0.77,8000,319,6160,245.63,13478.7,10378.599,5478.7000000000007,537,413.49,4]
[256,15897,8,17,"DB",5.5,50,"D","C",0.92,3200,127,2944,116.84,1200,1104,-2000,47.808764940239044,43.984063745019924,1]
[257,15898,8,17,"DB",8.1,49,"II","A",1.29,10000,398,12900,513.41999999999996,20406.300000000003,26324.127000000004,10406.300000000003,813.00000000000011,1048.7700000000002,10]
[258,15899,8,17,"DB",8.1,43,"A","A",0.99,8000,319,7920,315.81,13729.7,13592.403,5729.7000000000007,547,541.53,6]
[259,15900,8,17,"DB",8,42,"B","B",0.93,6000,239,5580,222.27,6250,5812.5,250,249.00398406374501,231.57370517928288,2]
[260,15901,8,17,"DB",8,44,"B","B",1.02,6000,239,6120,243.78,11470.7,11700.114000000001,5470.7000000000007,457,466.14,4]
[261,15902,8,17,"DB",7.5,42,"D","C",0.87,2500,100,2175,87,2850,2479.5,350,113.54581673306772,98.784860557768923,2]
[262,15903,8,17,"DB",8,49,"C","C",1.28,4000,159,5120,203.52,3250,4160,-750,129.48207171314741,165.73705179282868,2]
[263,15904,8,17,"DB",5,57,"B","B",1.0900000000000001,7500,299,8175.0000000000009,325.91000000000003,12775.900000000001,13925.731000000003,5275.9000000000015,509.00000000000006,554.81000000000006,6]
[264,15905,8,17,"DB",5,60,"D","C",1.21,3200,127,3872,153.66999999999999,1200,1452,-2000,47.808764940239044,57.848605577689241,1]
[265,15906,8,17,"DB",5.5,55,"A","A",1.1100000000000001,10000,398,11100.000000000002,441.78000000000003,12122,13455.420000000002,2122,482.94820717131472,536.07250996015944,4]
[266,15907,8,17,"DB",4,52,"B","B",0.72,7500,299,5400,215.28,10291,7409.5199999999995,2791,410,295.2,3]
[267,15908,19,null,"MD",5.2,52,"B","B",0.92,4000,159,3680,146.28,5300,4876,1300,211.15537848605575,194.26294820717129,3]
[268,15909,19,null,"MD",5,43,"A","A",0.6,5500,219,3300,131.4,7755.9000000000005,4653.54,2255.9000000000005,309,185.4,4]
[269,15910,19,null,"MD",5.0999999999999996,53,"II","A",0.94,7000,279,6580,262.26,9538,8965.7199999999993,2538,380,357.2,6]
[270,15911,19,null,"MD",5,53,"II","A",0.92,7000,279,6440,256.68,8935.6,8220.7520000000004,1935.6000000000004,356,327.52000000000004,5]
[271,15912,19,null,"MD",5,55,"A","A",0.99,5500,219,5445,216.81,6275,6212.25,775,250,247.5,4]
[272,15913,19,null,"MD",5.2,45,"II","A",0.69,7000,279,4830,192.51,7002.9000000000005,4832.0010000000002,2.9000000000005457,279,192.51,2]
[273,15914,19,null,"MD",5,62,"II","A",1.26,7000,279,8820,351.54,11681,14718.06,4681,465.37848605577688,586.37689243027887,6]
[274,15915,19,null,"MD",5.0999999999999996,49,"B","B",0.8,4000,159,3200,127.2,5020,4016,1020,200,160,2]
[275,15916,19,null,"MD",5,49,"A","A",0.79,5500,219,4345,173.01000000000002,7806.1,6166.8190000000004,2306.1000000000004,311,245.69,5]
[276,15917,19,null,"MD",5.0999999999999996,46,"II","A",0.71,7000,279,4970,198.09,7806.1,5542.3310000000001,806.10000000000036,311,220.81,3]
[277,15918,19,null,"MD",5,45,"A","A",0.66,5500,219,3630,144.54000000000002,8006.9000000000005,5284.554000000001,2506.9000000000005,319,210.54000000000002,4]
[278,15919,19,null,"MD",5.0999999999999996,68,"II","A",1.55,7000,279,10850,432.45,13561,21019.55,6561,540.27888446215138,837.43227091633469,6]
[279,15920,19,null,"MD",5,52,"II","A",0.89,7000,279,6230,248.31,9561,8509.2900000000009,2561,380.91633466135454,339.01553784860556,6]
[280,15921,19,null,"MD",5,48,"II","A",0.75,7000,279,5250,209.25,9261,6945.75,2261,368.96414342629481,276.72310756972109,5]
[281,15922,19,null,"MD",5,64,"II","A",1.35,7000,279,9450,376.65000000000003,9681,13069.35,2681,385.69721115537845,520.69123505976097,6]
[282,15923,19,null,"MD",5,53,"II","A",0.92,7000,279,6440,256.68,8561,7876.12,1561,341.07569721115539,313.78964143426299,5]
[283,15924,19,null,"MD",5.0999999999999996,50,"A","A",0.84,5500,219,4620,183.95999999999998,6861,5763.24,1361,273.34661354581669,229.61115537848602,4]
[284,15925,19,null,"MD",5,53,"II","A",0.92,7000,279,6440,256.68,9461,8704.1200000000008,2461,376.93227091633463,346.77768924302785,5]
[285,15926,19,null,"MD",5.0999999999999996,45,"II","A",0.68,7000,279,4760,189.72000000000003,6275,4267,-725,250,170,3]
[286,15927,19,null,"MD",5.0999999999999996,48,"II","A",0.77,7000,279,5390,214.83,8561,6591.97,1561,341.07569721115539,262.62828685258967,3]
[287,15928,19,null,"MD",5.0999999999999996,57,"II","A",1.0900000000000001,7000,279,7630.0000000000009,304.11,8961,9767.4900000000016,1961,357.01195219123503,389.14302788844623,5]
[288,15929,19,null,"MD",5.0999999999999996,49,"II","A",0.8,7000,279,5600,223.20000000000002,8935.6,7148.4800000000005,1935.6000000000004,356,284.8,5]
[289,15930,19,null,"MD",5.0999999999999996,49,"II","A",0.8,7000,279,5600,223.20000000000002,7681,6144.8,681,306.01593625498009,244.81274900398409,5]
[290,15931,19,null,"MD",5,46,"II","A",0.69,7000,279,4830,192.51,6275,4329.75,-725,250,172.5,3]
[291,15932,19,null,"MD",5.0999999999999996,48,"A","A",0.77,5500,219,4235,168.63,8935.6,6880.4120000000003,3435.6000000000004,356,274.12,5]
[292,15933,19,null,"MD",5.2,49,"II","A",0.82,7000,279,5740,228.77999999999997,7530,6174.5999999999995,530,300,245.99999999999997,3]
[293,15934,19,null,"MD",5,48,"A","A",0.75,5500,219,4125,164.25,6275,4706.25,775,250,187.5,2]
[294,15935,19,null,"MD",5,51,"A","A",0.85,5500,219,4675,186.15,8621,7327.8499999999995,3121,343.46613545816729,291.94621513944219,4]
[295,15936,14,null,"DB",3,47,"B","B",0.44,6000,239,2640,105.16,15461.6,6803.1040000000003,9461.6,616,271.04000000000002,3]
[296,15937,14,null,"DB",3.1,51,"II","A",0.54,12000,478,6480,258.12,23016.7,12429.018000000002,11016.7,917,495.18,5]
[297,15938,14,null,"DB",3.2,47,"A","A",0.47,8000,319,3760,149.92999999999998,10918.5,5131.6949999999997,2918.5,435,204.45,3]
[298,15939,14,null,"DB",3,47,"B","B",0.44,6000,239,2640,105.16,3000,1320,-3000,119.5219123505976,52.589641434262944,2]
[299,15940,14,null,"DB",3.1,46,"A","A",0.43,8000,319,3440,137.16999999999999,8050,3461.5,50,320.71713147410355,137.90836653386452,2]
[300,15941,14,null,"DB",3.1,46,"A","A",0.43,8000,319,3440,137.16999999999999,8050,3461.5,50,320.71713147410355,137.90836653386452,2]
[301,15942,14,null,"DB",3,47,"B","B",0.44,6000,239,2640,105.16,6650,2926,650,264.9402390438247,116.57370517928287,2]
[302,15943,14,null,"DB",3.1,41,"A","A",0.34,8000,319,2720,108.46000000000001,9663.5,3285.59,1663.5,385,130.9,3]
[303,15944,14,null,"DB",3.1,48,"A","A",0.47,8000,319,3760,149.92999999999998,15762.800000000001,7408.5160000000005,7762.8000000000011,628,295.15999999999997,3]
[304,15945,14,null,"DB",3.1,73,"A","A",1.1200000000000001,10000,398,11200.000000000002,445.76000000000005,8050,9016,-1950,320.71713147410355,359.203187250996,2]
[305,15946,14,null,"DB",3,47,"B","B",0.44,6000,239,2640,105.16,9362.3000000000011,4119.4120000000003,3362.3000000000011,373,164.12,3]
[306,15947,14,null,"DB",3.2,53,"A","A",0.6,10000,398,6000,238.79999999999998,16315.000000000002,9789,6315.0000000000018,650,390,3]
[307,15948,14,null,"DB",3,42,"B","B",0.35,6000,239,2100,83.649999999999991,3000,1050,-3000,119.5219123505976,41.832669322709158,2]
[308,15949,14,null,"DB",3.1,53,"A","A",0.57999999999999996,10000,398,5800,230.83999999999997,11861,6879.3799999999992,1861,472.54980079681275,274.07888446215139,4]
[309,15950,14,null,"DB",3,60,"B","A",0.72,7500,299,5400,215.28,3000,2160,-4500,119.5219123505976,86.055776892430274,2]
[310,15951,14,null,"DB",3,48,"B","B",0.46,6000,239,2760,109.94,6650,3059,650,264.9402390438247,121.87250996015936,2]
[311,15952,14,null,"DB",3,44,"B","B",0.38,6000,239,2280,90.820000000000007,6650,2527,650,264.9402390438247,100.67729083665338,2]
[312,15953,14,null,"DB",5,51,"A","A",0.87,10000,398,8700,346.26,13227.7,11508.099,3227.7000000000007,527,458.49,5]
[313,15954,14,null,"DB",4,69,"C","B",1.28,5000,199,6400,254.72,2150,2752,-2850,85.657370517928285,109.64143426294821,2]
[314,15955,14,null,"DB",4.0999999999999996,56,"A","A",0.86,10000,398,8600,342.28,16465.600000000002,14160.416000000001,6465.6000000000022,656,564.16,6]
[315,15956,14,null,"DB",4.3,52,"A","A",0.78,10000,398,7800,310.44,13227.7,10317.606000000002,3227.7000000000007,527,411.06,6]
[316,15957,14,null,"DB",3,53,"B","B",0.56000000000000005,7500,299,4200,167.44000000000003,3000,1680.0000000000002,-4500,119.5219123505976,66.932270916334659,2]
[317,15958,14,null,"DB",3,40,"B","B",0.32,6000,239,1920,76.48,3000,960,-3000,119.5219123505976,38.247011952191237,2]
[318,15959,14,null,"DB",3.1,45,"A","A",0.42,8000,319,3360,133.97999999999999,11169.5,4691.1899999999996,3169.5,445,186.9,3]
[319,15960,14,null,"DB",3,43,"B","B",0.37,6000,239,2220,88.429999999999993,3000,1110,-3000,119.5219123505976,44.223107569721115,2]
[320,15961,14,null,"DB",3.1,41,"A","A",0.34,8000,319,2720,108.46000000000001,10165.5,3456.2700000000004,2165.5,405,137.70000000000002,3]
[321,15962,14,null,"DB",3.1,41,"A","A",0.34,8000,319,2720,108.46000000000001,11671.5,3968.3100000000004,3671.5,465,158.10000000000002,3]
[322,15963,14,null,"DB",3.4,58,"B","B",0.77,7500,299,5775,230.23000000000002,6250,4812.5,-1250,249.00398406374501,191.73306772908367,3]
[323,15964,14,null,"DB",3,50,"B","B",0.5,7500,299,3750,149.5,3000,1500,-4500,119.5219123505976,59.760956175298801,2]
[324,15965,14,null,"DB",3,49,"C","C",0.48,4000,159,1920,76.319999999999993,2150,1032,-1850,85.657370517928285,41.115537848605577,2]
[325,15966,14,null,"DB",3,45,"B","B",0.4,6000,239,2400,95.600000000000009,6550,2620,550,260.95617529880479,104.38247011952193,2]
[326,15967,14,null,"DB",3.2,40,"A","A",0.34,8000,319,2720,108.46000000000001,11395.400000000001,3874.4360000000006,3395.4000000000015,454.00000000000006,154.36000000000004,3]
[327,15968,14,null,"DB",3.2,41,"A","A",0.35,8000,319,2800,111.64999999999999,11696.6,4093.81,3696.6000000000004,466,163.1,3]
[328,15969,14,null,"DB",4.2,52,"A","A",0.76,10000,398,7600,302.48,13227.7,10053.052000000001,3227.7000000000007,527,400.52,5]
[329,15970,14,null,"DB",4.0999999999999996,49,"A","A",0.65,8000,319,5200,207.35,12315,8004.75,4315,490.63745019920316,318.91434262948206,5]
[330,15971,14,null,"DB",4.0999999999999996,46,"A","A",0.57999999999999996,8000,319,4640,185.01999999999998,11546,6696.6799999999994,3546,460,266.79999999999995,3]
[331,15972,15,null,"DB",3.1,53,"B","B",0.57999999999999996,7500,299,4350,173.42,7650,4437,150,304.78087649402391,176.77290836653387,2]
[332,15973,15,null,"DB",3.1,42,"B","B",0.36,6000,239,2160,86.039999999999992,6550,2358,550,260.95617529880479,93.944223107569726,2]
[333,15974,15,null,"DB",3.1,42,"A","A",0.36,8000,319,2880,114.83999999999999,8050,2898,50,320.71713147410355,115.45816733067727,2]
[334,15975,15,null,"DB",3.1,43,"A","A",0.38,8000,319,3040,121.22,13026.900000000001,4950.2220000000007,5026.9000000000015,519,197.22,3]
[335,15976,15,null,"DB",3.1,39,"A","B",0.31,5500,219,1705,67.89,7655.5,2373.2049999999999,2155.5,305,94.55,3]
[336,15977,15,null,"DB",3.1,40,"B","B",0.33,6000,239,1980,78.87,6550,2161.5,550,260.95617529880479,86.115537848605584,2]
[337,15978,15,null,"DB",3,48,"A","A",0.46,8000,319,3680,146.74,10561,4858.0600000000004,2561,420.75697211155375,193.54820717131474,3]
[338,15979,15,null,"DB",3.2,53,"A","A",0.6,10000,398,6000,238.79999999999998,9561,5736.5999999999995,-439,380.91633466135454,228.54980079681272,3]
[339,15980,15,null,"DB",3.1,67,"C","B",0.94,5000,199,4700,187.06,2150,2020.9999999999998,-2850,85.657370517928285,80.51792828685258,2]
[340,15981,15,null,"DB",3.1,57,"A","A",0.67,10000,398,6700,266.66000000000003,4000,2680,-6000,159.36254980079681,106.77290836653387,2]
[341,15982,15,null,"DB",3.1,44,"B","B",0.4,6000,239,2400,95.600000000000009,3000,1200,-3000,119.5219123505976,47.808764940239044,2]
[342,15983,15,null,"DB",4,51,"B","B",0.69,7500,299,5175,206.30999999999997,10491.800000000001,7239.3420000000006,2991.8000000000011,418,288.41999999999996,4]
[343,15984,15,null,"DB",5.0999999999999996,45,"A","A",0.68,8000,319,5440,216.92000000000002,12725.7,8653.4760000000006,4725.7000000000007,507,344.76000000000005,4]
[344,15985,15,null,"DB",5.0999999999999996,47,"A","A",0.75,8000,319,6000,239.25,13227.7,9920.7750000000015,5227.7000000000007,527,395.25,5]
[345,15986,15,null,"DB",6.1,44,"A","A",0.78,8000,319,6240,248.82000000000002,13227.7,10317.606000000002,5227.7000000000007,527,411.06,4]
[346,15987,15,null,"DB",5.0999999999999996,51,"B","B",0.88,7500,299,6600,263.12,10291,9056.08,2791,410,360.8,4]
[347,15988,15,null,"DB",6.2,43,"A","A",0.76,8000,319,6080,242.44,13604.2,10339.192000000001,5604.2000000000007,542,411.92,5]
[348,15989,15,null,"DB",5.2,51,"A","A",0.9,10000,398,9000,358.2,13227.7,11904.93,3227.7000000000007,527,474.3,4]
[349,15990,15,null,"DB",4,42,"C","C",0.47,4000,159,1880,74.72999999999999,2150,1010.4999999999999,-1850,85.657370517928285,40.25896414342629,2]
[350,15991,15,null,"DB",3.1,44,"A","A",0.4,8000,319,3200,127.60000000000001,11621.300000000001,4648.5200000000004,3621.3000000000011,463,185.20000000000002,3]
[351,15992,15,null,"DB",6.1,43,"II","A",0.75,10000,398,7500,298.5,15135.300000000001,11351.475,5135.3000000000011,603,452.25,6]
[352,15993,15,null,"DB",5,46,"A","A",0.7,8000,319,5600,223.29999999999998,13855.2,9698.64,5855.2000000000007,552,386.4,6]
[353,15994,15,null,"DB",5.0999999999999996,42,"II","A",0.59,10000,398,5900,234.82,13227.7,7804.3429999999998,3227.7000000000007,527,310.93,4]
[354,15995,15,null,"DB",7.1,43,"II","A",0.87,10000,398,8700,346.26,13478.7,11726.469000000001,3478.7000000000007,537,467.19,5]
[355,15996,15,null,"DB",3.1,53,"A","A",0.57999999999999996,10000,398,5800,230.83999999999997,10868.300000000001,6303.6140000000005,868.30000000000109,433,251.14,3]
[356,15997,15,null,"DB",3.1,40,"A","A",0.33,8000,319,2640,105.27000000000001,8050,2656.5,50,320.71713147410355,105.83665338645417,2]
[357,15998,15,null,"DB",6.2,41,"A","A",0.69,8000,319,5520,220.10999999999999,13227.7,9127.1129999999994,5227.7000000000007,527,363.63,4]
[358,15999,15,null,"DB",4.2,61,"A","A",1.05,10000,398,10500,417.90000000000003,13980.7,14679.735000000001,3980.7000000000007,557,584.85,5]
[359,16000,15,null,"DB",4,53,"B","B",0.75,7500,299,5625,224.25,10291,7718.25,2791,410,307.5,3]
[360,16001,15,null,"DB",5.0999999999999996,41,"A","A",0.56000000000000005,8000,319,4480,178.64000000000001,13227.7,7407.5120000000015,5227.7000000000007,527,295.12,5]
[361,16002,15,null,"DB",5.0999999999999996,43,"A","A",0.62,8000,319,4960,197.78,13227.7,8201.1740000000009,5227.7000000000007,527,326.74,5]
[362,16003,15,null,"DB",5.0999999999999996,52,"D","C",0.92,3200,127,2944,116.84,6121,5631.3200000000006,2921,243.86454183266932,224.35537848605577,3]
[363,16004,20,null,"MD",5.0999999999999996,56,"A","A",1.05,5500,219,5775,229.95000000000002,6000,6300,500,239.04382470119521,250.99601593625496,2]
[364,16005,20,null,"MD",5,51,"A","A",0.85,5500,219,4675,186.15,7806.1,6635.1850000000004,2306.1000000000004,311,264.34999999999997,4]
[365,16006,20,null,"MD",5,67,"A","A",1.48,5500,219,8140,324.12,10561,15630.28,5061,420.75697211155375,622.72031872509956,6]
[366,16007,20,null,"MD",5.2,57,"II","A",1.1100000000000001,7000,279,7770.0000000000009,309.69000000000005,9681,10745.910000000002,2681,385.69721115537845,428.12390438247013,6]
[367,16008,20,null,"MD",5,53,"A","A",0.92,5500,219,5060,201.48000000000002,8661,7968.1200000000008,3161,345.0597609561753,317.45498007968126,5]
[368,16009,20,null,"MD",5.0999999999999996,49,"II","A",0.8,7000,279,5600,223.20000000000002,9010.9,7208.72,2010.8999999999996,358.99999999999994,287.2,6]
[369,16010,20,null,"MD",5,53,"A","A",0.92,5500,219,5060,201.48000000000002,8261,7600.12,2761,329.1235059760956,302.79362549800794,6]
[370,16011,20,null,"MD",5.0999999999999996,53,"A","A",0.94,5500,219,5170,205.85999999999999,7681,7220.1399999999994,2181,306.01593625498009,287.65498007968125,5]
[371,16012,20,null,"MD",5,51,"A","A",0.85,5500,219,4675,186.15,8935.6,7595.26,3435.6000000000004,356,302.59999999999997,5]
[372,16013,20,null,"MD",5.0999999999999996,54,"A","A",0.98,5500,219,5390,214.62,9588.2000000000007,9396.4359999999997,4088.2000000000007,382,374.36,6]
[373,16014,20,null,"MD",5,47,"A","A",0.72,5500,219,3960,157.68,8761,6307.92,3261,349.04382470119521,251.31155378486054,4]
[374,16015,20,null,"MD",5.0999999999999996,50,"A","A",0.84,5500,219,4620,183.95999999999998,8935.6,7505.9040000000005,3435.6000000000004,356,299.03999999999996,6]
[375,16016,20,null,"MD",5.0999999999999996,47,"II","A",0.74,7000,279,5180,206.46,8461,6261.14,1461,337.09163346613542,249.44780876494022,5]
[376,16017,20,null,"MD",5.0999999999999996,49,"A","A",0.8,5500,219,4400,175.20000000000002,9181,7344.8,3681,365.77689243027885,292.62151394422307,6]
[377,16018,20,null,"MD",5.0999999999999996,47,"A","A",0.74,5500,219,4070,162.06,8461,6261.14,2961,337.09163346613542,249.44780876494022,2]
[378,16019,20,null,"MD",5.0999999999999996,54,"A","A",0.98,5500,219,5390,214.62,8107.3,7945.1540000000005,2607.3000000000002,323,316.54000000000002,5]
[379,16020,20,null,"MD",5.0999999999999996,50,"A","A",0.84,5500,219,4620,183.95999999999998,8107.3,6810.1319999999996,2607.3000000000002,323,271.32,6]
[380,16021,20,null,"MD",5.0999999999999996,52,"A","A",0.9,5500,219,4950,197.1,8935.6,8042.0400000000009,3435.6000000000004,356,320.40000000000003,4]
[381,16022,20,null,"MD",5.0999999999999996,51,"A","A",0.87,5500,219,4785,190.53,6261,5447.07,761,249.44223107569721,217.01474103585656,3]
[382,16023,20,null,"MD",5,47,"A","A",0.72,5500,219,3960,157.68,8508.9,6126.4079999999994,3008.8999999999996,338.99999999999994,244.07999999999996,4]
[383,16024,20,null,"MD",5.0999999999999996,47,"A","A",0.74,5500,219,4070,162.06,5500,4070,0,219.1235059760956,162.15139442231074,2]
[384,16025,20,null,"MD",5,50,"B","B",0.82,4000,159,3280,130.38,4521,3707.22,521,180.11952191235059,147.69800796812748,3]
[385,16026,20,null,"MD",5.0999999999999996,49,"A","A",0.8,5500,219,4400,175.20000000000002,8257.9,6606.32,2757.8999999999996,328.99999999999994,263.2,4]
[386,16027,20,null,"MD",5,50,"II","A",0.82,7000,279,5740,228.77999999999997,9261,7594.0199999999995,2261,368.96414342629481,302.55059760956175,6]
[387,16028,20,null,"MD",5.0999999999999996,53,"A","A",0.94,5500,219,5170,205.85999999999999,6275,5898.5,775,250,235,5]
[388,16029,20,null,"MD",5,46,"A","A",0.69,5500,219,3794.9999999999995,151.10999999999999,8257.9,5697.9509999999991,2757.8999999999996,328.99999999999994,227.00999999999993,4]
[389,16030,20,null,"MD",5,60,"A","A",1.18,5500,219,6490,258.41999999999996,10843.2,12794.976000000001,5343.2000000000007,432,509.76,6]
[390,16031,21,null,"DB",3.1,55,"B","B",0.63,7500,299,4725,188.37,6952.7000000000007,4380.2010000000009,-547.29999999999927,277,174.51,2]
[391,16032,21,null,"DB",3,54,"B","B",0.57999999999999996,7500,299,4350,173.42,7850,4553,350,312.74900398406373,181.39442231075697,2]
[392,16033,21,null,"DB",4,52,"C","C",0.72,5000,199,3600,143.28,7279,5240.88,2279,290,208.79999999999998,3]
[393,16034,21,null,"DB",4,52,"A","A",0.72,10000,398,7200,286.56,13195,9500.4,3195,525.69721115537845,378.50199203187248,6]
[394,16035,21,null,"DB",4,49,"B","B",0.64,6000,239,3840,152.96,12315,7881.6,6315,490.63745019920316,314.00796812749002,4]
[395,16036,21,null,"DB",4,54,"B","B",0.78,7500,299,5850,233.22,13177.5,10278.450000000001,5677.5,525,409.5,6]
[396,16037,21,null,"DB",4,54,"A","A",0.78,10000,398,7800,310.44,14885,11610.300000000001,4885,593.02788844621512,462.56175298804783,4]
[397,16038,21,null,"DB",4,54,"B","B",0.78,7500,299,5850,233.22,16942.5,13215.15,9442.5,675,526.5,5]
[398,16039,21,null,"DB",4,47,"B","B",0.59,6000,239,3540,141.01,9725,5737.75,3725,387.45019920318725,228.59561752988046,4]
[399,16040,21,null,"DB",4,63,"B","A",1.07,7500,299,8025.0000000000009,319.93,20782.800000000003,22237.596000000005,13282.800000000003,828.00000000000011,885.96000000000015,6]
[400,16041,21,null,"DB",4,57,"B","B",0.87,7500,299,6525,260.13,11415,9931.0499999999993,3915,454.78087649402386,395.65936254980073,3]
[401,16042,21,null,"DB",4,50,"A","A",0.67,10000,398,6700,266.66000000000003,12315,8251.0500000000011,2315,490.63745019920316,328.72709163346616,4]
[402,16043,21,null,"DB",4,61,"C","B",1,5000,199,5000,199,2000,2000,-3000,79.681274900398407,79.681274900398407,2]
[403,16044,21,null,"DB",4,49,"C","C",0.64,4000,159,2560,101.76,8358.3000000000011,5349.3120000000008,4358.3000000000011,333,213.12,3]
[404,16045,21,null,"DB",3.1,53,"C","C",0.57999999999999996,5000,199,2900,115.41999999999999,2000,1160,-3000,79.681274900398407,46.21513944223107,2]
[405,16046,21,null,"DB",3,45,"B","B",0.4,6000,239,2400,95.600000000000009,6750,2700,750,268.92430278884461,107.56972111553785,2]
[406,16047,21,null,"DB",4,53,"B","B",0.75,7500,299,5625,224.25,11415,8561.25,3915,454.78087649402386,341.08565737051788,5]
[407,16048,21,null,"DB",4,46,"B","B",0.56000000000000005,6000,239,3360.0000000000005,133.84,9789,5481.84,3789,390,218.40000000000003,4]
[408,16049,21,null,"DB",4,52,"B","B",0.72,7500,299,5400,215.28,12315,8866.7999999999993,4815,490.63745019920316,353.25896414342628,5]
[409,16050,21,null,"DB",4,52,"B","B",0.72,7500,299,5400,215.28,10291,7409.5199999999995,2791,410,295.2,5]
[410,16051,21,null,"DB",4,57,"C","C",0.87,5000,199,4350,173.13,12315,10714.05,7315,490.63745019920316,426.85458167330677,6]
[411,16052,21,null,"DB",4,51,"B","B",0.69,7500,299,5175,206.30999999999997,12315,8497.3499999999985,4815,490.63745019920316,338.53984063745014,4]
[412,16053,21,null,"DB",4,50,"B","B",0.67,7500,299,5025,200.33,10291,6894.97,2791,410,274.7,5]
[413,16054,21,null,"DB",4,42,"C","C",0.47,4000,159,1880,74.72999999999999,6450,3031.5,2450,256.97211155378483,120.77689243027886,2]
[414,16055,21,null,"DB",4,49,"A","A",0.64,8000,319,5120,204.16,11546,7389.4400000000005,3546,460,294.40000000000003,4]
[415,16056,21,null,"DB",4,46,"B","B",0.56000000000000005,6000,239,3360.0000000000005,133.84,3000,1680.0000000000002,-3000,119.5219123505976,66.932270916334659,1]
[416,16057,21,null,"DB",4,45,"C","C",0.54,4000,159,2160,85.86,2000,1080,-2000,79.681274900398407,43.027888446215144,1]
[417,16058,21,null,"DB",4.0999999999999996,50,"C","C",0.68,5000,199,3400.0000000000005,135.32000000000002,6450,4386,1450,256.97211155378483,174.74103585657369,2]
[418,16059,21,null,"DB",4,63,"A","A",1.07,10000,398,10700,425.86,14885,15926.95,4885,593.02788844621512,634.5398406374502,4]
[419,16060,21,null,"DB",4,43,"C","C",0.49,4000,159,1960,77.91,2150,1053.5,-1850,85.657370517928285,41.972111553784856,2]
[420,16061,21,null,"DB",4,44,"B","B",0.51,6000,239,3060,121.89,12315,6280.6500000000005,6315,490.63745019920316,250.22509960159363,5]
[421,16062,16,null,"MD",5,60,"B","A",1.18,4000,159,4720,187.61999999999998,"NEVYDRAŽENO","NEVYDRAŽENO",-2300,"NEVYDRAŽENO","NEVYDRAŽENO",1]
[422,16063,16,null,"MD",5,56,"II","A",1.03,7000,279,7210,287.37,11320.1,11659.703000000001,4320.1000000000004,451,464.53000000000003,6]
[423,16064,16,null,"MD",5,48,"A","A",0.75,5500,219,4125,164.25,8935.6,6701.7000000000007,3435.6000000000004,356,267,6]
[424,16065,16,null,"DB",3.1,52,"II","A",0.56000000000000005,12000,478,6720.0000000000009,267.68,21661.300000000003,12130.328000000003,9661.3000000000029,863.00000000000011,483.28000000000009,5]
[425,16066,16,null,"DB",3.1,60,"II","A",0.75,12000,478,9000,358.5,13102.2,9826.6500000000015,1102.2000000000007,522,391.5,3]
[426,16067,16,null,"DB",2.5,48,"II","A",0.38,10000,398,3800,151.24,13328.1,5064.6779999999999,3328.1000000000004,531,201.78,4]
[427,16068,16,null,"DB",3.1,50,"II","A",0.52,12000,478,6240,248.56,14081.1,7322.1720000000005,2081.1000000000004,561,291.72000000000003,3]
[428,16069,16,null,"DB",2.5,55,"I","A",0.51,18000,717,9180,365.67,20406.300000000003,10407.213000000002,2406.3000000000029,813.00000000000011,414.63000000000005,7]
[429,16070,16,null,"DB",2.5,41,"II","A",0.28000000000000003,10000,398,2800.0000000000005,111.44000000000001,11395.400000000001,3190.7120000000009,1395.4000000000015,454.00000000000006,127.12000000000003,3]
[430,16071,16,null,"DB",2.5,44,"II","A",0.32,10000,398,3200,127.36,14633.300000000001,4682.6560000000009,4633.3000000000011,583,186.56,3]
[431,16072,16,null,"DB",2.5,48,"II","A",0.38,10000,398,3800,151.24,13930.5,5293.59,3930.5,555,210.9,3]
[432,16073,16,null,"DB",4.0999999999999996,43,"II","A",0.5,10000,398,5000,199,14407.400000000001,7203.7000000000007,4407.4000000000015,574,287,5]
[433,16074,16,null,"DB",2.5,43,"A","A",0.31,8000,319,2480,98.89,10190.6,3159.0860000000002,2190.6000000000004,406,125.86,3]
[434,16075,16,null,"DB",2.5,51,"II","A",0.43,12000,478,5160,205.54,15085.1,6486.5929999999998,3085.1000000000004,601,258.43,3]
[435,16076,16,null,"DB",2.5,48,"II","A",0.38,10000,398,3800,151.24,11119.300000000001,4225.3340000000007,1119.3000000000011,443,168.34,3]
[436,16077,16,null,"DB",3,40,"II","A",0.32,10000,398,3200,127.36,14633.300000000001,4682.6560000000009,4633.3000000000011,583,186.56,3]
[437,16078,16,null,"DB",4.0999999999999996,52,"II","A",0.74,12000,478,8880,353.71999999999997,16515.8,12221.691999999999,4515.7999999999993,657.99999999999989,486.9199999999999,6]
[438,16079,16,null,"DB",2.5,49,"II","A",0.4,10000,398,4000,159.20000000000002,15235.7,6094.2800000000007,5235.7000000000007,607,242.8,3]
[439,16080,16,null,"DB",2.5,53,"II","A",0.47,12000,478,5640,224.66,13980.7,6570.9290000000001,1980.7000000000007,557,261.78999999999996,3]
[440,16081,16,null,"DB",3,54,"A","A",0.57999999999999996,10000,398,5800,230.83999999999997,7550,4379,-2450,300.79681274900395,174.46215139442228,2]
[441,16082,16,null,"DB",3,49,"B","B",0.48,6000,239,2880,114.72,6350,3048,350,252.98804780876492,121.43426294820716,2]
[442,16083,16,null,"DB",2.5,50,"II","A",0.42,12000,478,5040,200.76,12681,5326.0199999999995,681,505.21912350597609,212.19203187250994,3]
[443,16084,16,null,"DB",4.0999999999999996,49,"A","A",0.65,8000,319,5200,207.35,11546,7504.9000000000005,3546,460,299,3]
[444,16085,16,null,"DB",3,59,"I","A",0.7,18000,717,12600,501.9,25376.100000000002,17763.27,7376.1000000000022,1011,707.69999999999993,6]
[445,16086,16,null,"DB",2.4,53,"II","A",0.45,12000,478,5400,215.1,13261,5967.45,1261,528.3266932270916,237.74701195219123,3]
[446,16087,16,null,"DB",2.5,44,"II","A",0.32,10000,398,3200,127.36,11320.1,3622.4320000000002,1320.1000000000004,451,144.32,3]
[447,16088,16,null,"MD",10,56,"A","A",2.06,5500,219,11330,451.14,5500,11330,0,219.1235059760956,451.39442231075697,2]
[448,16089,16,null,"MD",10,40,"A","A",1.04,5500,219,5720,227.76000000000002,6275,6526,775,250,260,3]
[449,16090,16,null,"MD",10,47,"A","A",1.45,5500,219,7975,317.55,5500,7975,0,219.1235059760956,317.72908366533864,3]
[450,16091,16,null,"DG",8,67,"II","A",2.36,3200,127,7552,299.71999999999997,2861,6751.96,-339,113.98406374501991,269.00239043824695,2]
[451,16092,5,14,"JS",9.6999999999999993,39,"A","B",0.97,3500,139,3395,134.82999999999998,3550,3443.5,50,141.43426294820716,137.19123505976094,2]
[452,16093,5,14,"JS",8.1999999999999993,54,"D","C",1.6,1400,56,2240,89.600000000000009,2750,4400,1350,109.5617529880478,175.29880478087648,2]
[453,16094,5,14,"JS",7,43,"A","A",0.86,3500,139,3010,119.53999999999999,4650,3999,1150,185.25896414342628,159.32270916334659,3]
[454,16095,5,14,"JS",8.1,53,"B","B",1.52,3000,120,4560,182.4,6425.6,9766.9120000000003,3425.6000000000004,256,389.12,5]
[455,16096,5,14,"JS",8.1999999999999993,49,"II","A",1.31,4500,178,5895,233.18,5296.1,6937.8910000000005,796.10000000000036,211,276.41000000000003,4]
[456,16097,5,14,"JS",7.2,47,"B","B",1.06,3000,120,3180,127.2,3950,4187,950,157.37051792828683,166.81274900398404,2]
[457,16098,5,14,"JS",7,57,"D","C",1.52,1400,56,2128,85.12,1200,1824,-200,47.808764940239044,72.669322709163353,1]
[458,16099,5,14,"JS",6.3,53,"B","B",1.18,3000,120,3540,141.6,3150,3717,150,125.49800796812748,148.08764940239041,2]
[459,16100,5,14,"JS",7.9,40,"II","A",0.83,4500,178,3735,147.73999999999998,4750,3942.5,250,189.24302788844619,157.07171314741032,2]
[460,16101,5,14,"JS",6,58,"A","A",1.35,3500,139,4725,187.65,5296.1,7149.7350000000006,1796.1000000000004,211,284.85000000000002,5]
[461,16102,5,14,"JS",10,43,"II","A",1.22,4500,178,5490,217.16,4750,5795,250,189.24302788844619,230.87649402390434,3]
[462,16103,5,14,"JS",4.4000000000000004,69,"C","B",1.41,2300,92,3243,129.72,3050,4300.5,750,121.51394422310756,171.33466135458164,2]
[463,16104,5,14,"JS",5.4,46,"II","A",0.76,4500,178,3420,135.28,4750,3610,250,189.24302788844619,143.82470119521912,2]
[464,16105,5,14,"JS",5,54,"A","A",0.97,3500,139,3395,134.82999999999998,4650,4510.5,1150,185.25896414342628,179.70119521912349,2]
[465,16106,5,14,"JS",5,60,"B","A",1.21,3000,120,3630,145.19999999999999,4650,5626.5,1650,185.25896414342628,224.1633466135458,2]
[466,16107,5,14,"JS",5,56,"A","A",1.05,3500,139,3675,145.95000000000002,6676.6,7010.43,3176.6000000000004,266,279.3,3]
[467,16108,5,14,"JS",6,48,"A","A",0.92,3500,139,3220,127.88000000000001,4750,4370,1250,189.24302788844619,174.1035856573705,2]
[468,16109,17,null,"MD",5,55,"A","A",0.99,5500,219,5445,216.81,10642.400000000001,10535.976000000001,5142.4000000000015,424.00000000000006,419.76000000000005,3]
[469,16110,17,null,"MD",5,57,"A","A",1.07,5500,219,5885,234.33,10642.400000000001,11387.368000000002,5142.4000000000015,424.00000000000006,453.68000000000006,2]
[470,16111,17,null,"MD",5,50,"II","A",0.82,7000,279,5740,228.77999999999997,7530,6174.5999999999995,530,300,245.99999999999997,4]
[471,16112,17,null,"MD",12,42,"II","A",1.38,7000,279,9660,385.02,9186.6,12677.508,2186.6000000000004,366,505.08,5]
[472,16113,17,null,"MD",5,52,"II","A",0.89,7000,279,6230,248.31,10316.1,9181.3289999999997,3316.1000000000004,411,365.79,4]
[473,16114,17,null,"MD",5,47,"II","A",0.72,7000,279,5040,200.88,7078.2000000000007,5096.3040000000001,78.200000000000728,282,203.04,3]
[474,16115,17,null,"MD",5,55,"A","A",0.99,5500,219,5445,216.81,10642.400000000001,10535.976000000001,5142.4000000000015,424.00000000000006,419.76000000000005,3]
[475,16116,17,null,"MD",5,50,"II","A",0.82,7000,279,5740,228.77999999999997,8684.6,7121.3720000000003,1684.6000000000004,346,283.71999999999997,3]
[476,16117,17,null,"MD",5,51,"A","A",0.85,5500,219,4675,186.15,8684.6,7381.91,3184.6000000000004,346,294.09999999999997,3]
[477,16118,17,null,"MD",5,49,"B","B",0.79,4000,159,3160,125.61,4500,3555,500,179.28286852589639,141.63346613545815,2]
[478,16119,17,null,"DB",5,45,"A","A",0.67,8000,319,5360,213.73000000000002,14758.800000000001,9888.3960000000006,6758.8000000000011,588,393.96000000000004,5]
[479,16120,17,null,"DB",3,43,"A","A",0.37,8000,319,2960,118.03,13453.6,4977.8320000000003,5453.6,536,198.32,4]
[480,16121,17,null,"DB",2.6,43,"II","A",0.32,10000,398,3200,127.36,8050,2576,-1950,320.71713147410355,102.62948207171314,3]
[481,16122,17,null,"DB",2.6,42,"A","A",0.3,8000,319,2400,95.7,8050,2415,50,320.71713147410355,96.215139442231063,3]
[482,16123,22,null,"DB",6.5,53,"B","B",1.22,7500,299,9150,364.78,10291,12555.02,2791,410,500.2,4]
[483,16124,22,null,"DB",5.2,53,"II","A",0.97,12000,478,11640,463.65999999999997,15122,14668.34,3122,602.47011952191235,584.39601593625491,6]
[484,16125,22,null,"DB",8.5,40,"B","B",0.89,6000,239,5340,212.71,8450,7520.5,2450,336.65338645418325,299.62151394422307,2]
[485,16126,22,null,"DB",7.5,46,"A","A",1.05,8000,319,8400,334.95,13227.7,13889.085000000001,5227.7000000000007,527,553.35,5]
[486,16127,22,null,"DB",9.1,50,"A","A",1.51,10000,398,15100,600.98,15122,22834.22,5122,602.47011952191235,909.72988047808769,6]
[487,16128,22,null,"DB",5.9,45,"A","A",0.79,8000,319,6320,252.01000000000002,13227.7,10449.883000000002,5227.7000000000007,527,416.33000000000004,4]
[488,16129,22,null,"DB",10.9,39,"A","B",1.0900000000000001,5500,219,5995,238.71,10717.7,11682.293000000001,5217.7000000000007,427,465.43,5]
[489,16130,22,null,"DB",9.1,41,"B","B",1.01,6000,239,6060,241.39000000000001,9789,9886.89,3789,390,393.9,3]
[490,16131,22,null,"DB",9.4,44,"B","B",1.2,6000,239,7200,286.8,10215.700000000001,12258.84,4215.7000000000007,407,488.4,6]
[491,16132,22,null,"DB",9,48,"C","C",1.38,4000,159,5520,219.42,6777,9352.2599999999984,2777,270,372.59999999999997,3]
[492,16133,22,null,"DB",8,40,"A","A",0.84,8000,319,6720,267.95999999999998,13227.7,11111.268,5227.7000000000007,527,442.68,6]
[493,16134,22,null,"DB",6.4,45,"A","A",0.86,8000,319,6880,274.33999999999997,13227.7,11375.822,5227.7000000000007,527,453.21999999999997,3]
[494,16135,22,null,"DB",8,42,"B","B",0.93,6000,239,5580,222.27,9789,9103.77,3789,390,362.70000000000005,3]
[495,16136,22,null,"DB",8.6,42,"A","A",1,8000,319,8000,319,13478.7,13478.7,5478.7000000000007,537,537,5]
[496,16137,22,null,"DB",7.2,53,"A","A",1.35,10000,398,13500,537.30000000000007,15122,20414.7,5122,602.47011952191235,813.33466135458173,7]
[497,16138,22,null,"DB",7.9,54,"C","C",1.54,5000,199,7700,306.45999999999998,7279,11209.66,2279,290,446.6,4]
[498,16139,22,null,"DB",8.1999999999999993,57,"C","C",1.78,5000,199,8900,354.22,13453.6,23947.407999999999,8453.6,536,954.08,3]
[499,16140,22,null,"md",12,38,"B","C",1.1200000000000001,4000,159,4480,178.08,4500,5040.0000000000009,500,179.28286852589639,200.79681274900398,3]
[500,16141,22,null,"md",12,55,"A","A",2.38,5500,219,13090,521.22,8910.5,21206.989999999998,3410.5,355,844.9,5]
[501,16142,22,null,"md",12,52,"A","A",2.13,5500,219,11715,466.46999999999997,7530,16038.9,2030,300,639,3]
[502,16143,23,null,"db",7,37,"B","C",0.63,4500,179,2835,112.77,11415,7191.45,6915,454.78087649402386,286.51195219123503,4]
[503,16144,23,null,"db",8.6,42,"B","B",1,6000,239,6000,239,11470.7,11470.7,5470.7000000000007,457,457,3]
[504,16145,23,null,"DB",7.6,40,"B","B",0.8,6000,239,4800,191.20000000000002,11470.7,9176.5600000000013,5470.7000000000007,457,365.6,4]
[505,16146,23,null,"DB",8,42,"B","B",0.93,6000,239,5580,222.27,11470.7,10667.751000000002,5470.7000000000007,457,425.01000000000005,6]
[506,16147,23,null,"DB",7.1,56,"B","B",1.49,7500,299,11175,445.51,6450,9610.5,-1050,256.97211155378483,382.88844621513937,2]
[507,16148,23,null,"DB",11.5,38,"B","C",1.0900000000000001,4500,179,4905,195.11,4750,5177.5,250,189.24302788844619,206.27490039840637,2]
[508,16149,23,null,"DB",8.1999999999999993,48,"A","A",1.26,8000,319,10080,401.94,13227.7,16666.902000000002,5227.7000000000007,527,664.02,4]
[509,16150,23,null,"DB",10.5,38,"B","C",0.99,4500,179,4455,177.21,10215.700000000001,10113.543000000001,5715.7000000000007,407,402.93,4]
[510,16151,23,null,"DB",9.5,47,"B","B",1.39,6000,239,8340,332.21,12223.7,16990.942999999999,6223.7000000000007,487,676.93,6]
[511,16152,23,null,"DB",10.4,45,"A","A",1.39,8000,319,11120,443.40999999999997,13227.7,18386.503000000001,5227.7000000000007,527,732.53,6]
[512,16153,23,null,"DB",10.199999999999999,38,"B","C",0.97,4500,179,4365,173.63,7279,7060.63,2779,290,281.3,3]
[513,16154,23,null,"DB",9,43,"B","B",1.1000000000000001,6000,239,6600.0000000000009,262.90000000000003,11470.7,12617.770000000002,5470.7000000000007,457,502.70000000000005,5]
[514,16155,23,null,"DB",9,48,"C","C",1.38,4000,159,5520,219.42,6777,9352.2599999999984,2777,270,372.59999999999997,3]
[515,16156,23,null,"DB",6,57,"C","C",1.31,5000,199,6550,260.69,7279,9535.49,2279,290,379.90000000000003,3]
[516,16157,23,null,"DB",6,34,"D","C",0.45,1500,60,675,27,1850,832.5,350,73.705179282868528,33.167330677290842,2]
[517,16158,23,null,"DB",8.9,40,"B","B",0.94,6000,239,5640,224.66,9789,9201.66,3789,390,366.59999999999997,4]
[518,16159,23,null,"DB",9.6999999999999993,46,"B","B",1.36,6000,239,8160.0000000000009,325.04000000000002,11470.7,15600.152000000002,5470.7000000000007,457,621.5200000000001,5]
[519,16160,23,null,"DB",11.9,42,"B","B",1.38,6000,239,8280,329.82,11470.7,15829.565999999999,5470.7000000000007,457,630.66,5]
[520,16161,23,null,"DB",11.5,54,"A","A",2.2400000000000002,10000,398,22400.000000000004,891.5200000000001,22916.300000000003,51332.51200000001,12916.300000000003,913.00000000000011,2045.1200000000003,11]
[521,16162,23,null,"DB",8.1999999999999993,43,"B","B",1,6000,239,6000,239,11470.7,11470.7,5470.7000000000007,457,457,5]
[522,16163,23,null,"DB",8.3000000000000007,45,"B","B",1.1100000000000001,6000,239,6660.0000000000009,265.29000000000002,12223.7,13568.307000000003,6223.7000000000007,487,540.57000000000005,4]
[523,16164,24,null,"DB",5.4,52,"B","B",0.97,7500,299,7275,290.02999999999997,10291,9982.27,2791,410,397.7,5]
[524,16165,24,null,"DB",6,48,"A","A",0.92,8000,319,7360,293.48,13227.7,12169.484,5227.7000000000007,527,484.84000000000003,3]
[525,16166,24,null,"DB",5.5,53,"A","A",1.03,10000,398,10300,409.94,13980.7,14400.121000000001,3980.7000000000007,557,573.71,6]
[526,16167,24,null,"DB",7.5,51,"A","A",1.3,10000,398,13000,517.4,15122,19658.600000000002,5122,602.47011952191235,783.21115537848607,8]
[527,16168,24,null,"DB",10.8,45,"A","A",1.45,8000,319,11600,462.55,13478.7,19544.115000000002,5478.7000000000007,537,778.65,5]
[528,16169,24,null,"DB",9.6999999999999993,50,"C","C",1.61,5000,199,8050.0000000000009,320.39000000000004,11122,17906.420000000002,6122,443.10756972111551,713.40318725099598,5]
[529,16170,24,null,"DB",10.8,47,"B","B",1.58,6000,239,9480,377.62,12223.7,19313.446000000004,6223.7000000000007,487,769.46,5]
[530,16171,24,null,"DB",4.8,41,"A","A",0.53,8000,319,4240,169.07000000000002,12725.7,6744.621000000001,4725.7000000000007,507,268.71000000000004,4]
[531,16172,24,null,"DB",9.5,54,"A","A",1.85,10000,398,18500,736.30000000000007,15122,27975.7,5122,602.47011952191235,1114.569721115538,6]
[532,16811,24,null,"DB",3.4,50,"B","B",0.56999999999999995,7500,299,4275,170.42999999999998,10466.700000000001,5966.0190000000002,2966.7000000000007,417,237.68999999999997,3]
[533,16174,24,null,"DB",4.5,49,"A","A",0.72,8000,319,5760,229.67999999999998,13478.7,9704.6640000000007,5478.7000000000007,537,386.64,4]
[534,16175,24,null,"DB",6.5,46,"B","B",0.91,6000,239,5460,217.49,12223.7,11123.567000000001,6223.7000000000007,487,443.17,5]
[535,16176,24,null,"MD",12,40,"B","B",1.25,4000,159,5000,198.75,4500,5625,500,179.28286852589639,224.1035856573705,2]
[536,16177,24,null,"MD",12,40,"B","B",1.25,4000,159,5000,198.75,4500,5625,500,179.28286852589639,224.1035856573705,2]
[537,16178,24,null,"MD",12,49,"B","B",1.89,4000,159,7560,300.51,4500,8505,500,179.28286852589639,338.84462151394416,2]
[538,16179,24,null,"MD",8,54,"B","B",1.53,4000,159,6120,243.27,5000,7650,1000,199.203187250996,304.78087649402386,3]
[539,16180,24,null,"MD",10,51,"C","C",1.71,3000,120,5130,205.2,4000,6840,1000,159.36254980079681,272.50996015936255,2]
[540,16181,24,null,"MD",12,54,"B","B",2.2999999999999998,4000,159,9200,365.7,5000,11500,1000,199.203187250996,458.16733067729075,4]
[541,16182,24,null,"DB",5.0999999999999996,61,"A","A",1.27,10000,398,12700,505.46,15122,19204.939999999999,5122,602.47011952191235,765.13705179282874,7]
[542,16183,24,null,"MD",12,38,"B","C",1.1200000000000001,4000,159,4480,178.08,4000,4480,0,159.36254980079681,178.48605577689244,2]
[543,16184,18,null,"DB",4,50,"B","B",0.67,7500,299,5025,200.33,6450,4321.5,-1050,256.97211155378483,172.17131474103584,2]
[544,16185,18,null,"DB",4,54,"B","B",0.78,7500,299,5850,233.22,13930.5,10865.79,6430.5,555,432.90000000000003,6]
[545,16186,18,null,"MD",12,56,"A","A",2.4700000000000002,5500,219,13585.000000000002,540.93000000000006,8281,20454.070000000003,2781,329.92031872509961,814.9031872509961,4]
[546,16187,18,null,"MD",12,65,"A","A",3.33,5500,219,18315,729.27,8935.6,29755.548000000003,3435.6000000000004,356,1185.48,5]
[547,16188,18,null,"MD",12,50,"A","A",1.97,5500,219,10835,431.43,7806.1,15378.017,2306.1000000000004,311,612.66999999999996,5]
[548,16189,18,null,"MD",12,45,"B","B",1.59,4000,159,6360,252.81,4500,7155,500,179.28286852589639,285.0597609561753,2]
[549,16190,18,null,"MD",5,54,"B","B",0.96,4000,159,3840,152.63999999999999,1700,1632,-2300,67.729083665338635,65.019920318725084,1]
[550,16191,18,null,"MD",8,52,"A","A",1.42,5500,219,7810,310.97999999999996,7530,10692.6,2030,300,426,4]
[551,16192,18,null,"MD",5,60,"A","A",1.18,5500,219,6490,258.41999999999996,6275,7404.5,775,250,295,3]
[552,16193,18,null,"MD",4,61,"A","A",0.98,5500,219,5390,214.62,5000,4900,-500,199.203187250996,195.21912350597609,2]
[553,16194,18,null,"MD",5,53,"A","A",0.92,5500,219,5060,201.48000000000002,5000,4600,-500,199.203187250996,183.26693227091633,2]
[554,16195,18,null,"MD",5,50,"A","A",0.82,5500,219,4510,179.57999999999998,8935.6,7327.192,3435.6000000000004,356,291.91999999999996,6]
[555,16196,18,null,"MD",4,45,"A","A",0.53,5500,219,2915,116.07000000000001,7530,3990.9,2030,300,159,3]
[556,16197,18,null,"MD",7,51,"A","A",1.19,5500,219,6545,260.61,6024,7168.5599999999995,524,240,285.59999999999997,2]
[557,16198,18,null,"MD",8,61,"A","A",1.96,5500,219,10780,429.24,8785,17218.599999999999,3285,350,686,5]
[558,16199,18,null,"MD",12,48,"A","A",1.81,5500,219,9955,396.39,5000,9050,-500,199.203187250996,360.55776892430276,3]
[559,16200,18,null,"MD",12,59,"C","C",2.75,3000,120,8250,330,6275,17256.25,3275,250,687.5,5]
[560,16201,18,null,"MD",12,55,"A","A",2.38,5500,219,13090,521.22,10316.1,24552.317999999999,4816.1000000000004,411,978.18,6]
[561,16202,34,null,"MD",5,46,"B","B",0.69,4000,159,2760,109.71,7530,5195.7,3530,300,206.99999999999997,2]
[562,16203,34,null,"MD",5,44,"A","A",0.63,5500,219,3465,137.97,6400.5,4032.3150000000001,900.5,254.99999999999997,160.64999999999998,2]
[563,16204,34,null,"MD",5,45,"B","B",0.66,4000,159,2640,104.94000000000001,7078.2000000000007,4671.612000000001,3078.2000000000007,282,186.12,3]
[564,16205,34,null,"MD",5,51,"C","C",0.85,3000,120,2550,102,8935.6,7595.26,5935.6,356,302.59999999999997,3]
[565,16206,34,null,"MD",5,45,"B","B",0.66,4000,159,2640,104.94000000000001,"NEVYDRAŽENO","NEVYDRAŽENO",-2300,"NEVYDRAŽENO","NEVYDRAŽENO",1]
[566,16207,34,null,"MD",5,47,"A","A",0.72,5500,219,3960,157.68,7078.2000000000007,5096.3040000000001,1578.2000000000007,282,203.04,3]
[567,16208,34,null,"MD",5,42,"A","A",0.57999999999999996,5500,219,3190,127.02,"NEVYDRAŽENO","NEVYDRAŽENO",-3800,"NEVYDRAŽENO","NEVYDRAŽENO",1]
[568,16209,34,null,"MD",5,46,"A","A",0.69,5500,219,3794.9999999999995,151.10999999999999,6275,4329.75,775,250,172.5,2]
[569,16210,34,null,"MD",5,44,"A","A",0.63,5500,219,3465,137.97,"NEVYDRAŽENO","NEVYDRAŽENO",-3800,"NEVYDRAŽENO","NEVYDRAŽENO",1]
[570,16211,34,null,"MD",5,44,"B","B",0.63,4000,159,2520,100.17,7078.2000000000007,4459.2660000000005,3078.2000000000007,282,177.66,3]
[571,16212,34,null,"MD",5,50,"B","B",0.82,4000,159,3280,130.38,6275,5145.5,2275,250,205,2]
[572,16213,34,null,"MD",5,49,"A","A",0.79,5500,219,4345,173.01000000000002,7530,5948.7,2030,300,237,2]
[573,16214,34,null,"MD",5,56,"A","A",1.03,5500,219,5665,225.57,9588.2000000000007,9875.8460000000014,4088.2000000000007,382,393.46000000000004,4]
[574,16215,30,null,"DB",4.5,44,"D","C",0.57999999999999996,2500,100,1450,57.999999999999993,1200,696,-1300,47.808764940239044,27.729083665338642,1]
[575,16216,30,null,"DB",4,61,"D","C",1,3200,127,3200,127,1550,1550,-1650,61.752988047808763,61.752988047808763,2]
[576,16217,30,null,"DB",4,51,"C","C",0.69,5000,199,3449.9999999999995,137.31,6450,4450.5,1450,256.97211155378483,177.31075697211151,2]
[577,16218,30,null,"DB",4.5,53,"D","C",0.84,3200,127,2688,106.67999999999999,1650,1386,-1550,65.73705179282868,55.219123505976093,2]
[578,16219,30,null,"DB",5,69,"C","B",1.6,5000,199,8000,318.40000000000003,8150,13040,3150,324.70119521912346,519.52191235059752,3]
[579,16220,30,null,"DB",3.5,61,"B","A",0.87,7500,299,6525,260.13,14885,12949.95,7385,593.02788844621512,515.93426294820711,5]
[580,16221,30,null,"DB",4,49,"C","C",0.64,4000,159,2560,101.76,6450,4128,2450,256.97211155378483,164.46215139442231,3]
[581,16222,30,null,"DB",4.5,59,"B","B",1.05,7500,299,7875,313.95,13252.800000000001,13915.440000000002,5752.8000000000011,528,554.4,5]
[582,16223,30,null,"DB",4.4000000000000004,60,"B","A",1.06,7500,299,7950,316.94,15122,16029.320000000002,7622,602.47011952191235,638.61832669322712,6]
[583,16224,30,null,"DB",5,64,"A","A",1.38,10000,398,13799.999999999998,549.24,17522,24180.359999999997,7522,698.08764940239041,963.36095617529872,7]
[584,16225,30,null,"DB",5,65,"C","B",1.42,5000,199,7100,282.58,16522,23461.239999999998,11522,658.2470119521912,934.71075697211143,4]
[585,16226,30,null,"DB",5,61,"C","B",1.25,5000,199,6250,248.75,6450,8062.5,1450,256.97211155378483,321.21513944223102,3]
[586,16227,30,null,"DB",4,56,"C","C",0.84,5000,199,4200,167.16,5200,4368,200,207.17131474103584,174.02390438247011,3]
[587,16228,30,null,"DB",4,60,"B","A",0.97,7500,299,7275,290.02999999999997,5200,5044,-2300,207.17131474103584,200.95617529880477,3]
[588,16229,30,null,"DB",5,60,"D","C",1.21,3200,127,3872,153.66999999999999,6561,7938.8099999999995,3361,261.39442231075697,316.28725099601593,3]
[589,16230,30,null,"DB",5,64,"D","C",1.38,3200,127,4416,175.26,1750,2415,-1450,69.721115537848604,96.215139442231063,2]
[590,16231,30,null,"DB",5,59,"C","C",1.17,5000,199,5850,232.82999999999998,6250,7312.5,1250,249.00398406374501,291.33466135458167,2]
[591,16232,37,null,"JS",4.0999999999999996,62,"B","A",1.06,3000,120,3180,127.2,5296.1,5613.8660000000009,2296.1000000000004,211,223.66000000000003,3]
[592,16233,37,null,"DB",2.6,53,"A","A",0.49,10000,398,4900,195.02,8450,4140.5,-1550,336.65338645418325,164.9601593625498,2]
[593,16234,37,null,"DB",3,50,"B","B",0.5,7500,299,3750,149.5,3000,1500,-4500,119.5219123505976,59.760956175298801,2]
[594,16235,37,null,"DB",3.1,54,"D","C",0.6,3200,127,1920,76.2,1850,1110,-1350,73.705179282868528,44.223107569721115,2]
[595,16236,37,null,"DBc",3.2,62,"D","C",0.83,1400,56,1162,46.48,1200,996,-200,47.808764940239044,39.681274900398407,1]
[596,16237,37,null,"JS",3.1,77,"D","C",1.24,1400,56,1736,69.44,1200,1488,-200,47.808764940239044,59.282868525896411,1]
[597,16238,37,null,"DB",2.9,67,"B","A",0.88,7500,299,6600,263.12,3000,2640,-4500,119.5219123505976,105.17928286852589,2]
[1003,16239,37,null,"DB",3.1,63,"A","A",0.83,10000,398,8300,330.34,14482.7,12020.641,4482.7000000000007,577,478.90999999999997,3]
[599,16240,37,null,"DB",6,60,"A","A",1.45,10000,398,14500,577.1,20552,29800.399999999998,10552,818.80478087649396,1187.2669322709162,4]
[600,16241,37,null,"DB",6,62,"B","A",1.55,7500,299,11625,463.45,17522,27159.100000000002,10022,698.08764940239041,1082.0358565737051,4]
[601,16242,37,null,"DB",3.1,56,"B","B",0.65,7500,299,4875,194.35,7750,5037.5,250,308.76494023904382,200.69721115537848,2]
[602,16243,37,null,"DB",3,53,"B","B",0.56000000000000005,7500,299,4200,167.44000000000003,7750,4340,250,308.76494023904382,172.90836653386455,2]
[603,16244,37,null,"DB",3.1,50,"B","B",0.52,7500,299,3900,155.48000000000002,7850,4082,350,312.74900398406373,162.62948207171314,2]
[604,16245,37,null,"DB",3.1,56,"C","C",0.65,5000,199,3250,129.35,2150,1397.5,-2850,85.657370517928285,55.677290836653384,2]
[605,16246,37,null,"DB",3.1,51,"B","B",0.54,7500,299,4050.0000000000005,161.46,7650,4131,150,304.78087649402391,164.58167330677293,2]
[606,16247,37,null,"DB",3.2,54,"B","B",0.62,7500,299,4650,185.38,3000,1860,-4500,119.5219123505976,74.103585657370516,2]
[607,16248,37,null,"JS",3.2,58,"A","A",0.72,3500,139,2520,100.08,3100,2232,-400,123.50597609561753,88.924302788844614,2]
[608,16249,37,null,"DB",2.9,76,"C","B",1.1299999999999999,5000,199,5649.9999999999991,224.86999999999998,5050,5706.4999999999991,50,201.19521912350598,227.35059760956173,2]
[609,16250,37,null,"DB",2.5,74,"C","B",0.92,5000,199,4600,183.08,6350,5842,1350,252.98804780876492,232.74900398406373,2]
[610,16251,37,null,"DB",3,67,"A","A",0.91,10000,398,9100,362.18,7550,6870.5,-2450,300.79681274900395,273.72509960159363,2]
[611,16252,37,null,"DB",2.9,65,"A","A",0.82,10000,398,8200,326.35999999999996,7550,6191,-2450,300.79681274900395,246.65338645418322,2]
[612,16253,37,null,"DB",3.3,70,"D","B",1.0900000000000001,3200,127,3488.0000000000005,138.43,1200,1308,-2000,47.808764940239044,52.111553784860561,1]
[613,16254,37,null,"DB",4.0999999999999996,65,"D","C",1.17,3200,127,3744,148.59,1650,1930.4999999999998,-1550,65.73705179282868,76.912350597609546,2]
[614,16255,37,null,"JS",4.0999999999999996,55,"B","B",0.83,3000,120,2490,99.6,4550,3776.5,1550,181.27490039840637,150.45816733067727,2]
[615,16256,37,null,"DB",3.7,57,"C","C",0.8,5000,199,4000,159.20000000000002,2750,2200,-2250,109.5617529880478,87.64940239043824,2]
[616,16257,37,null,"DB",4.0999999999999996,65,"C","B",1.17,5000,199,5850,232.82999999999998,13122,15352.74,8122,522.78884462151393,611.66294820717121,4]
[617,16258,37,null,"DB",4.0999999999999996,59,"B","B",0.96,7500,299,7200,287.03999999999996,15122,14517.119999999999,7622,602.47011952191235,578.3713147410358,4]
[618,16259,37,null,"DB",4.0999999999999996,53,"A","A",0.77,10000,398,7700,306.45999999999998,13195,10160.15,3195,525.69721115537845,404.7868525896414,6]
[619,16260,36,null,"MD",5,50,"B","B",0.82,4000,159,3280,130.38,7530,6174.5999999999995,3530,300,245.99999999999997,3]
[620,16261,36,null,"MD",5,54,"A","A",0.96,5500,219,5280,210.23999999999998,9821,9428.16,4321,391.27490039840637,375.62390438247013,6]
[621,16262,36,null,"MD",5,46,"B","B",0.69,4000,159,2760,109.71,4500,3104.9999999999995,500,179.28286852589639,123.7051792828685,2]
[622,16263,36,null,"DB",3.9,55,"B","B",0.79,7500,299,5925,236.21,8358.3000000000011,6603.0570000000016,858.30000000000109,333,263.07,3]
[623,16264,36,null,"DB",4,48,"B","B",0.61,6000,239,3660,145.79,15762.800000000001,9615.3080000000009,9762.8000000000011,628,383.08,4]
[624,16265,36,null,"DB",4,52,"B","B",0.72,7500,299,5400,215.28,14608.2,10517.904,7108.2000000000007,582,419.03999999999996,4]
[625,16266,36,null,"MD",10,38,"B","C",0.94,4000,159,3760,149.45999999999998,1700,1598,-2300,67.729083665338635,63.665338645418316,1]
[626,16267,36,null,"MD",10,38,"B","C",0.94,4000,159,3760,149.45999999999998,1700,1598,-2300,67.729083665338635,63.665338645418316,1]
[627,16268,36,null,"MD",10,41,"B","B",1.1000000000000001,4000,159,4400,174.9,4500,4950,500,179.28286852589639,197.21115537848604,2]
[628,16269,36,null,"MD",10,34,"D","C",0.75,2000,80,1500,60,1700,1275,-300,67.729083665338635,50.796812749003976,1]
[629,16270,36,null,"MD",10,30,"C","C",0.56999999999999995,3000,120,1709.9999999999998,68.399999999999991,1700,968.99999999999989,-1300,67.729083665338635,38.60557768924302,1]
[630,16271,36,null,"DB",3.9,52,"C","C",0.7,5000,199,3500,139.29999999999998,5750,4024.9999999999995,750,229.0836653386454,160.35856573705178,2]
[631,16272,36,null,"MD",5,43,"B","B",0.6,4000,159,2400,95.399999999999991,4500,2700,500,179.28286852589639,107.56972111553783,2]
[632,16273,36,null,"MD",4.7,40,"C","C",0.49,3000,120,1470,58.8,1700,833,-1300,67.729083665338635,33.187250996015933,1]
[633,16274,36,null,"DB",4,51,"C","C",0.69,5000,199,3449.9999999999995,137.31,2000,1380,-3000,79.681274900398407,54.980079681274894,1]
[634,16275,36,null,"DB",5,42,"A","A",0.57999999999999996,8000,319,4640,185.01999999999998,13227.7,7672.0659999999998,5227.7000000000007,527,305.65999999999997,4]
[635,16276,38,null,"DB",6.1,48,"B","B",0.93,6000,239,5580,222.27,11470.7,10667.751000000002,5470.7000000000007,457,425.01000000000005,3]
[636,16277,38,null,"DB",8.4,39,"C","C",0.84,3000,120,2520,100.8,6450,5418,3450,256.97211155378483,215.85657370517924,2]
[637,16278,38,null,"DB",9.9,39,"C","C",0.99,3000,120,2970,118.8,7002.9000000000005,6932.8710000000001,4002.9000000000005,279,276.20999999999998,4]
[638,16279,38,null,"DB",7.1,38,"B","C",0.67,4500,179,3015,119.93,7279,4876.93,2779,290,194.3,3]
[639,16280,38,null,"DB",6.1,56,"II","A",1.28,12000,478,15360,611.84,16522,21148.16,4522,658.2470119521912,842.55617529880476,5]
[640,16281,38,null,"DB",5.8,43,"B","B",0.71,6000,239,4260,169.69,10215.700000000001,7253.1469999999999,4215.7000000000007,407,288.96999999999997,4]
[641,16282,38,null,"DB",7.9,43,"C","C",0.96,4000,159,3840,152.63999999999999,11415,10958.4,7415,454.78087649402386,436.58964143426289,5]
[642,16283,38,null,"DB",4.8,53,"B","B",0.9,7500,299,6750,269.10000000000002,11470.7,10323.630000000001,3970.7000000000007,457,411.3,3]
[643,16284,38,null,"DB",4.8,50,"A","A",0.8,10000,398,8000,318.40000000000003,14608.2,11686.560000000001,4608.2000000000007,582,465.6,5]
[644,16285,38,null,"DB",9,47,"B","B",1.32,6000,239,7920,315.48,10215.700000000001,13484.724000000002,4215.7000000000007,407,537.24,4]
[645,16286,38,null,"DB",9,51,"D","C",1.56,3200,127,4992,198.12,1200,1872,-2000,47.808764940239044,74.581673306772913,1]
[646,16287,38,null,"DB",7,44,"B","B",0.9,6000,239,5400,215.1,10215.700000000001,9194.130000000001,4215.7000000000007,407,366.3,5]
[647,16288,38,null,"DB",9.9,37,"B","C",0.89,4500,179,4005,159.31,7279,6478.31,2779,290,258.10000000000002,3]
[648,16289,38,null,"DB",9.9,60,"B","A",2.39,7500,299,17925,714.61,13122,31361.58,5622,522.78884462151393,1249.4653386454183,5]
[649,16290,38,null,"DB",10.4,40,"B","B",1.0900000000000001,6000,239,6540.0000000000009,260.51,11470.7,12503.063000000002,5470.7000000000007,457,498.13000000000005,5]
[650,16291,38,null,"DB",10,52,"A","A",1.8,10000,398,18000,716.4,15122,27219.600000000002,5122,602.47011952191235,1084.4462151394423,6]
[651,16292,38,null,"DB",11.2,37,"C","C",1,3000,120,3000,120,6275,6275,3275,250,250,4]
[652,16293,38,null,"DB",10.3,42,"B","B",1.2,6000,239,7200,286.8,10215.700000000001,12258.84,4215.7000000000007,407,488.4,5]
[653,16294,38,null,"DB",8.3000000000000007,43,"C","C",1.01,4000,159,4040,160.59,2150,2171.5,-1850,85.657370517928285,86.513944223107572,2]
[654,16295,38,null,"DB",10.9,43,"C","C",1.33,4000,159,5320,211.47,2000,2660,-2000,79.681274900398407,105.97609561752989,2]
[655,16296,38,null,"DB",10.9,46,"C","C",1.53,4000,159,6120,243.27,6777,10368.81,2777,270,413.1,3]
[656,16297,41,null,"DB",4,33,"B","C",0.28000000000000003,4500,179,1260.0000000000002,50.120000000000005,9725,2723.0000000000005,5225,387.45019920318725,108.48605577689244,3]
[657,16298,41,null,"DB",4,49,"A","A",0.64,8000,319,5120,204.16,13195,8444.7999999999993,5195,525.69721115537845,336.44621513944224,4]
[658,16299,41,null,"DB",8,37,"B","C",0.72,4500,179,3240,128.88,11415,8218.7999999999993,6915,454.78087649402386,327.44223107569718,4]
[659,16300,41,null,"DB",2.5,39,"B","C",0.25,4500,179,1125,44.75,7078.2000000000007,1769.5500000000002,2578.2000000000007,282,70.5,2]
[660,16301,41,null,"DB",3.5,45,"D","C",0.47,2500,100,1175,47,7680.6,3609.8820000000001,5180.6000000000004,306,143.82,2]
[661,16302,41,null,"DB",5.5,44,"B","B",0.7,6000,239,4200,167.29999999999998,10215.700000000001,7150.99,4215.7000000000007,407,284.89999999999998,3]
[662,16303,41,null,"DB",5,33,"C","C",0.35,3000,120,1050,42,2000,700,-1000,79.681274900398407,27.888446215139442,2]
[663,16304,41,null,"DB",3,46,"C","C",0.42,4000,159,1680,66.78,7680.6,3225.8519999999999,3680.6000000000004,306,128.51999999999998,3]
[664,16305,41,null,"DB",2.5,35,"B","C",0.2,4500,179,900,35.800000000000004,3000,600,-1500,119.5219123505976,23.904382470119522,2]
[665,16306,41,null,"DB",3.1,39,"A","B",0.31,5500,219,1705,67.89,11997.800000000001,3719.3180000000002,6497.8000000000011,478,148.18,2]
[666,16307,41,null,"DB",2.5,42,"A","A",0.28999999999999998,8000,319,2320,92.509999999999991,11872.300000000001,3442.9670000000001,3872.3000000000011,473,137.16999999999999,3]
[667,16308,41,null,"DB",5.6,44,"A","A",0.72,8000,319,5760,229.67999999999998,13227.7,9523.9439999999995,5227.7000000000007,527,379.44,6]
[668,16309,41,null,"DB",4.3,42,"B","B",0.5,6000,239,3000,119.5,11671.5,5835.75,5671.5,465,232.5,5]
[669,16310,41,null,"DB",6.6,57,"II","A",1.44,12000,478,17280,688.31999999999994,18724.600000000002,26963.424000000003,6724.6000000000022,746,1074.24,7]
[670,16311,41,null,"DB",4.5,47,"A","A",0.66,8000,319,5280,210.54000000000002,14382.300000000001,9492.3180000000011,6382.3000000000011,573,378.18,5]
[671,16312,41,null,"DB",3,34,"B","C",0.23,4500,179,1035,41.17,3000,690,-1500,119.5219123505976,27.490039840637451,2]
[672,16313,41,null,"DB",3,34,"B","C",0.23,4500,179,1035,41.17,3000,690,-1500,119.5219123505976,27.490039840637451,2]
[673,16314,41,null,"DB",4,34,"B","C",0.3,4500,179,1350,53.699999999999996,9725,2917.5,5225,387.45019920318725,116.23505976095618,4]
[674,16315,41,null,"DB",4.0999999999999996,46,"A","A",0.57999999999999996,8000,319,4640,185.01999999999998,15762.800000000001,9142.4240000000009,7762.8000000000011,628,364.23999999999995,6]
[675,16316,41,null,"DB",6.7,47,"A","A",0.98,8000,319,7840,312.62,13478.7,13209.126,5478.7000000000007,537,526.26,5]
[676,16317,41,null,"DB",3.1,32,"B","C",0.21,4500,179,945,37.589999999999996,3000,630,-1500,119.5219123505976,25.099601593625497,2]
[677,16318,41,null,"DB",4,33,"B","C",0.28000000000000003,4500,179,1260.0000000000002,50.120000000000005,9725,2723.0000000000005,5225,387.45019920318725,108.48605577689244,4]
[678,16319,41,null,"DB",2.5,37,"B","C",0.22,4500,179,990,39.380000000000003,9136.4,2010.008,4636.3999999999996,363.99999999999994,80.079999999999984,3]
[679,16320,41,null,"DB",3.1,43,"A","A",0.38,8000,319,3040,121.22,12750.800000000001,4845.3040000000001,4750.8000000000011,508,193.04,3]
[680,16321,41,null,"DB",3,43,"A","A",0.37,8000,319,2960,118.03,7550,2793.5,-450,300.79681274900395,111.29482071713146,2]
[681,16322,41,null,"DB",6,36,"B","C",0.51,4500,179,2295,91.29,7279,3712.29,2779,290,147.9,3]
[682,16323,41,null,"DB",3.6,43,"B","B",0.44,6000,239,2640,105.16,11395.400000000001,5013.9760000000006,5395.4000000000015,454.00000000000006,199.76000000000002,3]
[683,16324,41,null,"DB",4,39,"B","C",0.4,4500,179,1800,71.600000000000009,11415,4566,6915,454.78087649402386,181.91235059760956,5]
[684,16325,41,null,"DB",4.5,40,"A","A",0.47,8000,319,3760,149.92999999999998,12725.7,5981.0789999999997,4725.7000000000007,507,238.29,5]
[685,16326,41,null,"DB",8,46,"A","A",1.1200000000000001,8000,319,8960,357.28000000000003,15762.800000000001,17654.336000000003,7762.8000000000011,628,703.36,7]
[686,16327,41,null,"DB",4.7,47,"A","A",0.69,8000,319,5520,220.10999999999999,14809,10218.209999999999,6809,590,407.09999999999997,7]
[687,16328,41,null,"DB",4,40,"A","A",0.42,8000,319,3360,133.97999999999999,12315,5172.3,4315,490.63745019920316,206.06772908366531,4]
[688,16329,41,null,"DB",6,40,"B","B",0.63,6000,239,3780,150.57,10215.700000000001,6435.8910000000005,4215.7000000000007,407,256.41000000000003,4]
[689,16330,41,null,"DB",5,39,"B","C",0.5,4500,179,2250,89.5,7279,3639.5,2779,290,145,4]
[690,16331,41,null,"DB",4.5999999999999996,42,"B","B",0.54,6000,239,3240,129.06,10215.700000000001,5516.478000000001,4215.7000000000007,407,219.78,4]
[691,16332,41,null,"DB",5,51,"B","B",0.87,7500,299,6525,260.13,12122,10546.14,4622,482.94820717131472,420.1649402390438,4]
[692,16333,41,null,"DB",3,54,"B","B",0.57999999999999996,7500,299,4350,173.42,7650,4437,150,304.78087649402391,176.77290836653387,2]
[693,16334,41,null,"DB",7,38,"B","C",0.66,4500,179,2970,118.14,11415,7533.9000000000005,6915,454.78087649402386,300.15537848605578,6]
[694,16335,41,null,"DB",4,40,"B","B",0.42,6000,239,2520,100.38,9789,4111.38,3789,390,163.79999999999998,4]
[695,16336,41,null,"DB",5,54,"A","A",0.97,10000,398,9700,386.06,13227.7,12830.869000000001,3227.7000000000007,527,511.19,5]
[696,16337,41,null,"DB",2.5,57,"B","B",0.54,7500,299,4050.0000000000005,161.46,7850,4239,350,312.74900398406373,168.88446215139442,2]
[697,16338,41,null,"DB",2.5,51,"B","B",0.43,7500,299,3225,128.57,7850,3375.5,350,312.74900398406373,134.48207171314741,2]
[698,16339,41,null,"DB",2.8,40,"B","B",0.28999999999999998,6000,239,1739.9999999999998,69.31,6450,1870.4999999999998,450,256.97211155378483,74.521912350597589,2]
[699,16340,41,null,"DB",2.4,37,"C","C",0.22,3000,120,660,26.4,2000,440,-1000,79.681274900398407,17.529880478087648,1]
[700,16341,41,null,"DB",3,36,"B","C",0.25,4500,179,1125,44.75,5250,1312.5,750,209.1633466135458,52.290836653386449,2]
[701,16342,26,null,"BK",6,45,"B","B",0.9,2400,96,2160,86.4,1200,1080,-1200,47.808764940239044,43.027888446215144,1]
[702,16343,26,null,"BK",11.6,46,"A","A",1.81,2800,112,5068,202.72,3037.1000000000004,5497.1510000000007,237.10000000000036,121.00000000000001,219.01000000000002,2]
[703,16344,26,null,"BK",8.1,44,"A","A",1.1599999999999999,2800,112,3248,129.91999999999999,1200,1392,-1600,47.808764940239044,55.458167330677284,1]
[704,16345,26,null,"DB",4.9000000000000004,47,"B","B",0.72,6000,239,4320,172.07999999999998,10215.700000000001,7355.3040000000001,4215.7000000000007,407,293.03999999999996,4]
[705,16346,26,null,"KL",5.3,64,"B","A",1.62,2800,112,4536,181.44,4543.1000000000004,7359.822000000001,1743.1000000000004,181,293.22000000000003,2]
[706,16347,26,null,"BK",8.6999999999999993,59,"B","B",2.25,2400,96,5400,216,1200,2700,-1200,47.808764940239044,107.56972111553785,1]
[707,16348,26,null,"DB",11.3,51,"C","C",1.96,5000,199,9800,390.04,7279,14266.84,2279,290,568.4,4]
[708,16349,26,null,"KL",6.2,44,"B","B",0.89,2800,112,2492,99.68,1200,1068,-1600,47.808764940239044,42.549800796812747,1]
[709,16350,26,null,"DB",12.4,45,"B","B",1.66,6000,239,9960,396.74,10215.700000000001,16958.062000000002,4215.7000000000007,407,675.62,5]
[710,16351,26,null,"BK",11.6,46,"B","B",1.81,2400,96,4344,173.76,3037.1000000000004,5497.1510000000007,637.10000000000036,121.00000000000001,219.01000000000002,2]
[711,16352,26,null,"DB",10.199999999999999,41,"B","B",1.1299999999999999,6000,239,6779.9999999999991,270.07,11470.7,12961.891,5470.7000000000007,457,516.41,6]
[712,16353,26,null,"DB",5,62,"C","B",1.29,5000,199,6450,256.70999999999998,6521,8412.09,1521,259.80079681274901,335.14302788844623,3]
[713,16354,26,null,"DB",6.1,60,"C","B",1.47,5000,199,7350,292.52999999999997,2000,2940,-3000,79.681274900398407,117.13147410358566,1]
[714,16355,26,null,"DB",5,58,"A","A",1.1299999999999999,10000,398,11299.999999999998,449.73999999999995,20782.800000000003,23484.564000000002,10782.800000000003,828.00000000000011,935.64,7]
[715,16356,26,null,"DB",9.1999999999999993,60,"C","B",2.2200000000000002,5000,199,11100.000000000002,441.78000000000003,17118.2,38002.404000000002,12118.2,682,1514.0400000000002,4]
[716,16357,26,null,"BK",6.9,88,"D","C",4.01,1400,56,5614,224.56,1200,4812,-200,47.808764940239044,191.71314741035854,1]
[717,16358,25,null,"DB",5,47,"A","A",0.73,8000,319,5840,232.87,12725.7,9289.7610000000004,4725.7000000000007,507,370.11,6]
[718,16359,25,null,"DB",7,45,"A","A",0.94,8000,319,7520,299.85999999999996,13227.7,12434.038,5227.7000000000007,527,495.38,6]
[719,16360,25,null,"DB",6.6,43,"A","A",0.81,8000,319,6480,258.39000000000004,13227.7,10714.437000000002,5227.7000000000007,527,426.87,4]
[720,16361,25,null,"DB",8.8000000000000007,44,"C","C",1.1299999999999999,4000,159,4520,179.67,7521,8498.73,3521,299.64143426294817,338.59482071713137,4]
[721,16362,25,null,"DB",9.5,45,"B","B",1.27,6000,239,7620,303.53000000000003,10215.700000000001,12973.939,4215.7000000000007,407,516.89,4]
[722,16363,25,null,"DB",8.1999999999999993,50,"C","C",1.36,5000,199,6800.0000000000009,270.64000000000004,13122,17845.920000000002,8122,522.78884462151393,710.99282868525904,4]
[723,16364,25,null,"DB",7,46,"B","B",0.98,6000,239,5880,234.22,10391.400000000001,10183.572000000002,4391.4000000000015,414.00000000000006,405.72,6]
[724,16365,25,null,"DB",5.2,50,"B","B",0.87,7500,299,6525,260.13,10291,8953.17,2791,410,356.7,4]
[725,16366,25,null,"DB",12.2,50,"B","B",2.0299999999999998,7500,299,15224.999999999998,606.96999999999991,15122,30697.659999999996,7622,602.47011952191235,1223.0143426294819,6]
[726,16367,25,null,"DB",12.1,52,"B","B",2.1800000000000002,7500,299,16350.000000000002,651.82000000000005,13122,28605.960000000003,5622,522.78884462151393,1139.6796812749005,6]
[727,16368,25,null,"DB",6.5,46,"B","B",0.91,6000,239,5460,217.49,12901.400000000001,11740.274000000001,6901.4000000000015,514,467.74,5]
[728,16369,25,null,"DB",6,42,"B","B",0.7,6000,239,4200,167.29999999999998,12650.400000000001,8855.2800000000007,6650.4000000000015,504.00000000000006,352.8,5]
[729,16370,25,null,"DB",8.5,47,"A","A",1.25,8000,319,10000,398.75,13227.7,16534.625,5227.7000000000007,527,658.75,6]
[730,16371,25,null,"DB",10.5,54,"B","B",2.0499999999999998,7500,299,15374.999999999998,612.94999999999993,13227.7,27116.785,5727.7000000000007,527,1080.3499999999999,5]
[731,16372,25,null,"DB",9,45,"B","B",1.21,6000,239,7260,289.19,11470.7,13879.547,5470.7000000000007,457,552.97,6]
[732,16373,25,null,"DB",10.8,50,"B","B",1.8,7500,299,13500,538.20000000000005,13122,23619.600000000002,5622,522.78884462151393,941.0199203187251,5]
[733,16374,25,null,"DB",3.3,59,"II","A",0.77,12000,478,9240,368.06,27936.300000000003,21510.951000000001,15936.300000000003,1113,857.01,6]
[734,16375,25,null,"DB",6,63,"C","B",1.6,5000,199,8000,318.40000000000003,10943.6,17509.760000000002,5943.6,436,697.6,3]
[735,16376,42,null,"DB",3,47,"B","B",0.44,6000,239,2640,105.16,9613.3000000000011,4229.8520000000008,3613.3000000000011,383,168.52,3]
[736,16377,42,null,"DB",3,40,"B","B",0.32,6000,239,1920,76.48,6550,2096,550,260.95617529880479,83.505976095617541,2]
[737,16378,42,null,"DB",2.6,54,"A","A",0.51,10000,398,5100,202.98,15536.900000000001,7923.8190000000013,5536.9000000000015,619,315.69,4]
[738,16379,42,null,"DB",3,43,"B","B",0.37,6000,239,2220,88.429999999999993,6550,2423.5,550,260.95617529880479,96.553784860557769,2]
[739,16380,42,null,"DB",2.6,43,"A","A",0.32,8000,319,2560,102.08,13152.400000000001,4208.7680000000009,5152.4000000000015,524,167.68,4]
[740,16381,42,null,"DB",2.5,40,"B","B",0.26,6000,239,1560,62.14,7680.6,1996.9560000000001,1680.6000000000004,306,79.56,4]
[741,16382,42,null,"DB",4.0999999999999996,45,"A","A",0.55000000000000004,8000,319,4400,175.45000000000002,13754.800000000001,7565.1400000000012,5754.8000000000011,548,301.40000000000003,5]
[742,16383,42,null,"DB",3.5,48,"B","B",0.54,6000,239,3240,129.06,11415,6164.1,5415,454.78087649402386,245.5816733067729,4]
[743,16384,42,null,"DB",3,51,"B","B",0.52,7500,299,3900,155.48000000000002,14156.400000000001,7361.3280000000013,6656.4000000000015,564,293.28000000000003,4]
[744,16385,42,null,"DB",2.5,45,"B","B",0.34,6000,239,2040.0000000000002,81.260000000000005,12750.800000000001,4335.2720000000008,6750.8000000000011,508,172.72,5]
[745,16386,42,null,"DB",2.5,46,"B","B",0.35,6000,239,2100,83.649999999999991,11947.6,4181.66,5947.6,476,166.6,4]
[746,16387,42,null,"DB",2.6,48,"A","A",0.4,8000,319,3200,127.60000000000001,11671.5,4668.6000000000004,3671.5,465,186,4]
[747,16388,42,null,"DB",3.1,49,"A","A",0.5,8000,319,4000,159.5,9521,4760.5,1521,379.32270916334659,189.66135458167329,3]
[748,16389,42,null,"DB",3.6,50,"A","A",0.6,10000,398,6000,238.79999999999998,14156.400000000001,8493.84,4156.4000000000015,564,338.4,5]
[749,16390,42,null,"DB",3.6,53,"A","A",0.67,10000,398,6700,266.66000000000003,10821,7250.0700000000006,821,431.11553784860553,288.8474103585657,3]
[750,16391,42,null,"DB",3.1,41,"A","A",0.34,8000,319,2720,108.46000000000001,14457.6,4915.5840000000007,6457.6,576,195.84,3]
[751,16392,42,null,"DB",4.0999999999999996,47,"A","A",0.6,8000,319,4800,191.4,11721.7,7033.02,3721.7000000000007,467,280.2,4]
[752,16393,42,null,"DB",3,43,"A","A",0.37,8000,319,2960,118.03,14633.300000000001,5414.3209999999999,6633.3000000000011,583,215.71,4]
[753,16394,42,null,"DB",3,40,"B","B",0.32,6000,239,1920,76.48,13152.400000000001,4208.7680000000009,7152.4000000000015,524,167.68,3]
[754,16395,42,null,"DB",3,41,"B","B",0.33,6000,239,1980,78.87,14206.6,4688.1780000000008,8206.6,566,186.78,3]
[755,16396,42,null,"DB",4,45,"B","B",0.54,6000,239,3240,129.06,13195,7125.3,7195,525.69721115537845,283.8764940239044,6]
[756,16397,42,null,"DB",4,40,"B","B",0.42,6000,239,2520,100.38,13102.2,5502.924,7102.2000000000007,522,219.23999999999998,5]
[757,16398,42,null,"DB",2.5,45,"B","B",0.34,6000,239,2040.0000000000002,81.260000000000005,6550,2227,550,260.95617529880479,88.725099601593641,2]
[758,16399,42,null,"DB",3,54,"B","B",0.57999999999999996,7500,299,4350,173.42,7650,4437,150,304.78087649402391,176.77290836653387,3]
[759,16400,42,null,"DB",3,49,"B","B",0.48,6000,239,2880,114.72,13195,6333.5999999999995,7195,525.69721115537845,252.33466135458164,3]
[760,16401,42,null,"DB",3.1,57,"II","A",0.67,12000,478,8040.0000000000009,320.26,26681.300000000003,17876.471000000001,14681.300000000003,1063,712.21,9]
[761,16402,42,null,"DB",3.1,51,"A","A",0.54,10000,398,5400,214.92000000000002,14106.2,7617.3480000000009,4106.2000000000007,562,303.48,4]
[762,16403,42,null,"DB",2.6,53,"A","A",0.49,10000,398,4900,195.02,12750.800000000001,6247.8920000000007,2750.8000000000011,508,248.92,5]
[763,16404,42,null,"DB",3.1,49,"A","A",0.5,8000,319,4000,159.5,11621,5810.5,3621,462.98804780876492,231.49402390438246,4]
[764,16405,42,null,"DB",2.5,46,"B","B",0.35,6000,239,2100,83.649999999999991,7755.9000000000005,2714.5650000000001,1755.9000000000005,309,108.14999999999999,3]
[765,16406,42,null,"DB",3,43,"B","B",0.37,6000,239,2220,88.429999999999993,6550,2423.5,550,260.95617529880479,96.553784860557769,2]
[766,16407,42,null,"DB",3.1,51,"II","A",0.54,12000,478,6480,258.12,23016.7,12429.018000000002,11016.7,917,495.18,7]
[767,16408,42,null,"DB",3.1,54,"A","A",0.6,10000,398,6000,238.79999999999998,13461,8076.5999999999995,3461,536.29482071713142,321.77689243027885,4]
[768,16409,42,null,"DB",3.1,51,"II","A",0.54,12000,478,6480,258.12,20406.300000000003,11019.402000000002,8406.3000000000029,813.00000000000011,439.0200000000001,4]
[769,16410,42,null,"DB",2.6,47,"A","A",0.38,8000,319,3040,121.22,12951.6,4921.6080000000002,4951.6000000000004,516,196.08,5]
[770,16411,42,null,"DB",3,46,"A","A",0.42,8000,319,3360,133.97999999999999,7750,3255,-250,308.76494023904382,129.68127490039839,2]
[771,16412,42,null,"DB",3.1,58,"II","A",0.7,12000,478,8400,334.59999999999997,23016.7,16111.689999999999,11016.7,917,641.9,6]
[772,16413,42,null,"DB",3,50,"B","B",0.5,7500,299,3750,149.5,15963.6,7981.8,8463.6,636,318,3]
[773,16414,42,null,"DB",2.6,48,"A","A",0.4,8000,319,3200,127.60000000000001,15085.1,6034.0400000000009,7085.1,601,240.4,4]
[774,16415,42,null,"DB",3.1,41,"A","A",0.34,8000,319,2720,108.46000000000001,14156.400000000001,4813.1760000000013,6156.4000000000015,564,191.76000000000002,3]
[775,16416,42,null,"DB",3,42,"B","B",0.35,6000,239,2100,83.649999999999991,6050,2117.5,50,241.03585657370516,84.362549800796799,2]
[776,16417,42,null,"DB",3,40,"D","C",0.32,2500,100,800,32,"NEVYDRAŽENO","NEVYDRAŽENO",-1300,"NEVYDRAŽENO","NEVYDRAŽENO",1]
[777,16418,42,null,"DB",3.1,47,"II","A",0.45,10000,398,4500,179.1,10521,4734.45,521,419.1633466135458,188.6235059760956,3]
[778,16419,42,null,"DB",3,41,"B","B",0.33,6000,239,1980,78.87,11345.2,3743.9160000000006,5345.2000000000007,452,149.16,3]
[779,16420,42,null,"DB",2.5,50,"C","C",0.42,5000,199,2100,83.58,5150,2163,150,205.17928286852589,86.175298804780866,2]
[780,16421,42,null,"DB",5,41,"B","B",0.55000000000000004,6000,239,3300.0000000000005,131.45000000000002,10215.700000000001,5618.6350000000011,4215.7000000000007,407,223.85000000000002,4]
[781,16422,42,null,"DB",4.0999999999999996,44,"A","A",0.53,8000,319,4240,169.07000000000002,11546,6119.38,3546,460,243.8,4]
[782,16423,42,null,"DB",3.1,39,"A","B",0.31,5500,219,1705,67.89,5850,1813.5,350,233.06772908366531,72.250996015936252,2]
[783,16424,42,null,"DB",3,54,"B","B",0.57999999999999996,7500,299,4350,173.42,11872.300000000001,6885.9340000000002,4372.3000000000011,473,274.33999999999997,3]
[784,16425,42,null,"DB",3,60,"C","B",0.72,5000,199,3600,143.28,15787.900000000001,11367.288,10787.900000000001,629,452.88,6]
[785,16426,43,null,"DB",3,45,"C","C",0.4,4000,159,1600,63.6,4050,1620,50,161.35458167330677,64.541832669322716,2]
[786,16427,43,null,"DB",3,53,"D","C",0.56000000000000005,3200,127,1792.0000000000002,71.12,1200,672.00000000000011,-2000,47.808764940239044,26.772908366533866,1]
[787,16428,43,null,"DB",3,54,"B","B",0.57999999999999996,7500,299,4350,173.42,7750,4495,250,308.76494023904382,179.0836653386454,2]
[788,16429,43,null,"DB",3.5,51,"D","C",0.61,3200,127,1952,77.47,1250,762.5,-1950,49.800796812748999,30.378486055776889,2]
[789,16430,43,null,"DB",4,53,"C","C",0.75,5000,199,3750,149.25,2550,1912.5,-2450,101.59362549800797,76.195219123505979,2]
[800,16431,43,null,"DB",3.5,58,"C","C",0.79,5000,199,3950,157.21,2550,2014.5,-2450,101.59362549800797,80.258964143426297,2]
[801,16432,43,null,"DB",3.5,50,"C","C",0.57999999999999996,5000,199,2900,115.41999999999999,2550,1479,-2450,101.59362549800797,58.924302788844614,2]
[802,16433,43,null,"DB",3,48,"C","C",0.46,4000,159,1840,73.14,2550,1173,-1450,101.59362549800797,46.733067729083665,2]
[803,16434,43,null,"DB",3,53,"D","C",0.56000000000000005,3200,127,1792.0000000000002,71.12,5145.5,2881.4800000000005,1945.5,205,114.80000000000001,3]
[804,16435,43,null,"DB",3,51,"D","C",0.52,3200,127,1664,66.040000000000006,1850,962,-1350,73.705179282868528,38.326693227091639,2]
[805,16436,43,null,"DB",3,53,"A","A",0.56000000000000005,10000,398,5600.0000000000009,222.88000000000002,4000,2240,-6000,159.36254980079681,89.243027888446221,2]
[806,16437,43,null,"DB",3,56,"D","C",0.63,3200,127,2016,80.010000000000005,1200,756,-2000,47.808764940239044,30.119521912350599,1]
[807,16438,43,null,"DB",3.5,56,"C","C",0.73,5000,199,3650,145.27000000000001,2150,1569.5,-2850,85.657370517928285,62.529880478087648,2]
[808,16439,43,null,"DB",3.4,49,"C","C",0.54,4000,159,2160,85.86,2000,1080,-2000,79.681274900398407,43.027888446215144,2]
[809,16440,43,null,"DB",3,53,"B","B",0.56000000000000005,7500,299,4200,167.44000000000003,10090.200000000001,5650.5120000000006,2590.2000000000007,402,225.12000000000003,3]
[810,16441,43,null,"DB",3,48,"D","C",0.46,2500,100,1150,46,1550,713,-950,61.752988047808763,28.406374501992033,2]
[811,16442,43,null,"DB",3,49,"D","C",0.48,2500,100,1200,48,1200,576,-1300,47.808764940239044,22.948207171314742,1]
[812,16443,43,null,"DB",3,46,"B","B",0.42,6000,239,2520,100.38,3000,1260,-3000,119.5219123505976,50.199203187250994,2]
[813,16444,43,null,"DB",3,53,"B","B",0.56000000000000005,7500,299,4200,167.44000000000003,7750,4340,250,308.76494023904382,172.90836653386455,2]
[814,16445,43,null,"DB",3,55,"C","C",0.61,5000,199,3050,121.39,3250,1982.5,-1750,129.48207171314741,78.98406374501991,2]
[815,16446,43,null,"DB",3,47,"D","C",0.44,2500,100,1100,44,1750,770,-750,69.721115537848604,30.677290836653388,2]
[816,16447,43,null,"DB",3,53,"B","B",0.56000000000000005,7500,299,4200,167.44000000000003,3000,1680.0000000000002,-4500,119.5219123505976,66.932270916334659,2]
[817,16448,43,null,"DB",3,43,"D","C",0.37,2500,100,925,37,1200,444,-1300,47.808764940239044,17.689243027888445,1]
[818,16449,43,null,"DB",3,46,"D","C",0.42,2500,100,1050,42,1200,504,-1300,47.808764940239044,20.079681274900398,1]
[819,16450,43,null,"DB",3.5,50,"D","C",0.57999999999999996,3200,127,1855.9999999999998,73.66,1200,696,-2000,47.808764940239044,27.729083665338642,1]
[820,16451,43,null,"DB",3.5,51,"D","C",0.61,3200,127,1952,77.47,1200,732,-2000,47.808764940239044,29.163346613545816,1]
[821,16452,43,null,"DB",4,54,"D","C",0.78,3200,127,2496,99.06,5200,4056,2000,207.17131474103584,161.59362549800795,3]
[822,16453,43,null,"DB",3,50,"D","C",0.5,3200,127,1600,63.5,1200,600,-2000,47.808764940239044,23.904382470119522,1]
[823,16454,35,null,"DB",5,55,"B","B",1.01,7500,299,7575,301.99,14608.2,14754.282000000001,7108.2000000000007,582,587.82000000000005,4]
[824,16455,35,null,"DB",4.7,50,"C","C",0.78,5000,199,3900,155.22,18473.600000000002,14409.408000000003,13473.600000000002,736,574.08000000000004,7]
[825,16456,35,null,"DB",4.0999999999999996,61,"A","A",1.02,10000,398,10200,405.96,19753.7,20148.774000000001,9753.7000000000007,787,802.74,5]
[826,16457,35,null,"DB",4,62,"B","A",1.03,7500,299,7725,307.97000000000003,18724.600000000002,19286.338000000003,11224.600000000002,746,768.38,6]
[827,16458,35,null,"DB",5.5,55,"A","A",1.1100000000000001,10000,398,11100.000000000002,441.78000000000003,15122,16785.420000000002,5122,602.47011952191235,668.74183266932278,5]
[828,16459,35,null,"DB",6,53,"II","A",1.1200000000000001,12000,478,13440.000000000002,535.36,26681.300000000003,29883.056000000008,14681.300000000003,1063,1190.5600000000002,9]
[829,16460,35,null,"DB",5.2,53,"A","A",0.97,10000,398,9700,386.06,18272.8,17724.615999999998,8272.7999999999993,727.99999999999989,706.15999999999985,6]
[830,16461,35,null,"DB",6.4,57,"A","A",1.39,10000,398,13899.999999999998,553.21999999999991,25526.7,35482.112999999998,15526.7,1017,1413.6299999999999,8]
[831,16462,35,null,"DB",8.1,58,"II","A",1.83,12000,478,21960,874.74,29191.300000000003,53420.079000000005,17191.300000000003,1163,2128.29,11]
[833,16463,35,null,"DB",5.3,58,"C","C",1.19,5000,199,5950,236.81,19502.7,23208.213,14502.7,777,924.63,5]
[834,16464,35,null,"DB",5.0999999999999996,62,"II","A",1.32,12000,478,15840,630.96,21535.800000000003,28427.256000000005,9535.8000000000029,858.00000000000011,1132.5600000000002,7]
[835,16465,35,null,"DB",3.6,74,"A","A",1.33,10000,398,13300,529.34,20782.800000000003,27641.124000000007,10782.800000000003,828.00000000000011,1101.2400000000002,4]
[836,16466,35,null,"DB",4.0999999999999996,49,"II","A",0.65,10000,398,6500,258.7,15762.800000000001,10245.820000000002,5762.8000000000011,628,408.2,5]
[837,16467,35,null,"DB",5.0999999999999996,63,"II","A",1.36,12000,478,16320.000000000002,650.08000000000004,20552,27950.720000000001,8552,818.80478087649396,1113.5745019920319,6]
[838,16468,35,null,"DB",4.0999999999999996,61,"II","A",1.02,12000,478,12240,487.56,30446.300000000003,31055.226000000002,18446.300000000003,1213,1237.26,6]
[839,16469,35,null,"DB",5,55,"C","C",1.01,5000,199,5050,200.99,17118.2,17289.382000000001,12118.2,682,688.82,3]
[840,16470,35,null,"DB",4.9000000000000004,48,"A","A",0.75,8000,319,6000,239.25,16515.8,12386.849999999999,8515.7999999999993,657.99999999999989,493.49999999999989,5]
[841,16471,35,null,"DB",5.0999999999999996,57,"II","A",1.1100000000000001,12000,478,13320.000000000002,530.58000000000004,22866.100000000002,25381.371000000006,10866.100000000002,911,1011.21,9]
[842,16472,35,null,"DB",4,77,"B","A",1.6,7500,299,12000,478.40000000000003,23016.7,36826.720000000001,15516.7,917,1467.2,6]
[843,16473,35,null,"DB",5.0999999999999996,59,"II","A",1.19,12000,478,14280,568.81999999999994,17522,20851.18,5522,698.08764940239041,830.72430278884451,6]
[844,16474,35,null,"DB",4.5,56,"II","A",0.94,12000,478,11280,449.32,29191.300000000003,27439.822,17191.300000000003,1163,1093.22,9]
[845,16475,35,null,"DB",4.0999999999999996,57,"A","A",0.89,10000,398,8900,354.22,18724.600000000002,16664.894000000004,8724.6000000000022,746,663.94,4]
[846,16476,35,null,"DB",2.6,63,"C","B",0.69,5000,199,3449.9999999999995,137.31,2000,1380,-3000,79.681274900398407,54.980079681274894,2]
[847,16477,46,null,"DB",4.2,43,"B","B",0.51,6000,239,3060,121.89,8250,4207.5,2250,328.68525896414343,167.62948207171314,3]
[848,16478,46,null,"DB",4.7,46,"C","C",0.66,4000,159,2640,104.94000000000001,7856.3,5185.1580000000004,3856.3,313,206.58,3]
[849,16479,46,null,"DB",4.2,47,"C","C",0.62,4000,159,2480,98.58,6450,3999,2450,256.97211155378483,159.32270916334659,2]
[850,16480,46,null,"DB",4.9000000000000004,61,"D","C",1.22,3200,127,3904,154.94,1200,1464,-2000,47.808764940239044,58.326693227091631,1]
[851,16481,46,null,"DB",4,51,"A","A",0.69,10000,398,6899.9999999999991,274.62,14758.800000000001,10183.572,4758.8000000000011,588,405.71999999999997,6]
[852,16482,46,null,"DB",4.9000000000000004,38,"C","C",0.46,3000,120,1380,55.2,4550,2093,1550,181.27490039840637,83.386454183266935,2]
[853,16483,46,null,"DB",5,45,"C","C",0.67,4000,159,2680,106.53,8207.7000000000007,5499.1590000000006,4207.7000000000007,327,219.09,3]
[854,16484,46,null,"DB",4.9000000000000004,39,"C","C",0.49,3000,120,1470,58.8,4050,1984.5,1050,161.35458167330677,79.063745019920319,2]
[855,16485,46,null,"DB",6.1,36,"C","C",0.52,3000,120,1560,62.400000000000006,2000,1040,-1000,79.681274900398407,41.43426294820717,1]
[856,16486,46,null,"DB",6.2,35,"C","C",0.5,3000,120,1500,60,4150,2075,1150,165.33864541832668,82.669322709163339,2]
[857,16487,46,null,"DB",5.5,39,"C","C",0.55000000000000004,3000,120,1650.0000000000002,66,4150,2282.5,1150,165.33864541832668,90.936254980079681,2]
[858,16488,46,null,"DB",4.5,36,"B","C",0.38,4500,179,1710,68.02,4150,1577,-350,165.33864541832668,62.828685258964136,2]
[859,16489,46,null,"DB",5.7,36,"C","C",0.48,3000,120,1440,57.599999999999994,4150,1992,1150,165.33864541832668,79.362549800796799,2]
[860,16490,46,null,"DB",5.5,41,"C","C",0.61,4000,159,2440,96.99,6450,3934.5,2450,256.97211155378483,156.75298804780874,2]
[861,16491,46,null,"DB",6.2,37,"B","C",0.56000000000000005,4500,179,2520.0000000000005,100.24000000000001,4150,2324,-350,165.33864541832668,92.589641434262944,2]
[862,16492,46,null,"DB",4,39,"C","C",0.4,3000,120,1200,48,4150,1660,1150,165.33864541832668,66.135458167330668,2]
[863,16493,46,null,"DB",4,37,"D","C",0.36,1500,60,540,21.599999999999998,1200,432,-300,47.808764940239044,17.211155378486055,1]
[864,16494,46,null,"DB",4,40,"B","B",0.42,6000,239,2520,100.38,11415,4794.3,5415,454.78087649402386,191.00796812749002,4]
[865,16495,46,null,"DB",4,41,"B","B",0.44,6000,239,2640,105.16,12851.2,5654.5280000000002,6851.2000000000007,512,225.28,5]
[866,16496,46,null,"DB",4,39,"B","C",0.4,4500,179,1800,71.600000000000009,11415,4566,6915,454.78087649402386,181.91235059760956,4]
[867,16497,46,null,"DB",4,41,"D","C",0.44,2500,100,1100,44,8182.6,3600.3440000000001,5682.6,326,143.44,3]
[868,16498,46,null,"DB",4,39,"C","C",0.4,3000,120,1200,48,6275,2510,3275,250,100,3]
[869,16499,46,null,"DB",4,47,"B","B",0.59,6000,239,3540,141.01,11415,6734.8499999999995,5415,454.78087649402386,268.32071713147405,4]
[870,16500,46,null,"DB",4,40,"D","C",0.42,2500,100,1050,42,8910.5,3742.41,6410.5,355,149.1,3]
[871,16501,46,null,"DB",4,46,"C","C",0.56000000000000005,4000,159,2240,89.04,4150,2324,150,165.33864541832668,92.589641434262944,2]
[872,16502,46,null,"MD",4,42,"B","B",0.46,4000,159,1840,73.14,4000,1840,0,159.36254980079681,73.30677290836654,2]
[873,16503,46,null,"MD",4,47,"C","C",0.57999999999999996,3000,120,1739.9999999999998,69.599999999999994,3500,2029.9999999999998,500,139.44223107569721,80.876494023904371,2]
[874,16504,46,null,"DB",4,53,"C","C",0.75,5000,199,3750,149.25,9111.3000000000011,6833.4750000000004,4111.3000000000011,363,272.25,3]
[875,16505,46,null,"DB",4,50,"C","C",0.67,5000,199,3350,133.33000000000001,6450,4321.5,1450,256.97211155378483,172.17131474103584,2]
[876,16506,46,null,"DB",4,50,"C","C",0.67,5000,199,3350,133.33000000000001,7906.5,5297.3550000000005,2906.5,315,211.05,4]
[877,16507,46,null,"DB",4.2,43,"D","C",0.51,2500,100,1275,51,3890.5,1984.155,1390.5,155,79.05,3]
[878,16508,46,null,"MD",4,51,"B","B",0.68,4000,159,2720,108.12,4500,3060,500,179.28286852589639,121.91235059760956,2]
[879,16509,46,null,"MD",4,57,"A","A",0.85,5500,219,4675,186.15,8684.6,7381.91,3184.6000000000004,346,294.09999999999997,4]
[880,16510,46,null,"DB",4.3,46,"D","C",0.6,2500,100,1500,60,2150,1290,-350,85.657370517928285,51.394422310756973,2]
[881,16511,46,null,"DB",3,57,"D","C",0.65,3200,127,2080,82.55,1200,780,-2000,47.808764940239044,31.075697211155379,1]
[882,16512,46,null,"DB",3,66,"D","C",0.88,3200,127,2816,111.76,10968.7,9652.4560000000001,7768.7000000000007,437,384.56,3]
[883,16513,46,null,"DB",3,60,"B","A",0.72,7500,299,5400,215.28,3150,2268,-4350,125.49800796812748,90.358565737051777,2]
[884,16514,46,null,"DB",3,47,"D","C",0.44,2500,100,1100,44,1550,682,-950,61.752988047808763,27.171314741035857,2]
[885,16515,46,null,"DB",3.1,46,"C","C",0.43,4000,159,1720,68.37,2000,860,-2000,79.681274900398407,34.262948207171313,2]
[886,16516,45,null,"DB",8,49,"C","C",1.28,4000,159,5120,203.52,13579.1,17381.248,9579.1,541,692.48,6]
[887,16517,45,null,"DB",12,51,"II","A",2.08,12000,478,24960,994.24,15712.6,32682.208000000002,3712.6000000000004,626,1302.0800000000002,8]
[888,16518,45,null,"DB",12,46,"A","A",1.68,8000,319,13440,535.91999999999996,13478.7,22644.216,5478.7000000000007,537,902.16,5]
[889,16519,45,null,"DB",12,46,"C","C",1.68,4000,159,6720,267.12,10592.2,17794.896000000001,6592.2000000000007,422,708.95999999999992,4]
[890,16520,45,null,"DB",11.5,55,"B","B",2.33,7500,299,17475,696.67000000000007,15511.800000000001,36142.494000000006,8011.8000000000011,618,1439.94,6]
[891,16521,45,null,"DB",9,61,"A","A",2.25,10000,398,22500,895.5,17522,39424.5,7522,698.08764940239041,1570.6972111553785,5]
[892,16522,45,null,"DB",6,53,"A","A",1.1200000000000001,10000,398,11200.000000000002,445.76000000000005,18247.7,20437.424000000003,8247.7000000000007,727,814.24000000000012,5]
[893,16523,45,null,"DB",6,47,"A","A",0.88,8000,319,7040,280.72000000000003,16490.7,14511.816000000001,8490.7000000000007,657,578.16,3]
[894,16524,45,null,"DB",5.7,45,"A","A",0.76,8000,319,6080,242.44,15411.400000000001,11712.664000000001,7411.4000000000015,614,466.64,5]
[895,16525,45,null,"DB",9.5,47,"II","A",1.39,10000,398,13899.999999999998,553.21999999999991,16666.400000000001,23166.296000000002,6666.4000000000015,664,922.95999999999992,8]
[896,16526,45,null,"DB",3,60,"II","A",0.72,12000,478,8640,344.15999999999997,30446.300000000003,21921.336000000003,18446.300000000003,1213,873.36,7]
[897,16527,40,null,"DB",8.5,75,"A","A",3.23,10000,398,32300,1285.54,19000.7,61372.260999999999,9000.7000000000007,757,2445.11,8]
[898,16528,40,null,"DB",11,77,"A","A",4.41,10000,398,44100,1755.18,20552,90634.32,10552,818.80478087649396,3610.9290836653386,6]
[899,16529,40,null,"MD",12,61,"C","B",2.93,3000,120,8790,351.6,11881,34811.33,8881,473.34661354581669,1386.905577689243,6]
[1000,16530,40,null,"DB",12,66,"C","B",3.52,5000,199,17600,700.48,15122,53229.440000000002,10122,602.47011952191235,2120.6948207171313,7]
[1001,16531,40,null,"DB",6.5,58,"II","A",1.46,12000,478,17520,697.88,16522,24122.12,4522,658.2470119521912,961.04063745019914,8]
[1002,16532,40,null,"DB",10,60,"C","B",2.42,5000,199,12100,481.58,13654.400000000001,33043.648000000001,8654.4000000000015,544,1316.48,5]
[1003,16533,40,null,"DB",12,58,"B","B",2.7,7500,299,20250,807.30000000000007,17268.8,46625.760000000002,9768.7999999999993,687.99999999999989,1857.6,9]
[1004,16534,31,null,"DB",3.5,53,"II","A",0.66,12000,478,7920,315.48,16515.8,10900.428,4515.7999999999993,657.99999999999989,434.28,5]
[1005,16535,31,null,"DB",3.5,62,"C","B",0.9,5000,199,4500,179.1,7078.2000000000007,6370.380000000001,2078.2000000000007,282,253.8,2]
[1006,16536,31,null,"DB",3.5,62,"A","A",0.9,10000,398,9000,358.2,18272.8,16445.52,8272.7999999999993,727.99999999999989,655.19999999999993,4]
[1007,16537,31,null,"DB",2.5,52,"C","C",0.45,5000,199,2250,89.55,5550,2497.5,550,221.11553784860556,99.501992031872504,2]
[1008,16538,31,null,"DB",2.5,55,"A","A",0.51,10000,398,5100,202.98,8257.9,4211.5289999999995,-1742.1000000000004,328.99999999999994,167.78999999999996,3]
[1009,16539,31,null,"DB",2.5,53,"D","C",0.47,3200,127,1504,59.69,1200,564,-2000,47.808764940239044,22.470119521912348,1]
[1010,16540,31,null,"DB",3.5,47,"B","B",0.51,6000,239,3060,121.89,11415,5821.6500000000005,5415,454.78087649402386,231.93824701195217,3]
[1011,16541,31,null,"DB",2.5,52,"D","C",0.45,3200,127,1440,57.15,1200,540,-2000,47.808764940239044,21.513944223107572,1]
[1012,16542,31,null,"DB",2.5,50,"D","C",0.42,3200,127,1344,53.339999999999996,3250,1365,50,129.48207171314741,54.382470119521905,2]
[1013,16543,31,null,"DB",2.5,56,"B","B",0.52,7500,299,3900,155.48000000000002,3250,1690,-4250,129.48207171314741,67.330677290836647,2]
[1014,16544,31,null,"DB",2.5,52,"C","C",0.45,5000,199,2250,89.55,2000,900,-3000,79.681274900398407,35.856573705179287,1]
[1015,16545,31,null,"DB",2.5,59,"B","B",0.57999999999999996,7500,299,4350,173.42,7750,4495,250,308.76494023904382,179.0836653386454,2]
[1016,16546,31,null,"DB",5,49,"A","A",0.8,8000,319,6400,255.20000000000002,12876.300000000001,10301.040000000001,4876.3000000000011,513,410.40000000000003,5]
[1017,16547,31,null,"DB",5,57,"B","B",1.0900000000000001,7500,299,8175.0000000000009,325.91000000000003,10291,11217.19,2791,410,446.90000000000003,4]
[1018,16548,31,null,"DB",5,54,"B","B",0.97,7500,299,7275,290.02999999999997,10291,9982.27,2791,410,397.7,4]
[1019,16549,31,null,"DB",5,53,"B","B",0.94,7500,299,7050,281.06,11470.7,10782.458000000001,3970.7000000000007,457,429.58,4]
[1020,16550,31,null,"DB",5,58,"B","B",1.1299999999999999,7500,299,8475,337.86999999999995,10291,11628.829999999998,2791,410,463.29999999999995,4]
[1021,16551,31,null,"DB",5,50,"C","C",0.83,5000,199,4150,165.17,6450,5353.5,1450,256.97211155378483,213.2868525896414,2]
[1022,16552,31,null,"DB",5,55,"D","C",1.01,3200,127,3232,128.27000000000001,1850,1868.5,-1350,73.705179282868528,74.442231075697208,2]
[1023,16553,31,null,"DB",5,56,"C","C",1.05,5000,199,5250,208.95000000000002,7279,7642.9500000000007,2279,290,304.5,4]
[1024,16554,31,null,"DB",5,55,"B","B",1.01,7500,299,7575,301.99,11470.7,11585.407000000001,3970.7000000000007,457,461.57,8]
[1025,16555,31,null,"DB",3.5,60,"B","A",0.85,7500,299,6375,254.15,11415,9702.75,3915,454.78087649402386,386.56374501992025,4]
[1026,16556,31,null,"DB",3.5,58,"D","C",0.79,3200,127,2528,100.33,1200,948,-2000,47.808764940239044,37.768924302788847,1]
[1027,16557,31,null,"DB",2.5,45,"A","A",0.34,8000,319,2720,108.46000000000001,10065.1,3422.1340000000005,2065.1000000000004,401,136.34,4]
[1028,16558,31,null,"DB",2.5,60,"A","A",0.6,10000,398,6000,238.79999999999998,8785,5271,-1215,350,210,3]
[1029,16559,31,null,"DB",2.5,42,"D","C",0.28999999999999998,2500,100,725,28.999999999999996,1200,348,-1300,47.808764940239044,13.864541832669321,1]
[1030,16560,39,null,"DB",9.5,54,"A","A",1.85,10000,398,18500,736.30000000000007,20356.100000000002,37658.785000000003,10356.100000000002,811,1500.3500000000001,10]
[1031,16561,39,null,"DB",12,52,"B","B",2.16,7500,299,16200.000000000002,645.84,12700.6,27433.296000000002,5200.6000000000004,506,1092.96,5]
[1032,16562,39,null,"DB",9,48,"B","B",1.38,6000,239,8280,329.82,10215.700000000001,14097.665999999999,4215.7000000000007,407,561.66,4]
[1033,16563,39,null,"DB",6,40,"A","A",0.63,8000,319,5040,200.97,15210.6,9582.6779999999999,7210.6,606,381.78000000000003,5]
[1034,16564,39,null,"DB",8.5,60,"II","A",2.0499999999999998,12000,478,24599.999999999996,979.89999999999986,20506.7,42038.735000000001,8506.7000000000007,817,1674.85,10]
[1035,16565,39,null,"DB",12,53,"II","A",2.25,12000,478,27000,1075.5,20406.300000000003,45914.175000000003,8406.3000000000029,813.00000000000011,1829.2500000000002,10]
[1036,16566,39,null,"DB",9,64,"A","A",2.48,10000,398,24800,987.04,24171.300000000003,59944.824000000008,14171.300000000003,963.00000000000011,2388.2400000000002,9]
[1037,16567,39,null,"DB",11,56,"A","A",2.31,10000,398,23100,919.38,19879.2,45920.952000000005,9879.2000000000007,792,1829.52,6]
[1038,16568,39,null,"DB",12,48,"II","A",1.84,10000,398,18400,732.32,19000.7,34961.288,9000.7000000000007,757,1392.88,10]
[1039,16569,39,null,"DB",11,45,"II","A",1.48,10000,398,14800,589.04,19000.7,28121.036,9000.7000000000007,757,1120.3599999999999,9]
[1040,16570,39,null,"DB",9,48,"A","A",1.38,8000,319,11040,440.21999999999997,12725.7,17561.466,4725.7000000000007,507,699.66,4]
[1041,16571,32,null,"MD",12,46,"A","A",1.66,5500,219,9130,363.53999999999996,6275,10416.5,775,250,415,2]
[1042,16572,32,null,"MD",12,60,"B","A",2.84,4000,159,11360,451.56,7530,21385.200000000001,3530,300,852,4]
[1043,16573,32,null,"MD",12,57,"A","A",2.56,5500,219,14080,560.64,9186.6,23517.696,3686.6000000000004,366,936.96,5]
[1044,16574,32,null,"MD",8,48,"II","A",1.21,7000,279,8470,337.59,9186.6,11115.786,2186.6000000000004,366,442.86,5]
[1045,16575,32,null,"MD",12,58,"B","B",2.65,4000,159,10600,421.34999999999997,8681,23004.649999999998,4681,345.85657370517924,916.51992031872499,4]
[1046,16576,32,null,"MD",8,52,"A","A",1.42,5500,219,7810,310.97999999999996,10316.1,14648.861999999999,4816.1000000000004,411,583.62,5]
[1047,16577,32,null,"MD",8,50,"B","B",1.31,4000,159,5240,208.29000000000002,8935.6,11705.636,4935.6000000000004,356,466.36,4]
[1048,16578,32,null,"MD",9,52,"A","A",1.6,5500,219,8800,350.40000000000003,9462.7000000000007,15140.320000000002,3962.7000000000007,377,603.20000000000005,5]
[1049,16579,32,null,"MD",8,52,"B","B",1.42,4000,159,5680,225.78,5000,7100,1000,199.203187250996,282.86852589641433,2]
[1050,16580,32,null,"MD",8,55,"II","A",1.59,7000,279,11130,443.61,9186.6,14606.694000000001,2186.6000000000004,366,581.94000000000005,6]
[1051,16581,32,null,"MD",6,51,"C","C",1.02,3000,120,3060,122.4,5020,5120.3999999999996,2020,200,204,3]
[1052,16582,32,null,"MD",6,48,"II","A",0.91,7000,279,6370,253.89000000000001,7530,6852.3,530,300,273,3]
[1053,16583,32,null,"MD",6,52,"A","A",1.06,5500,219,5830,232.14000000000001,7530,7981.8,2030,300,318,3]
[1054,16584,32,null,"MD",8,56,"II","A",1.65,7000,279,11550,460.34999999999997,9688.6,15986.19,2688.6000000000004,386,636.9,4]
[1055,16585,32,null,"MD",12,56,"A","A",2.4700000000000002,5500,219,13585.000000000002,540.93000000000006,9688.6,23930.842000000004,4188.6000000000004,386,953.42000000000007,5]
[1056,16586,32,null,"MD",6,52,"B","B",1.06,4000,159,4240,168.54000000000002,7530,7981.8,3530,300,318,3]
[1057,16587,32,null,"MD",6,51,"A","A",1.02,5500,219,5610,223.38,9186.6,9370.3320000000003,3686.6000000000004,366,373.32,4]
[1058,16588,32,null,"MD",6,52,"A","A",1.06,5500,219,5830,232.14000000000001,8107.3,8593.7380000000012,2607.3000000000002,323,342.38,3]
[1059,16589,32,null,"MD",4,48,"C","C",0.6,3000,120,1800,72,7530,4518,4530,300,180,2]
[1060,16590,32,null,"MD",4,48,"A","A",0.6,5500,219,3300,131.4,8107.3,4864.38,2607.3000000000002,323,193.79999999999998,4]
[1061,16591,33,null,"DB",2.5,58,"II","A",0.56000000000000005,12000,478,6720.0000000000009,267.68,14081.1,7885.4160000000011,2081.1000000000004,561,314.16000000000003,4]
[1062,16592,33,null,"DB",2.5,64,"II","A",0.69,12000,478,8280,329.82,16214.6,11188.073999999999,4214.6000000000004,646,445.73999999999995,5]
[1063,16593,33,null,"DB",3,68,"A","A",0.93,10000,398,9300,370.14000000000004,25426.300000000003,23646.459000000003,15426.300000000003,1013.0000000000001,942.09000000000015,6]
[1064,16594,33,null,"DB",2.4,59,"II","A",0.56000000000000005,12000,478,6720.0000000000009,267.68,21661.300000000003,12130.328000000003,9661.3000000000029,863.00000000000011,483.28000000000009,5]
[1065,16595,33,null,"DB",3.5,63,"II","A",0.93,12000,478,11160,444.54,18975.600000000002,17647.308000000005,6975.6000000000022,756,703.08,6]
[1066,16596,33,null,"DB",3.5,47,"II","A",0.51,10000,398,5100,202.98,15762.800000000001,8039.0280000000002,5762.8000000000011,628,320.28000000000003,5]
[1067,16597,33,null,"DB",5.5,67,"II","A",1.66,12000,478,19920,793.48,32956.300000000003,54707.457999999999,20956.300000000003,1313,2179.58,11]
[1068,16598,33,null,"DB",7,55,"II","A",1.42,12000,478,17040,678.76,17522,24881.239999999998,5522,698.08764940239041,991.28446215139434,8]
[1069,16599,33,null,"DB",3,48,"A","A",0.46,8000,319,3680,146.74,15863.2,7297.072000000001,7863.2000000000007,632,290.72000000000003,3]
[1070,16600,33,null,"DB",3,61,"A","A",0.75,10000,398,7500,298.5,27936.300000000003,20952.225000000002,17936.300000000003,1113,834.75,4]
[1071,16601,33,null,"DB",3,47,"II","A",0.44,10000,398,4400,175.12,12575.1,5533.0439999999999,2575.1000000000004,501,220.44,3]
[1072,16602,33,null,"DB",4.5,65,"II","A",1.28,12000,478,15360,611.84,23016.7,29461.376,11016.7,917,1173.76,8]
[1073,16603,33,null,"DB",4,61,"II","A",1,12000,478,12000,478,23267.7,23267.7,11267.7,927,927,8]
[1074,16604,33,null,"DB",3.5,64,"A","A",0.96,10000,398,9600,382.08,25526.7,24505.632000000001,15526.7,1017,976.31999999999994,6]
[1075,16605,33,null,"DB",3,48,"II","A",0.46,10000,398,4600,183.08,16741.7,7701.1820000000007,6741.7000000000007,667,306.82,3]
[1076,16606,33,null,"DB",4.5,80,"II","A",1.95,12000,478,23400,932.1,37373.9,72879.104999999996,25373.9,1489,2903.5499999999997,9]
[1077,16607,33,null,"JS",4,67,"II","A",1.21,4500,178,5445,215.38,7806.1,9445.3809999999994,3306.1000000000004,311,376.31,5]
[1078,16608,33,null,"MD",4,66,"A","A",1.1499999999999999,5500,219,6324.9999999999991,251.85,10316.1,11863.514999999999,4816.1000000000004,411,472.65,4]
[1079,16609,33,null,"MD",4,61,"A","A",0.98,5500,219,5390,214.62,8785,8609.2999999999993,3285,350,343,3]
[1080,16610,33,null,"MD",4,66,"A","A",1.1499999999999999,5500,219,6324.9999999999991,251.85,10316.1,11863.514999999999,4816.1000000000004,411,472.65,4]
[1081,16611,33,null,"MD",3.9,63,"A","A",1.02,5500,219,5610,223.38,8785,8960.7000000000007,3285,350,357,2]
[1082,16612,49,null,"MD",4,55,"C","C",0.79,3000,120,2370,94.800000000000011,1700,1343,-1300,67.729083665338635,53.505976095617527,1]
[1083,16613,49,null,"MD",4,40,"B","B",0.42,4000,159,1680,66.78,1700,714,-2300,67.729083665338635,28.446215139442227,1]
[1084,16614,49,null,"MD",4,47,"C","C",0.57999999999999996,3000,120,1739.9999999999998,69.599999999999994,1700,985.99999999999989,-1300,67.729083665338635,39.282868525896404,1]
[1085,16615,49,null,"MD",4,35,"B","C",0.32,4000,159,1280,50.88,1700,544,-2300,67.729083665338635,21.673306772908365,1]
[1086,16616,49,null,"MD",4,40,"B","B",0.42,4000,159,1680,66.78,1700,714,-2300,67.729083665338635,28.446215139442227,1]
[1087,16617,49,null,"MD",4,42,"B","B",0.46,4000,159,1840,73.14,1700,782,-2300,67.729083665338635,31.155378486055774,1]
[1088,16618,49,null,"MD",4,38,"B","C",0.37,4000,159,1480,58.83,1700,629,-2300,67.729083665338635,25.059760956175296,1]
[1089,16619,49,null,"MD",4,33,"B","C",0.28000000000000003,4000,159,1120,44.52,1700,476.00000000000006,-2300,67.729083665338635,18.964143426294818,1]
[1090,16620,49,null,"MD",4,36,"B","C",0.34,4000,159,1360,54.06,1700,578,-2300,67.729083665338635,23.027888446215137,1]
[1091,16621,49,null,"MD",4,48,"B","B",0.6,4000,159,2400,95.399999999999991,4500,2700,500,179.28286852589639,107.56972111553783,2]
[1092,16622,49,null,"MD",4,44,"A","A",0.51,5500,219,2805,111.69,4500,2295,-1000,179.28286852589639,91.434262948207163,2]
[1093,16623,49,null,"MD",4,45,"B","B",0.53,4000,159,2120,84.27000000000001,4500,2385,500,179.28286852589639,95.019920318725084,2]
[1094,16624,49,null,"MD",4,45,"B","B",0.53,4000,159,2120,84.27000000000001,1700,901,-2300,67.729083665338635,35.896414342629477,1]
[1095,16625,49,null,"MD",4,52,"A","A",0.71,5500,219,3905,155.48999999999998,8107.3,5756.183,2607.3000000000002,323,229.32999999999998,3]
[1096,16626,49,null,"MD",4,52,"A","A",0.71,5500,219,3905,155.48999999999998,5000,3550,-500,199.203187250996,141.43426294820716,2]
[1097,16627,49,null,"DB",3,49,"A","A",0.48,8000,319,3840,153.12,8050,3864,50,320.71713147410355,153.94422310756971,2]
[1098,16628,49,null,"MD",4,42,"C","C",0.46,3000,120,1380,55.2,1700,782,-1300,67.729083665338635,31.155378486055774,1]
[1099,16629,49,null,"MD",4,47,"B","B",0.57999999999999996,4000,159,2320,92.22,4000,2320,0,159.36254980079681,92.43027888446214,2]
[1100,16630,49,null,"MD",4,48,"A","A",0.6,5500,219,3300,131.4,5500,3300,0,219.1235059760956,131.47410358565736,2]
[1101,16631,49,null,"MD",4,38,"B","C",0.37,4000,159,1480,58.83,5020,1857.4,1020,200,74,2]
[1102,16632,49,null,"MD",4,36,"A","B",0.34,5500,219,1870.0000000000002,74.460000000000008,1700,578,-3800,67.729083665338635,23.027888446215137,1]
[1103,16633,49,null,"MD",4,43,"A","A",0.48,5500,219,2640,105.11999999999999,4500,2160,-1000,179.28286852589639,86.055776892430259,2]
[1104,16634,28,null,"MD",11,41,"A","A",1.2,5500,219,6600,262.8,6275,7530,775,250,300,4]
[1105,16635,28,null,"MD",7,55,"A","A",1.39,5500,219,7644.9999999999991,304.40999999999997,7861,10926.789999999999,2361,313.18725099601591,435.33027888446207,3]
[1106,16636,28,null,"MD",10,46,"A","A",1.38,5500,219,7589.9999999999991,302.21999999999997,7281,10047.779999999999,1781,290.07968127490039,400.3099601593625,4]
[1107,16637,28,null,"MD",11,57,"II","A",2.35,7000,279,16450,655.65,13661,32103.350000000002,6661,544.26294820717123,1279.0179282868523,6]
[1108,16638,28,null,"MD",10,45,"A","A",1.32,5500,219,7260,289.08000000000004,6921,9135.7200000000012,1421,275.73705179282865,363.97290836653383,4]
[1109,16639,28,null,"MD",12,43,"B","B",1.45,4000,159,5800,230.54999999999998,8935.6,12956.62,4935.6000000000004,356,516.19999999999993,5]
[1110,16640,28,null,"MD",12,54,"A","A",2.2999999999999998,5500,219,12649.999999999998,503.7,9688.6,22283.78,4188.6000000000004,386,887.8,4]
[1111,16641,28,null,"MD",9,48,"B","B",1.36,4000,159,5440,216.24,7530,10240.800000000001,3530,300,408.00000000000006,3]
[1112,16642,28,null,"MD",11,48,"A","A",1.66,5500,219,9130,363.53999999999996,8935.6,14833.096,3435.6000000000004,356,590.95999999999992,6]
[1113,16643,28,null,"MD",8,45,"A","A",1.06,5500,219,5830,232.14000000000001,4500,4770,-1000,179.28286852589639,190.03984063745017,3]
[1114,16644,28,null,"MD",9,43,"B","B",1.0900000000000001,4000,159,4360,173.31,7530,8207.7000000000007,3530,300,327,4]
[1115,16645,28,null,"MD",10,44,"B","B",1.26,4000,159,5040,200.34,7530,9487.7999999999993,3530,300,378,4]
[1116,16646,28,null,"MD",10,42,"A","A",1.1499999999999999,5500,219,6324.9999999999991,251.85,5747.9000000000005,6610.085,247.90000000000055,229,263.34999999999997,4]
[1117,16647,28,null,"MD",6,51,"B","B",1.02,4000,159,4080,162.18,4500,4590,500,179.28286852589639,182.86852589641433,3]
[1118,16648,28,null,"MD",10,50,"B","B",1.64,4000,159,6560,260.76,8935.6,14654.384,4935.6000000000004,356,583.83999999999992,5]
[1119,16649,28,null,"MD",10,45,"B","B",1.32,4000,159,5280,209.88000000000002,5020,6626.4000000000005,1020,200,264,2]
[1120,16650,28,null,"MD",9,44,"B","B",1.1399999999999999,4000,159,4560,181.26,7555.1,8612.8140000000003,3555.1000000000004,301,343.14,5]
[1121,16651,28,null,"MD",10,43,"A","A",1.21,5500,219,6655,264.99,7555.1,9141.6710000000003,2055.1000000000004,301,364.21,6]
[1122,16652,28,null,"MD",9,44,"A","A",1.1399999999999999,5500,219,6269.9999999999991,249.65999999999997,6275,7153.4999999999991,775,250,285,4]
[1123,16653,47,null,"DB",8,39,"A","B",0.8,5500,219,4400,175.20000000000002,11415,9132,5915,454.78087649402386,363.82470119521912,4]
[1124,16654,47,null,"DB",3,45,"C","C",0.4,4000,159,1600,63.6,3150,1260,-850,125.49800796812748,50.199203187250994,2]
[1125,16655,47,null,"DB",3,48,"A","A",0.46,8000,319,3680,146.74,8050,3703,50,320.71713147410355,147.52988047808765,2]
[1126,16656,47,null,"DB",5,40,"A","A",0.53,8000,319,4240,169.07000000000002,12725.7,6744.621000000001,4725.7000000000007,507,268.71000000000004,4]
[1127,16657,47,null,"DB",4,53,"II","A",0.75,12000,478,9000,358.5,16214.6,12160.95,4214.6000000000004,646,484.5,5]
[1128,16658,47,null,"DB",3,42,"B","B",0.35,6000,239,2100,83.649999999999991,11194.6,3918.1099999999997,5194.6000000000004,446,156.1,3]
[1129,16659,47,null,"DB",3.3,40,"A","A",0.35,8000,319,2800,111.64999999999999,7150,2502.5,-850,284.86055776892431,99.701195219123505,2]
[1130,16660,47,null,"DB",8,42,"A","A",0.93,8000,319,7440,296.67,13252.800000000001,12325.104000000001,5252.8000000000011,528,491.04,7]
[1131,16661,47,null,"DB",9,53,"A","A",1.69,10000,398,16900,672.62,16522,27922.18,6522,658.2470119521912,1112.4374501992031,6]
[1132,16662,47,null,"DB",7,43,"II","A",0.86,10000,398,8600,342.28,15762.800000000001,13556.008000000002,5762.8000000000011,628,540.08000000000004,6]
[1133,16663,47,null,"DB",5.5,50,"II","A",0.92,12000,478,11040,439.76,17118.2,15748.744000000001,5118.2000000000007,682,627.44000000000005,6]
[1134,16664,47,null,"DB",6,39,"B","C",0.6,4500,179,2700,107.39999999999999,7279,4367.3999999999996,2779,290,174,3]
[1135,16665,47,null,"DB",6.5,51,"C","C",1.1299999999999999,5000,199,5649.9999999999991,224.86999999999998,8935.6,10097.227999999999,3935.6000000000004,356,402.28,3]
[1136,16666,47,null,"DB",6.4,42,"B","B",0.74,6000,239,4440,176.85999999999999,9789,7243.86,3789,390,288.60000000000002,4]
[1137,16667,47,null,"DB",5,45,"C","C",0.67,4000,159,2680,106.53,7755.9000000000005,5196.4530000000004,3755.9000000000005,309,207.03,3]
[1138,16668,47,null,"DB",5,38,"C","C",0.47,3000,120,1410,56.4,6150,2890.5,3150,245.0199203187251,115.15936254980079,2]
[1139,16669,47,null,"DB",5.5,52,"C","C",0.99,5000,199,4950,197.01,2000,1980,-3000,79.681274900398407,78.884462151394416,1]
[1140,16670,47,null,"DB",3,49,"A","A",0.48,8000,319,3840,153.12,7250,3480,-750,288.84462151394422,138.64541832669323,2]
[1141,16671,47,null,"DB",3.5,52,"A","A",0.63,10000,398,6300,250.74,13980.7,8807.8410000000003,3980.7000000000007,557,350.91,4]
[1142,16672,47,null,"DB",3,46,"B","B",0.42,6000,239,2520,100.38,7250,3045,1250,288.84462151394422,121.31474103585657,2]
[1143,16673,47,null,"DB",2.5,40,"C","C",0.26,4000,159,1040,41.34,2150,559,-1850,85.657370517928285,22.270916334661354,2]
[1144,16674,47,null,"DB",3,44,"B","B",0.38,6000,239,2280,90.820000000000007,14357.2,5455.7360000000008,8357.2000000000007,572,217.36,3]
[1145,16675,47,null,"DB",2.5,44,"C","C",0.32,4000,159,1280,50.88,2000,640,-2000,79.681274900398407,25.498007968127492,1]
[1146,16676,47,null,"DB",4,39,"D","C",0.4,1500,60,600,24,1200,480,-300,47.808764940239044,19.123505976095618,1]
[1147,16677,47,null,"DB",2.5,41,"A","A",0.28000000000000003,8000,319,2240,89.320000000000007,8860.3000000000011,2480.8840000000005,860.30000000000109,353,98.84,4]
[1148,16678,47,null,"DB",3,38,"C","C",0.28000000000000003,3000,120,840.00000000000011,33.6,8157.5000000000009,2284.1000000000004,5157.5000000000009,325,91.000000000000014,3]
[1149,16679,47,null,"DB",3.5,42,"C","C",0.41,4000,159,1640,65.19,2150,881.5,-1850,85.657370517928285,35.119521912350592,2]
[1150,16680,47,null,"DB",3.5,45,"C","C",0.47,4000,159,1880,74.72999999999999,2550,1198.5,-1450,101.59362549800797,47.749003984063741,2]
[1151,16681,47,null,"DB",2.5,56,"A","A",0.52,10000,398,5200,206.96,8050,4186,-1950,320.71713147410355,166.77290836653384,3]
[1152,16682,47,null,"DB",4,42,"C","C",0.47,4000,159,1880,74.72999999999999,6777,3185.1899999999996,2777,270,126.89999999999999,4]
[1153,16683,47,null,"MD",5,44,"A","A",0.63,5500,219,3465,137.97,7228.8,4554.1440000000002,1728.8000000000002,288,181.44,5]
[1154,16684,47,null,"MD",5,50,"A","A",0.82,5500,219,4510,179.57999999999998,6275,5145.5,775,250,205,3]
[1155,16685,47,null,"DB",5,55,"C","C",1.01,5000,199,5050,200.99,7002.9000000000005,7072.929000000001,2002.9000000000005,279,281.79000000000002,4]
[1156,16686,47,null,"DB",5,49,"B","B",0.8,6000,239,4800,191.20000000000002,10943.6,8754.880000000001,4943.6000000000004,436,348.8,4]
[1157,16687,47,null,"DB",3,45,"A","A",0.4,8000,319,3200,127.60000000000001,4000,1600,-4000,159.36254980079681,63.745019920318725,2]
[1158,16688,47,null,"DB",2.5,40,"C","C",0.26,4000,159,1040,41.34,4769,1239.94,769,190,49.4,3]
[1159,16689,47,null,"DB",3,45,"D","C",0.4,2500,100,1000,40,1550,620,-950,61.752988047808763,24.701195219123505,2]
[1160,16690,47,null,"DB",2.5,45,"B","B",0.34,6000,239,2040.0000000000002,81.260000000000005,10642.400000000001,3618.4160000000006,4642.4000000000015,424.00000000000006,144.16000000000003,4]
[1161,16691,47,null,"DB",2.5,55,"D","C",0.51,3200,127,1632,64.77,1200,612,-2000,47.808764940239044,24.382470119521912,1]
[1162,16692,47,null,"DB",4,41,"B","B",0.44,6000,239,2640,105.16,13754.800000000001,6052.1120000000001,7754.8000000000011,548,241.12,3]
[1163,16693,47,null,"DB",4,40,"A","A",0.42,8000,319,3360,133.97999999999999,11415,4794.3,3415,454.78087649402386,191.00796812749002,3]
[1164,16694,47,null,"DB",4,44,"C","C",0.51,4000,159,2040,81.09,6450,3289.5,2450,256.97211155378483,131.05577689243026,2]
[1165,16695,47,null,"DB",4,40,"C","C",0.42,4000,159,1680,66.78,7755.9000000000005,3257.4780000000001,3755.9000000000005,309,129.78,3]
[1166,16696,47,null,"DB",3,50,"B","B",0.5,7500,299,3750,149.5,3050,1525,-4450,121.51394422310756,60.756972111553779,2]
[1167,16697,47,null,"DB",4,46,"B","B",0.56000000000000005,6000,239,3360.0000000000005,133.84,9789,5481.84,3789,390,218.40000000000003,4]
[1168,16698,50,null,"MD",10,44,"A","A",1.26,5500,219,6930,275.94,7806.1,9835.6859999999997,2306.1000000000004,311,391.86,5]
[1169,16699,50,null,"MD",12,47,"II","A",1.74,7000,279,12180,485.46,7806.1,13582.614000000001,806.10000000000036,311,541.14,6]
[1170,16700,50,null,"MD",10,46,"A","A",1.38,5500,219,7589.9999999999991,302.21999999999997,7806.1,10772.418,2306.1000000000004,311,429.17999999999995,4]
[1171,16701,50,null,"MD",9,51,"A","A",1.54,5500,219,8470,337.26,8935.6,13760.824000000001,3435.6000000000004,356,548.24,5]
[1172,16702,50,null,"MD",12,51,"A","A",2.0499999999999998,5500,219,11274.999999999998,448.95,8935.6,18317.98,3435.6000000000004,356,729.8,6]
[1173,16703,50,null,"MD",10,46,"B","B",1.38,4000,159,5520,219.42,7806.1,10772.418,3806.1000000000004,311,429.17999999999995,2]
[1174,16704,50,null,"MD",10,60,"A","A",2.37,5500,219,13035,519.03,10316.1,24449.157000000003,4816.1000000000004,411,974.07,6]
[1175,16705,50,null,"MD",12,49,"A","A",1.89,5500,219,10395,413.90999999999997,8935.6,16888.284,3435.6000000000004,356,672.83999999999992,5]
[1176,16706,50,null,"MD",12,48,"A","A",1.81,5500,219,9955,396.39,5500,9955,0,219.1235059760956,396.61354581673305,3]
[1177,16707,50,null,"MD",10,44,"B","B",1.26,4000,159,5040,200.34,6275,7906.5,2275,250,315,4]
[1178,16708,50,null,"MD",12,47,"II","A",1.74,7000,279,12180,485.46,7806.1,13582.614000000001,806.10000000000036,311,541.14,5]
[1179,16709,50,null,"MD",9,50,"II","A",1.48,7000,279,10360,412.92,10316.1,15267.828,3316.1000000000004,411,608.28,6]
[1180,16710,50,null,"MD",11,40,"II","A",1.1499999999999999,7000,279,8049.9999999999991,320.84999999999997,7806.1,8977.0149999999994,806.10000000000036,311,357.65,5]
[1181,16711,50,null,"MD",12,59,"A","A",2.75,5500,219,15125,602.25,8935.6,24572.9,3435.6000000000004,356,979,6]
[1182,16712,50,null,"MD",10,48,"A","A",1.51,5500,219,8305,330.69,8107.3,12242.023000000001,2607.3000000000002,323,487.73,5]
[1183,16713,50,null,"MD",12,49,"II","A",1.89,7000,279,13230,527.30999999999995,8006.9000000000005,15133.041000000001,1006.9000000000005,319,602.91,5]
[1184,16714,48,null,"DB",10,47,"A","A",1.47,8000,319,11760,468.93,13478.7,19813.689000000002,5478.7000000000007,537,789.39,5]
[1185,16715,48,null,"DB",10,41,"A","A",1.1100000000000001,8000,319,8880,354.09000000000003,13227.7,14682.747000000001,5227.7000000000007,527,584.97,5]
[1186,16716,48,null,"DB",6.5,38,"A","B",0.62,5500,219,3410,135.78,10215.700000000001,6333.7340000000004,4715.7000000000007,407,252.34,5]
[1187,16717,48,null,"DB",7,36,"A","B",0.59,5500,219,3245,129.20999999999998,8960.7000000000007,5286.8130000000001,3460.7000000000007,357,210.63,4]
[1188,16718,48,null,"DB",6,39,"D","C",0.6,1500,60,900,36,2550,1530,1050,101.59362549800797,60.95617529880478,3]
[1189,16719,48,null,"DB",6,45,"B","B",0.8,6000,239,4800,191.20000000000002,11470.7,9176.5600000000013,5470.7000000000007,457,365.6,4]
[1190,16720,48,null,"DB",4.2,51,"A","A",0.73,10000,398,7300,290.54000000000002,16465.600000000002,12019.888000000001,6465.6000000000022,656,478.88,5]
[1191,16721,48,null,"DB",2.5,47,"A","A",0.37,8000,319,2960,118.03,8050,2978.5,50,320.71713147410355,118.66533864541832,2]
[1192,16722,48,null,"DB",4,41,"A","A",0.44,8000,319,3520,140.36000000000001,11947.6,5256.9440000000004,3947.6000000000004,476,209.44,5]
[1193,16723,48,null,"DB",6.5,46,"A","A",0.91,8000,319,7280,290.29000000000002,13227.7,12037.207,5227.7000000000007,527,479.57,6]
[1194,16724,48,null,"DB",7.5,46,"A","A",1.05,8000,319,8400,334.95,14758.800000000001,15496.740000000002,6758.8000000000011,588,617.4,7]
[1195,16725,48,null,"DB",6.5,41,"A","A",0.72,8000,319,5760,229.67999999999998,13227.7,9523.9439999999995,5227.7000000000007,527,379.44,4]
[1196,16726,48,null,"DB",6,40,"D","C",0.63,2500,100,1575,63,3550,2236.5,1050,141.43426294820716,89.103585657370516,2]
[1197,16727,48,null,"DB",5,44,"B","B",0.64,6000,239,3840,152.96,10918.5,6987.84,4918.5,435,278.40000000000003,4]
[1198,16728,48,null,"DB",7,42,"B","B",0.81,6000,239,4860,193.59,12315,9975.1500000000015,6315,490.63745019920316,397.4163346613546,5]
[1199,16729,48,null,"DB",5,55,"A","A",1.01,10000,398,10100,401.98,22916.300000000003,23145.463000000003,12916.300000000003,913.00000000000011,922.13000000000011,8]
[1200,16730,48,null,"DB",5.5,46,"D","C",0.77,2500,100,1925,77,1200,924,-1300,47.808764940239044,36.812749003984067,1]
[1201,16731,48,null,"DB",2.5,46,"II","A",0.35,10000,398,3500,139.29999999999998,15361.2,5376.42,5361.2000000000007,612,214.2,3]
[1202,16732,48,null,"MD",8,47,"II","A",1.1599999999999999,7000,279,8119.9999999999991,323.64,8935.6,10365.296,1935.6000000000004,356,412.96,6]
[1203,16733,48,null,"MD",8,40,"C","C",0.83,3000,120,2490,99.6,3765,3124.95,765,150,124.5,3]
[1204,16734,48,null,"DB",2.7,42,"II","A",0.31,10000,398,3100,123.38,13202.6,4092.806,3202.6000000000004,526,163.06,4]
[1205,16735,48,null,"DB",3,44,"C","C",0.38,4000,159,1520,60.42,3150,1197,-850,125.49800796812748,47.689243027888445,2]
[1206,16736,48,null,"DB",3,40,"B","B",0.32,6000,239,1920,76.48,3150,1008,-2850,125.49800796812748,40.159362549800797,2]
[1207,16737,48,null,"DB",4,44,"D","C",0.51,2500,100,1275,51,1200,612,-1300,47.808764940239044,24.382470119521912,1]
[1208,16738,48,null,"DB",4,48,"II","A",0.61,10000,398,6100,242.78,15587.1,9508.1309999999994,5587.1,621,378.81,6]
[1209,16739,48,null,"DB",4,40,"A","A",0.42,8000,319,3360,133.97999999999999,12951.6,5439.6719999999996,4951.6000000000004,516,216.72,5]
[1210,16740,48,null,"DB",2.5,56,"B","B",0.52,7500,299,3900,155.48000000000002,12361,6427.72,4861,492.4701195219123,256.0844621513944,5]
[1211,16741,48,null,"DB",3,40,"B","B",0.32,6000,239,1920,76.48,3150,1008,-2850,125.49800796812748,40.159362549800797,2]
[1212,16742,48,null,"DB",3,43,"A","A",0.37,8000,319,2960,118.03,8050,2978.5,50,320.71713147410355,118.66533864541832,3]
[1213,16743,48,null,"DB",3,44,"A","A",0.38,8000,319,3040,121.22,12851.2,4883.4560000000001,4851.2000000000007,512,194.56,4]
[1214,16744,48,null,"DB",3.2,40,"A","A",0.34,8000,319,2720,108.46000000000001,4000,1360,-4000,159.36254980079681,54.183266932270918,2]
[1215,16745,48,null,"DB",4,49,"A","A",0.64,8000,319,5120,204.16,17595.100000000002,11260.864000000001,9595.1000000000022,701,448.64,5]
[1216,16746,48,null,"DB",4,44,"II","A",0.51,10000,398,5100,202.98,12315,6280.6500000000005,2315,490.63745019920316,250.22509960159363,3]
[1217,16747,48,null,"DB",4,43,"B","B",0.49,6000,239,2940,117.11,11415,5593.3499999999995,5415,454.78087649402386,222.84262948207169,5]
[1218,16748,48,null,"DB",4,40,"D","C",0.42,2500,100,1050,42,1200,504,-1300,47.808764940239044,20.079681274900398,1]
[1219,16749,48,null,"DB",4,40,"A","A",0.42,8000,319,3360,133.97999999999999,11546,4849.32,3546,460,193.2,4]
[1220,16750,51,null,"KL",3,42,"A","A",0.39,3400,135,1326,52.65,5998.9000000000005,2339.5710000000004,2598.9000000000005,239,93.210000000000008,2]
[1221,16751,51,null,"KL",2.5,37,"C","C",0.25,2000,80,500,20,1200,300,-800,47.808764940239044,11.952191235059761,1]
[1222,16752,51,null,"KL",2.4,47,"A","A",0.39,3400,135,1326,52.65,4016,1566.24,616,160,62.400000000000006,2]
[1223,16753,51,null,"KL",2.9,48,"C","C",0.49,2000,80,980,39.200000000000003,1200,588,-800,47.808764940239044,23.426294820717132,1]
[1224,16754,51,null,"KL",2.4,56,"A","A",0.56000000000000005,3400,135,1904.0000000000002,75.600000000000009,1200,672.00000000000011,-2200,47.808764940239044,26.772908366533866,1]
[1225,16755,51,null,"DB",3,47,"C","C",0.44,4000,159,1760,69.959999999999994,2000,880,-2000,79.681274900398407,35.059760956175296,2]
[1226,16756,51,null,"KL",3,60,"A","A",0.8,3400,135,2720,108,1200,960,-2200,47.808764940239044,38.247011952191237,1]
[1227,16757,51,null,"KL",2.5,47,"C","C",0.41,2000,80,820,32.799999999999997,1200,491.99999999999994,-800,47.808764940239044,19.601593625498008,1]
[1228,16758,51,null,"KL",3,42,"B","B",0.39,2800,112,1092,43.68,1200,468,-1600,47.808764940239044,18.645418326693228,1]
[1229,16759,51,null,"KL",2.5,47,"B","B",0.41,2800,112,1148,45.919999999999995,1200,491.99999999999994,-1600,47.808764940239044,19.601593625498008,1]
[1230,16760,51,null,"KL",4,38,"B","C",0.42,2800,112,1176,47.04,1200,504,-1600,47.808764940239044,20.079681274900398,1]
[1231,16761,51,null,"DB",4,73,"A","A",1.44,10000,398,14400,573.12,13122,18895.68,3122,522.78884462151393,752.81593625497999,3]
[1232,16762,51,null,"KL",3.9,72,"B","A",1.51,2800,112,4228,169.12,4518,6822.18,1718,180,271.8,2]
[1233,16763,51,null,"KL",4,60,"B","A",1.07,2800,112,2996,119.84,1200,1284,-1600,47.808764940239044,51.155378486055781,1]
[1234,16764,51,null,"DB",4,54,"B","B",0.78,7500,299,5850,233.22,10291,8026.9800000000005,2791,410,319.8,3]
[1235,16765,51,null,"DB",3.9,63,"B","A",1.04,7500,299,7800,310.96000000000004,7750,8060,250,308.76494023904382,321.11553784860558,2]
[1236,16766,51,null,"DB",2.4,42,"D","C",0.28000000000000003,2500,100,700.00000000000011,28.000000000000004,1200,336.00000000000006,-1300,47.808764940239044,13.386454183266933,1]
[1237,16767,51,null,"KL",2.4,54,"C","C",0.52,2000,80,1040,41.6,3765,1957.8,1765,150,78,2]
[1238,16768,51,null,"DB",3,54,"B","B",0.57999999999999996,7500,299,4350,173.42,3000,1739.9999999999998,-4500,119.5219123505976,69.322709163346602,2]
[1239,16769,51,null,"DB",2.9,40,"B","B",0.31,6000,239,1860,74.09,6550,2030.5,550,260.95617529880479,80.896414342629484,2]
[1240,16770,51,null,"DB",4.0999999999999996,62,"B","A",1.06,7500,299,7950,316.94,13122,13909.320000000002,5622,522.78884462151393,554.15617529880478,4]
[1241,16771,51,null,"DB",3,44,"D","C",0.38,2500,100,950,38,1200,456,-1300,47.808764940239044,18.167330677290838,1]
[1242,16772,51,null,"DB",4,40,"B","B",0.42,6000,239,2520,100.38,6450,2709,450,256.97211155378483,107.92828685258962,2]
[1243,16773,51,null,"DB",4.0999999999999996,68,"B","A",1.28,7500,299,9600,382.72,20782.800000000003,26601.984000000004,13282.800000000003,828.00000000000011,1059.8400000000001,5]
[1244,16774,51,null,"DB",4,72,"D","B",1.4,3200,127,4480,177.79999999999998,1200,1680,-2000,47.808764940239044,66.932270916334659,1]
[1245,16775,51,null,"DB",4,64,"D","C",1.1000000000000001,3200,127,3520.0000000000005,139.70000000000002,1200,1320,-2000,47.808764940239044,52.589641434262951,1]
[1246,16776,51,null,"DB",4,48,"B","B",0.61,6000,239,3660,145.79,12315,7512.15,6315,490.63745019920316,299.28884462151393,4]
[1247,16777,51,null,"KL",4,46,"A","A",0.63,3400,135,2142,85.05,1200,756,-2200,47.808764940239044,30.119521912350599,1]
[1248,16778,51,null,"DB",4.0999999999999996,54,"D","C",0.8,3200,127,2560,101.60000000000001,2150,1720,-1050,85.657370517928285,68.525896414342625,2]
[1249,16779,51,null,"DB",3.1,59,"C","C",0.72,5000,199,3600,143.28,2150,1548,-2850,85.657370517928285,61.673306772908361,2]
[1250,16780,51,null,"KL",2.5,48,"B","B",0.43,2800,112,1204,48.16,1200,516,-1600,47.808764940239044,20.557768924302788,1]
[1251,16781,51,null,"KL",3.1,44,"C","C",0.44,2000,80,880,35.200000000000003,1200,528,-800,47.808764940239044,21.035856573705178,1]
[1252,16782,51,null,"JS",4,61,"D","C",1,1400,56,1400,56,1200,1200,-200,47.808764940239044,47.808764940239044,1]
[1253,16783,51,null,"JS",4,47,"B","B",0.59,3000,120,1770,70.8,3050,1799.5,50,121.51394422310756,71.69322709163346,2]
[1254,16784,51,null,"JS",4,52,"B","B",0.72,3000,120,2160,86.399999999999991,3050,2196,50,121.51394422310756,87.490039840637436,2]
[1255,16785,51,null,"JS",4,53,"C","C",0.75,2300,92,1725,69,2000,1500,-300,79.681274900398407,59.760956175298801,1]
[1256,16786,44,null,"DB",3,65,"B","A",0.85,7500,299,6375,254.15,16289.900000000001,13846.415000000001,8789.9000000000015,649,551.65,5]
[1257,16787,44,null,"DB",2.4,83,"A","A",1.1200000000000001,10000,398,11200.000000000002,445.76000000000005,13561,15188.320000000002,3561,540.27888446215138,605.11235059760963,4]
[1258,16788,44,null,"DB",3,47,"C","C",0.44,4000,159,1760,69.959999999999994,7755.9000000000005,3412.5960000000005,3755.9000000000005,309,135.96,3]
[1259,16789,44,null,"DB",3.4,47,"A","A",0.5,8000,319,4000,159.5,13177.5,6588.75,5177.5,525,262.5,3]
[1260,16790,44,null,"DB",3,55,"C","C",0.61,5000,199,3050,121.39,3150,1921.5,-1850,125.49800796812748,76.553784860557755,2]
[1261,16791,44,null,"DB",3,52,"A","A",0.54,10000,398,5400,214.92000000000002,7750,4185,-2250,308.76494023904382,166.73306772908367,2]
[1262,16792,44,null,"DB",2.4,67,"A","A",0.73,10000,398,7300,290.54000000000002,8050,5876.5,-1950,320.71713147410355,234.1235059760956,2]
[1263,16793,44,null,"DB",3,48,"D","C",0.46,2500,100,1150,46,1200,552,-1300,47.808764940239044,21.992031872509962,1]
[1264,16794,44,null,"DB",3,56,"A","A",0.63,10000,398,6300,250.74,15160.400000000001,9551.0520000000015,5160.4000000000015,604,380.52,3]
[1265,16795,44,null,"DB",3.4,59,"A","A",0.79,10000,398,7900,314.42,15210.6,12016.374000000002,5210.6000000000004,606,478.74,6]
[1266,16796,44,null,"DB",4,86,"C","A",2.0099999999999998,5000,199,10049.999999999998,399.98999999999995,2150,4321.4999999999991,-2850,85.657370517928285,172.17131474103584,2]
[1267,16797,44,null,"DB",4,52,"D","C",0.72,3200,127,2304,91.44,1200,864,-2000,47.808764940239044,34.422310756972109,1]
[1268,16798,44,null,"DB",2.9,67,"D","C",0.88,3200,127,2816,111.76,1200,1056,-2000,47.808764940239044,42.071713147410357,1]
[1269,16799,44,null,"DB",4,72,"D","B",1.4,3200,127,4480,177.79999999999998,1550,2170,-1650,61.752988047808763,86.454183266932262,2]
[1270,16800,44,null,"DB",6,61,"B","A",1.5,7500,299,11250,448.5,10140.400000000001,15210.600000000002,2640.4000000000015,404.00000000000006,606.00000000000011,3]
[1271,16801,44,null,"DB",4,68,"A","A",1.25,10000,398,12500,497.5,20782.800000000003,25978.500000000004,10782.800000000003,828.00000000000011,1035.0000000000002,5]
[1272,16802,44,null,"DB",4,70,"D","B",1.32,3200,127,4224,167.64000000000001,1200,1584,-2000,47.808764940239044,63.107569721115539,1]
[1273,16803,44,null,"DB",4,50,"A","A",0.67,10000,398,6700,266.66000000000003,13195,8840.65,3195,525.69721115537845,352.21713147410361,5]
[1274,16804,44,null,"DB",2.5,59,"C","C",0.57999999999999996,5000,199,2900,115.41999999999999,4050,2349,-950,161.35458167330677,93.585657370517922,2]
[1275,16805,44,null,"DB",3,66,"C","B",0.88,5000,199,4400,175.12,7128.4000000000005,6272.9920000000002,2128.4000000000005,284,249.92,3]
[1276,16806,43,null,"DB",4,42,"D","C",0.47,2500,100,1175,47,1200,564,-1300,47.808764940239044,22.470119521912348,1]
[1277,16807,46,null,"DB",4.2,39,"A","B",0.42,5500,219,2310,91.97999999999999,7379.4000000000005,3099.348,1879.4000000000005,294,123.47999999999999,3]
[1278,16808,46,null,"DB",4.2,46,"C","C",0.59,4000,159,2360,93.809999999999988,2000,1180,-2000,79.681274900398407,47.011952191235061,1]
[1279,16809,31,null,"DB",2.4,58,"A","A",0.54,10000,398,5400,214.92000000000002,8050,4347,-1950,320.71713147410355,173.18725099601593,3]
[1280,16810,46,null,"DB",4.2,41,"B","B",0.47,6000,239,2820,112.33,9789,4600.83,3789,390,183.29999999999998,3]